消滅した政権 - Statistics

General Stats
  • This quiz has been taken 16 times
  • The average score is 95 of 2798
Answer Stats
回答 時期 地域 現在 備考 % Correct
紀元前17世紀頃 - 紀元前1046年 東アジア 中国大陸
100%
紀元前1046年頃 - 紀元前256年 東アジア 中国大陸
100%
紀元前403年 - 紀元前225年 東アジア 中国大陸 戦国七雄
100%
8年 - 23年 東アジア 中国大陸
100%
220年 - 265年 東アジア 中国大陸 三国時代
100%
222年 - 280年 東アジア 中国大陸 三国時代
100%
690年 - 705年 東アジア 中国大陸
100%
902年 - 937年 東アジア 中国大陸 十国
100%
1368年 - 1644年 東アジア 中国大陸
100%
紀元前778年 - 紀元前206年 東アジア 中国大陸 戦国七雄
92%
後漢 25年 - 220年 東アジア 中国大陸
92%
420年 - 479年 東アジア 中国大陸 南朝
92%
後漢 947年 - 950年 東アジア 中国大陸 五代
92%
1271年 - 1368年 東アジア 中国大陸
92%
1616年 - 1912年 東アジア 中国大陸
92%
紀元前1900年頃 - 紀元前1600年頃 東アジア 中国大陸 中国最古の王朝
83%
紀元前403年 - 紀元前230年 東アジア 中国大陸 戦国七雄
83%
前漢 紀元前206年 - 8年 東アジア 中国大陸
83%
407年 - 431年 東アジア 中国大陸 十六国
83%
1363年 - 1371年 東アジア 中国大陸
83%
鎌倉幕府 1180~1192年 - 1333年 東アジア 日本列島 幕府
83%
江戸幕府 1603年 - 1867年 東アジア 日本列島 幕府
83%
オスマン帝国 1299年 - 1922年 西アジア トルコ
83%
紀元前11世紀 - 紀元前223年 東アジア 中国大陸 戦国七雄
75%
紀元前386年 - 紀元前221年 東アジア 中国大陸 戦国七雄
75%
紀元前1100年頃 - 紀元前222年 東アジア 中国大陸 戦国七雄
75%
479年 - 502年 東アジア 中国大陸 南朝
75%
581年 - 618年 東アジア 中国大陸
75%
878年 - 884年 東アジア 中国大陸
75%
907年 - 951年 東アジア 中国大陸 十国
75%
1127年 東アジア 中国大陸
75%
高句麗 紀元前1世紀頃 - 668年 東アジア 朝鮮半島
75%
百済 4世紀前半頃 - 660年 東アジア 朝鮮半島
75%
室町幕府 1336年 - 1573年 東アジア 日本列島 幕府
75%
ソビエト社会主義共和国連邦 1922年 - 1991年 東ヨーロッパ ヨーロッパ・ロシア
75%
紀元前11世紀 - 紀元前376年 東アジア 中国大陸
67%
紀元前403年 - 紀元前228年 東アジア 中国大陸 戦国七雄
67%
221年 - 263年 東アジア 中国大陸 三国時代
67%
高麗 918年 - 1392年 東アジア 朝鮮半島
67%
李氏朝鮮 1392年 - 1910年 東アジア 朝鮮半島
67%
東ローマ帝国 395年 - 1453年 南ヨーロッパ ギリシャ
67%
? - ? 東アジア 中国大陸 伝説上の王朝
58%
618年 - 907年 東アジア 中国大陸
58%
新羅 紀元前57年 - 935年 東アジア 朝鮮半島
58%
ローマ 紀元前753年 - 476年 南ヨーロッパ イタリア
58%
西ローマ帝国 395年 - 476年 南ヨーロッパ イタリア
58%
ドイツ 1945年 - 1949年 中央ヨーロッパ ドイツ
58%
フランク王国 481年 - 843年 西ヨーロッパ フランス
58%
インカ帝国 1438年 - 1533年 南アメリカ 先コロンブス期
58%
東晋 317年 - 420年 東アジア 中国大陸
50%
南宋 1127年 - 1279年 東アジア 中国大陸
50%
916年 - 1125年 東アジア 中国大陸
50%
1115年 - 1234年 東アジア 中国大陸
50%
モンゴル帝国 1206年 - 1634年 東アジア モンゴル高原
50%
ロシア帝国 1721年 - 1917年 東ヨーロッパ ヨーロッパ・ロシア
50%
神聖ローマ帝国 962年 - 1806年 中央ヨーロッパ ドイツ
50%
ドイツ帝国 1848年 - 1849年 中央ヨーロッパ ドイツ
50%
ドイツ帝国 1871年 - 1918年 中央ヨーロッパ ドイツ
50%
西晋 265年 - 316年 東アジア 中国大陸
42%
鮮卑 紀元前3世紀 - 3世紀 東アジア 中国大陸 五胡
42%
北魏 386年 - 534年 東アジア 中国大陸 北朝
42%
後金 1616年 - 1636年 東アジア 満州地域
42%
大韓帝国 1897年 - 1910年 東アジア 朝鮮半島
42%
アッバース朝 750年 - 1258年 西アジア イラク
42%
ポーランド王国 1025年 - 1385年 東ヨーロッパ ポーランド
42%
東フランク王国 843年 - 962年 中央ヨーロッパ ドイツ
42%
ナチス・ドイツ 1933年 - 1945年 中央ヨーロッパ ドイツ
42%
匈奴 紀元前4世紀 - 93年頃 東アジア 中国大陸 五胡
33%
北宋 960年 - 1127年 東アジア 中国大陸
33%
邪馬台国 ? - ? 東アジア 日本列島
33%
アッシリア 紀元前2025年 - 紀元前609年 西アジア イラク
33%
アケメネス朝 紀元前550年 - 紀元前330年 西アジア イラン
33%
サファヴィー朝 1501年 - 1736年 西アジア イラン
33%
東ゴート王国 493年 - 553年 南ヨーロッパ イタリア
33%
西ゴート王国 418年 - 721年 南ヨーロッパ スペイン
33%
ポルトガル王国 1139年 - 1910年 南ヨーロッパ ポルトガル
33%
セルビア王国 1217年 - 1346年 東ヨーロッパ セルビア
33%
セルビア王国 1718年 - 1739年 東ヨーロッパ セルビア
33%
セルビア王国 1882年 - 1918年 東ヨーロッパ セルビア
33%
オーストリア 1945年 - 1955年 中央ヨーロッパ オーストリア
33%
西フランク王国 843年 - 987年 西ヨーロッパ フランス
33%
フランス王国 987年 - 1792年 西ヨーロッパ フランス
33%
ブルボン朝 1589年 - 1830年 西ヨーロッパ フランス
33%
デンマーク王国 8世紀頃 - 1397年 北ヨーロッパ デンマーク
33%
ノルウェー王国 872年 - 1397年 北ヨーロッパ ノルウェー
33%
ノルウェー王国 1814年 北ヨーロッパ ノルウェー
33%
ノルウェー王国 1814年 - 1905年 北ヨーロッパ ノルウェー
33%
東周 紀元前771年頃 - 紀元前256年 東アジア 中国大陸
25%
? - 350年頃? 東アジア 中国大陸 五胡
25%
紀元前5世紀? - ? 東アジア 中国大陸 五胡
25%
後周 951年 - 960年 東アジア 中国大陸 五代
25%
チベット 1912年 - 1951年 東アジア チベット地域
25%
渤海 698年 - 926年 東アジア 満州地域
25%
契丹 916年 - 1125年 東アジア モンゴル高原
25%
箕子朝鮮 紀元前12世紀? - 紀元前194年 東アジア 朝鮮半島 古朝鮮
25%
倭国 ? - ? 東アジア 日本列島
25%
奴国 ? - ? 東アジア 日本列島
25%
ヤマト政権 ? - ? 東アジア 日本列島
25%
南朝 1337年 - 1392年 東アジア 日本列島 幕府
25%
織田政権 1573年 - 1585年 東アジア 日本列島 戦国時代
25%
豊臣政権 1585年 - 1603年 東アジア 日本列島 戦国時代
25%
琉球王国 1429年頃 - 1872年 東アジア 琉球列島
25%
大月氏 紀元前2世紀 - 1世紀 中央アジア 中央アジア
25%
突厥 552年 - 603年 中央アジア 中央アジア
25%
キプチャク 11世紀 - 13世紀 中央アジア 中央アジア
25%
スパルタ 紀元前900年代 - 紀元前192年 南ヨーロッパ ギリシャ ポリス
25%
アテネ 1394年 - 1402年 南ヨーロッパ ギリシャ ヴェネツィア植民地
25%
イタリア王国 962年 - 1801年 南ヨーロッパ イタリア
25%
イタリア王国 1805年 - 1814年 南ヨーロッパ イタリア
25%
イタリア王国 1861年 - 1946年 南ヨーロッパ イタリア
25%
スペイン王国 1808年 - 1873年 南ヨーロッパ スペイン
25%
スペイン王国 1874年 - 1931年 南ヨーロッパ スペイン
25%
スペイン王国 1975年 - 1982年 南ヨーロッパ スペイン
25%
キエフ公国 1132年 - 1471年 東ヨーロッパ ウクライナ ルーシの諸王国
25%
モスクワ大公国 1263年 - 1547年 東ヨーロッパ ヨーロッパ・ロシア
25%
プロイセン王国 1701年 - 1918年 東ヨーロッパ プロイセン
25%
カペー朝 987年 - 1328年 西ヨーロッパ フランス
25%
フランス第一共和政 1792年 - 1804年 西ヨーロッパ フランス
25%
フランス第二共和政 1848年 - 1852年 西ヨーロッパ フランス
25%
フランス第三共和政 1870年 - 1940年 西ヨーロッパ フランス
25%
イングランド王国 927年 - 1707年 西ヨーロッパ イギリス
25%
アイルランド王国 1542年 - 1800年 西ヨーロッパ アイルランド
25%
スウェーデン王国 800年 - 1397年 北ヨーロッパ スウェーデン
25%
スウェーデン王国 1523年 - 現在 北ヨーロッパ スウェーデン
25%
フィンランド王国 1918年 - 1919年 北ヨーロッパ フィンランド
25%
エジプト王国 1922年 - 1953年 北アフリカ エジプト
25%
カルタゴ 紀元前814年 - 紀元前146年 北アフリカ チュニジア
25%
エチオピア帝国 1270年 - 1974年 東アフリカ エチオピア
25%
アステカ帝国 1428年頃 - 1521年 北アメリカ 先コロンブス期
25%
ブラジル帝国 1822年 - 1889年 南アメリカ ブラジル
25%
ハワイ王国 1795年 - 1893年 オセアニア オセアニア
25%
紀元前2世紀 - 580年? 東アジア 中国大陸 五胡
17%
前涼 301年 - 376年 東アジア 中国大陸 十六国
17%
前趙 304年 - 329年 東アジア 中国大陸 十六国
17%
後趙 319年 - 351年 東アジア 中国大陸 十六国
17%
前燕 337年 - 370年 東アジア 中国大陸 十六国
17%
前秦 351年 - 394年 東アジア 中国大陸 十六国
17%
後燕 384年 - 409年 東アジア 中国大陸 十六国
17%
後秦 384年 - 417年 東アジア 中国大陸 十六国
17%
西秦 385年 - 431年 東アジア 中国大陸 十六国
17%
後涼 389年 - 403年 東アジア 中国大陸 十六国
17%
南涼 397年 - 414年 東アジア 中国大陸 十六国
17%
北涼 397年 - 439年 東アジア 中国大陸 十六国
17%
南燕 398年 - 410年 東アジア 中国大陸 十六国
17%
北燕 409年 - 436年 東アジア 中国大陸 十六国
17%
仇池 296年 - 506年 東アジア 中国大陸
17%
315年 - 376年 東アジア 中国大陸
17%
冉魏 350年 - 352年 東アジア 中国大陸
17%
西燕 384年 - 394年 東アジア 中国大陸
17%
東魏 534年 - 550年 東アジア 中国大陸 北朝
17%
北斉 550年 - 577年 東アジア 中国大陸 北朝
17%
西魏 535年 - 556年 東アジア 中国大陸 北朝
17%
北周 556年 - 581年 東アジア 中国大陸 北朝
17%
502年 - 557年 東アジア 中国大陸 南朝
17%
後梁 554年 - 587年 東アジア 中国大陸 南朝
17%
557年 - 589年 東アジア 中国大陸 南朝
17%
後梁 907年 - 923年 東アジア 中国大陸 五代
17%
後唐 923年 - 936年 東アジア 中国大陸 五代
17%
後晋 936年 - 946年 東アジア 中国大陸 五代
17%
西夏 1038年 - 1227年 東アジア 中国大陸
17%
臨時政府 1937年 - 1940年 東アジア 中国大陸 中華民国
17%
南匈奴 48年 - 304年 東アジア モンゴル高原
17%
辰韓 紀元前2世紀 - 356年 東アジア 朝鮮半島 三韓
17%
馬韓 紀元前2世紀末 - 4世紀中葉 東アジア 朝鮮半島 三韓
17%
狗奴国 ? - ? 東アジア 日本列島
17%
平氏政権 1167年 - 1185年 東アジア 日本列島
17%
クシャーナ朝 1世紀頃 - 3世紀頃 南アジア 北インド
17%
グプタ朝 320年 - 550年頃 南アジア 北インド
17%
奴隷王朝 1206年 - 1290年 南アジア 北インド デリー・スルターン朝
17%
ムガル帝国 1526年 - 1858年 南アジア 北インド
17%
セイロン 1948年 - 1972年 南アジア スリランカ
17%
カラハン朝 840年 - 1212年 中央アジア 中央アジア
17%
ティムール朝 1370年 - 1507年 中央アジア 中央アジア
17%
サーサーン朝 224年 - 651年 西アジア イラン
17%
セルジューク朝 1037年 - 1194年 西アジア イラン
17%
カージャール朝 1789年 - 1925年 西アジア イラン
17%
ウマイヤ朝 661年 - 750年 西アジア シリア
17%
ヒッタイト 紀元前1650年 - 紀元前1180年 西アジア トルコ
17%
アルメニア王 1071年 - 1207年 西アジア トルコ ベイリク
17%
イスラエル王国 紀元前1047年 - 紀元前930年 西アジア パレスチナ
17%
アルメニア王国 紀元前331年 - 428年 西アジア アルメニア
17%
マケドニア王国 紀元前7世紀頃 - 紀元前168年 南ヨーロッパ ギリシャ
17%
ラテン帝国 1204年 - 1261年 南ヨーロッパ ギリシャ フランコクラティア
17%
ギリシャ王国 1832年 - 1973年 南ヨーロッパ ギリシャ
17%
帝政ローマ 紀元前27年 - 476年 南ヨーロッパ イタリア
17%
ヴェネツィア共和国 697年 - 1797年 南ヨーロッパ イタリア
17%
教皇領 756年 - 1870年 南ヨーロッパ イタリア
17%
ジェノヴァ共和国 1099年 - 1815年 南ヨーロッパ イタリア
17%
シチリア王国 1130年 - 1816年 南ヨーロッパ イタリア
17%
ローマ共和国 1798年 - 1799年 南ヨーロッパ イタリア
17%
イタリア共和国 1802年 - 1805年 南ヨーロッパ イタリア
17%
ローマ共和国 1849年 - 1850年 南ヨーロッパ イタリア
17%
後ウマイヤ朝 756年 - 1031年 南ヨーロッパ スペイン
17%
ブルガリア王国 1908年 - 1946年 東ヨーロッパ ブルガリア
17%
ルーマニア王国 1881年 - 1947年 東ヨーロッパ ルーマニア
17%
ベラルーシ共和国 1991年 - 1994年 東ヨーロッパ ベラルーシ
17%
クロアチア王国 925年 - 1102年 東ヨーロッパ クロアチア
17%
クロアチア王国 1527年 - 1868年 東ヨーロッパ クロアチア
17%
ボスニア 9世紀頃 - 1154年 東ヨーロッパ ボスニア・ヘルツェゴビナ
17%
ボスニア王国 1377年 - 1463年 東ヨーロッパ ボスニア・ヘルツェゴビナ
17%
アルバニア王国 1271年 - 1383年 東ヨーロッパ アルバニア
17%
アルバニア王国 1928年 - 1939年 東ヨーロッパ アルバニア
17%
アルバニア王国 1943年 - 1944年 東ヨーロッパ アルバニア
17%
オーストリア帝国 1804年 - 1867年 中央ヨーロッパ オーストリア
17%
ライン同盟 1806年 - 1813年 中央ヨーロッパ ドイツ
17%
ドイツ連邦 1815年 - 1866年 中央ヨーロッパ ドイツ
17%
北ドイツ連邦 1867年 - 1871年 中央ヨーロッパ ドイツ
17%
ヴァイマル共和政 1918年 - 1933年 中央ヨーロッパ ドイツ
17%
ドイツ連邦共和国 1949年 - 1990年 中央ヨーロッパ ドイツ
17%
ドイツ民主共和国 1949年 - 1990年 中央ヨーロッパ ドイツ
17%
フランス第一帝政 1804年 - 1814年、1815年 西ヨーロッパ フランス
17%
フランス第二帝政 1852年 - 1870年 西ヨーロッパ フランス
17%
ウェセックス王国 519年 - 886年 西ヨーロッパ イギリス 七王国
17%
スコットランド王国 843年 - 1707年 西ヨーロッパ イギリス
17%
アイルランド自由国 1922年 - 1937年 西ヨーロッパ アイルランド
17%
プトレマイオス朝 紀元前332年 - 紀元前30年 北アフリカ エジプト
17%
マムルーク朝 1250年 - 1517年 北アフリカ エジプト
17%
ムハンマド・アリー朝 1805年 - 1953年 北アフリカ エジプト
17%
マリ王国 1235年 - 1670年 西アフリカ マリ
17%
ソンガイ王国 14世紀頃 - 1591年 西アフリカ マリ
17%
? - ? 西アフリカ ガーナ
17%
コンゴ自由国 1885年 - 1908年 中央アフリカ コンゴ民主共和国
17%
アメリカ連合国 1861年 - 1865年 北アメリカ アメリカ
17%
西周 紀元前1046年頃 - 紀元前771年頃 東アジア 中国大陸
8%
197年 - 199年 東アジア 中国大陸
8%
西涼 400年 - 421年 東アジア 中国大陸 十六国
8%
呉越 907年 - 978年 東アジア 中国大陸 十国
8%
南漢 909年 - 971年 東アジア 中国大陸 十国
8%
907年 - 924年 東アジア 中国大陸
8%
1644年 - 1649年 東アジア 中国大陸
8%
太平天国 1851年 - 1864年 東アジア 中国大陸
8%
中華帝国 1915年 - 1916年 東アジア 中国大陸
8%
中華ソビエト共和国 1931年 - 1935年 東アジア 中国大陸
8%
広州国民政府 1925年 - 1926年 東アジア 中国大陸 中華民国
8%
南京国民政府 1927年 - 1949年 東アジア 中国大陸 中華民国
8%
南京国民政府 1940年 - 1945年 東アジア 中国大陸 傀儡政権
8%
大理 937年 - 1253年 東アジア 雲南高原
8%
吐蕃 618年 - 842年 東アジア チベット地域
8%
烏孫 ? - ? 東アジア 東トルキスタン オアシス都市国家郡
8%
柔然 402年 - 555年 東アジア モンゴル高原
8%
蒙古聯合自治政府 1939年 - 1945年 東アジア モンゴル高原
8%
衛氏朝鮮 紀元前195年? - 紀元前108年 東アジア 朝鮮半島 古朝鮮
8%
弁韓 紀元前2世紀末 - 4世紀 東アジア 朝鮮半島 三韓
8%
任那 4〜5世紀? - 562年 東アジア 朝鮮半島
8%
統監府 1906年 - 1910年 東アジア 朝鮮半島 日本による支配
8%
朝鮮総督府 1910年 - 1945年 東アジア 朝鮮半島 日本による支配
8%
北山王国 14世紀初め - 1416年 東アジア 琉球列島 三山時代
8%
南山王国 14世紀初め - 1429年 東アジア 琉球列島 三山時代
8%
中山王国 1314年頃 - 1429年頃 東アジア 琉球列島 三山時代
8%
鄭氏台湾 1662年 - 1683年 東アジア 台湾島
8%
チャンパ王国 192年 - 1832年 東南アジア ベトナム
8%
李朝 1009年 - 1225年 東南アジア ベトナム
8%
陳朝 1225年 - 1400年 東南アジア ベトナム
8%
ベトナム帝国 1945年 東南アジア ベトナム
8%
ベトナム民主共和国 1945年 - 1976年 東南アジア ベトナム
8%
扶南 50/68年 - 628年 東南アジア カンボジア
8%
アンコール朝 802年 - 1431年 東南アジア カンボジア
8%
ドヴァーラヴァティー王国 6世紀頃 - 11世紀頃 東南アジア タイ
8%
スコータイ王朝 1240年頃 - 1438年 東南アジア タイ
8%
アユタヤ王朝 1351年 - 1767年 東南アジア タイ
8%
ビルマ国 1943年 - 1945年 東南アジア ミャンマー
8%
シュリーヴィジャヤ王国 650年 - 1377年 東南アジア マレー・北ボルネオ
8%
マラッカ王国 1402年頃 - 1511年 東南アジア マレー・北ボルネオ
8%
古マタラム王国 717年 - 929年 東南アジア インドネシア・東ティモール
8%
マタラム王国 1587年 - 1755年 東南アジア インドネシア・東ティモール
8%
ナンダ朝 紀元前4世紀頃 - 紀元前317年頃 南アジア 北インド
8%
マウリヤ朝 紀元前317年頃 - 紀元前180年頃 南アジア 北インド
8%
ヴァルダナ朝 606年頃 - 648年頃 南アジア 北インド
8%
サイイド朝 1414年 - 1451年 南アジア 北インド デリー・スルターン朝
8%
サータヴァーハナ朝 紀元前3世紀頃 - 3世紀頃 南アジア 南インド
8%
ヴィジャヤナガル王国 1336年 - 1649年 南アジア 南インド
8%
マラーター王国 1674年 - 1849年 南アジア 南インド
8%
マイソール王国 1339年 - 1947年 南アジア 南インド
8%
シク王国 1801年 - 1849年 南アジア カシミール
8%
ゴール朝 786年 - 1215年 南アジア アフガニスタン
8%
ガズナ朝 977年 - 1186年 南アジア アフガニスタン
8%
ナスル朝 1029年 - 1225年 南アジア アフガニスタン
8%
アフガニスタン王国 1926年 - 1973年 南アジア アフガニスタン
8%
アフガニスタン共和国 1973年 - 1978年 南アジア アフガニスタン
8%
アフガニスタン共和国 1987年 - 1992年 南アジア アフガニスタン
8%
スキタイ 紀元前1100年 - 301年 中央アジア 中央アジア
8%
烏孫 紀元前2世紀 - 5世紀 中央アジア 中央アジア
8%
フン 370年代 - 469年 中央アジア 中央アジア
8%
西突厥 581年 - 742年 中央アジア 中央アジア
8%
サーマーン朝 819年 - 999年 中央アジア 中央アジア
8%
西遼 1124年 - 1218年 中央アジア 中央アジア
8%
チャガタイ・ハン国 1227年 - 1347年 中央アジア 中央アジア
8%
ブハラ・ハン国 1557年 - 1920年 中央アジア 中央アジア
8%
ヒヴァ・ハン国 1511年 - 1920年 中央アジア 中央アジア
8%
コーカンド・ハン国 1709年 - 1876年 中央アジア 中央アジア
8%
バビロニア 紀元前1890年 - 紀元前539年 西アジア イラク
8%
バビロン第一王朝 紀元前1894年 - 紀元前1595年 西アジア イラク
8%
セレウコス朝 紀元前312年 - 紀元前63年 西アジア イラク
8%
イラク王国 1932年 - 1958年 西アジア イラク
8%
パルティア 紀元前247年 - 224年 西アジア イラン
8%
ブワイフ朝 934年 - 1062年 西アジア イラン
8%
黒羊朝 1374年 - 1468年 西アジア イラン
8%
白羊朝 1378年 - 1508年 西アジア イラン
8%
ミタンニ 紀元前1600年 - 紀元前1260年 西アジア シリア
8%
フェニキア 紀元前2500年 - 紀元前64年 西アジア レバノン
8%
アムル王国 紀元前2000年 - 紀元前1200年 西アジア レバノン
8%
リディア ? - 紀元前546年 西アジア トルコ
8%
ルーム・セルジューク朝 1077年 - 1308年 西アジア トルコ
8%
ユダ王国 紀元前930年 - 紀元前587年 西アジア パレスチナ
8%
ガージャール朝 1796年 - 1925年 西アジア 南コーカサス
8%
ロシア臨時政府 1917年 西アジア 南コーカサス
8%
アゼルバイジャン・ソビエト社会主義共和国 1920年 - 1991年 西アジア 南コーカサス
8%
アルメニア・ソビエト社会主義共和国 1920年 - 1991年 西アジア 南コーカサス
8%
アルツァフ共和国 1991年 - 2023年 西アジア 南コーカサス
8%
極東共和国 1920年 - 1922年 北アジア アジアロシア
8%
共和政ローマ 紀元前509年 - 紀元前27年 南ヨーロッパ イタリア
8%
ランゴバルド王国 568年 - 774年 南ヨーロッパ イタリア
8%
中部フランク王国 843年 - 855年 南ヨーロッパ イタリア
8%
フィレンツェ共和国 1115年 - 1569年 南ヨーロッパ イタリア
8%
両シチリア王国 1816年 - 1861年 南ヨーロッパ イタリア
8%
イタリア社会共和国 1943年 - 1945年 南ヨーロッパ イタリア
8%
アラゴン王国 1035年 - 1707年 南ヨーロッパ スペイン
8%
ナスル朝 1232年 - 1492年 南ヨーロッパ スペイン
8%
スペイン国 1939年 - 1975年 南ヨーロッパ スペイン
8%
キエフ・ルーシ 880年 - 1240年 東ヨーロッパ ウクライナ
8%
クリミア・ハン国 1441年 - 1783年 東ヨーロッパ ウクライナ
8%
ウクライナ人民共和国 1917年 - 1921年 東ヨーロッパ ウクライナ
8%
ウクライナ・ソビエト共和国 1918年 東ヨーロッパ ウクライナ
8%
カルパト・ウクライナ 1939年 東ヨーロッパ ウクライナ
8%
ウクライナ共和国 1991年 - 1996年 東ヨーロッパ ウクライナ
8%
第二次ブルガリア帝国 1185年 - 1422年 東ヨーロッパ ブルガリア
8%
ハンガリー王国 1000年 - 1918年 東ヨーロッパ ハンガリー
8%
ハンガリー共和国 1919年 - 1920年 東ヨーロッパ ハンガリー
8%
ハンガリー王国 1920年 - 1946年 東ヨーロッパ ハンガリー
8%
ハンガリー人民共和国 1949年 - 1989年 東ヨーロッパ ハンガリー
8%
ボヘミア王国 1198年 - 1348年 東ヨーロッパ チェコ
8%
ボヘミア王国 1348年 - 1918年 東ヨーロッパ チェコ
8%
チェコスロバキア社会主義共和国 1948年 - 1990年 東ヨーロッパ チェコ
8%
スロバキア共和国 1939年 - 1945年 東ヨーロッパ スロバキア
8%
ベラルーシ人民共和国 1918年 - 1919年 東ヨーロッパ ベラルーシ
8%
キエフ大公国 880年 - 1240年 東ヨーロッパ ヨーロッパ・ロシア ルーシの諸王国
8%
ノヴゴロド公国 1136年 - 1478年 東ヨーロッパ ヨーロッパ・ロシア
8%
ロシア共和国 1917年 - 1918年 東ヨーロッパ ヨーロッパ・ロシア
8%
ポーランド公国 966年 - 1025年 東ヨーロッパ ポーランド
8%
ポーランド立憲王国 1815年 - 1918年 東ヨーロッパ ポーランド
8%
ポーランド第二共和国 1918年 - 1939年 東ヨーロッパ ポーランド
8%
ポーランド人民共和国 1947年 - 1989年 東ヨーロッパ ポーランド
8%
ドイツ騎士団国 1226年 - 1561年 東ヨーロッパ プロイセン
8%
プロイセン公国 1525年 - 1701年 東ヨーロッパ プロイセン
8%
リトアニア王国 1251年 - 1263年 東ヨーロッパ リトアニア
8%
リトアニア王国 1918年 東ヨーロッパ リトアニア
8%
モルダヴィア・ソビエト社会主義共和国 1940年 - 1991年 東ヨーロッパ モルドバ
8%
カルナーロ=イタリア執政府 1919年 - 1920年 東ヨーロッパ クロアチア
8%
ユーゴスラビア王国 1918年 - 1941年 東ヨーロッパ セルビア
8%
アルバニア共和国 1925年 - 1928年 東ヨーロッパ アルバニア
8%
アルバニア社会主義人民共和国 1946年 - 1992年 東ヨーロッパ アルバニア
8%
オーストリア=ハンガリー帝国 1867年 - 1918年 中央ヨーロッパ オーストリア
8%
ドイツ国 1871年 - 1945年 中央ヨーロッパ ドイツ
8%
バイエルン・レーテ共和国 1919年 中央ヨーロッパ ドイツ
8%
ノルマンディー公国 911年 - 1290年 西ヨーロッパ フランス
8%
ブルゴーニュ公国 918年 - 1790年 西ヨーロッパ フランス
8%
ヴァロワ朝 1328年 - 1589年 西ヨーロッパ フランス
8%
フランス復古王政 1814年 - 1830年 西ヨーロッパ フランス
8%
七月王政 1830年 - 1848年 西ヨーロッパ フランス
8%
パリ・コミューン 1871年 西ヨーロッパ フランス
8%
ヴィシー政権 1940年 - 1944年 西ヨーロッパ フランス
8%
フランス第四共和政 1946年 - 1958年 西ヨーロッパ フランス
8%
イングランド共和国 1649年 - 1653年 西ヨーロッパ イギリス
8%
アイルランド共和国 1798年 西ヨーロッパ アイルランド
8%
アイルランド共和国 1919年 - 1922年 西ヨーロッパ アイルランド
8%
ネーデルラント連邦共和国 1588年 - 1795年 西ヨーロッパ オランダ
8%
ネーデルラント連合王国 1815年 - 1839年 西ヨーロッパ オランダ
8%
ルクセンブルク公国 1353年 - 1797年 西ヨーロッパ ルクセンブルク
8%
北海帝国 1013年 - 1042年 北ヨーロッパ デンマーク
8%
カルマル同盟 1397年 - 1523年 北ヨーロッパ デンマーク
8%
アイスランド共和国 930年頃 - 1262年 北ヨーロッパ アイスランド
8%
アイスランド王国 1918年 - 1944年 北ヨーロッパ アイスランド
8%
イベリア王国 紀元前302年 - 580年 コーカサス コーカサス
8%
アイユーブ朝 1171年 - 1254年 北アフリカ エジプト
8%
エジプト共和国 1953年 - 1958年 北アフリカ エジプト
8%
スーダン共和国 1956年 - 1969年 北アフリカ スーダン
8%
スーダン共和国 1985年 - 2019年 北アフリカ スーダン
8%
ヴァンダル王国 435年 - 534年 北アフリカ チュニジア
8%
ファーティマ朝 909年 - 1171年 北アフリカ チュニジア
8%
チュニジア王国 1956年 - 1957年 北アフリカ チュニジア
8%
リビア・アラブ共和国 1969年 - 1977年 北アフリカ リビア
8%
ムラービト朝 1040年 - 1147年 北アフリカ モロッコ
8%
ムワッヒド朝 1121年 - 1269年 北アフリカ モロッコ
8%
ソマリア共和国 1960年 - 1969年 東アフリカ ソマリア
8%
アクスム王国 50年 - 960年 東アフリカ エチオピア
8%
オーッサ・スルタン国 1734年 - 1936年 東アフリカ エチオピア
8%
ヘル ? - ? 東アフリカ タンザニア ブハ王国群
8%
ドー 11世紀頃 - 18世紀頃 西アフリカ マリ
8%
ビアフラ共和国 1967年 - 1970年 西アフリカ ナイジェリア
8%
ザイール共和国 1971年 - 1997年 中央アフリカ コンゴ民主共和国
8%
ガー ? - ? 中央アフリカ カメルーン ティカールのフォンドン群
8%
オレンジ自由国 1854年 - 1902年 南アフリカ 南アフリカ
8%
テキサス共和国 1836年 - 1845年 北アメリカ アメリカ
8%
メキシコ共和国 1835年 - 1846年 北アメリカ メキシコ
8%
ハイチ王国 1811年 - 1820年 北アメリカ カリブ海地域
8%
13植民地 1607年 - 1783年 北アメリカ アメリカ
8%
? - ? 東アジア 中国大陸 伝説上の王朝
0%
? - ? 東アジア 中国大陸 伝説上の王朝
0%
中漢 23年2月 - 27年 東アジア 中国大陸
0%
桓楚 403年 - 404年 東アジア 中国大陸
0%
成漢 304年 - 347年 東アジア 中国大陸 十六国
0%
翟魏 388年 - 392年 東アジア 中国大陸
0%
後蜀 405年 - 413年 東アジア 中国大陸
0%
大燕 756年 - 763年 東アジア 中国大陸
0%
帰義軍 848年 - 1035年 東アジア 中国大陸
0%
前蜀 907年 - 925年 東アジア 中国大陸 十国
0%
後蜀 934年 - 965年 東アジア 中国大陸 十国
0%
南唐 937年 - 975年 東アジア 中国大陸 十国
0%
荊南 907年 - 963年 東アジア 中国大陸 十国
0%
909年 - 945年 東アジア 中国大陸 十国
0%
北漢 951年 - 979年 東アジア 中国大陸 十国
0%
桀燕 911年 - 913年 東アジア 中国大陸
0%
清源 ? - ? 東アジア 中国大陸
0%
武平 ? - ? 東アジア 中国大陸
0%
劉斉 1130年 - 1137年 東アジア 中国大陸
0%
南明 1644年 - 1661年 東アジア 中国大陸
0%
大西 1644年 - 1646年 東アジア 中国大陸
0%
呉周 1678年 - 1681年 東アジア 中国大陸
0%
昇平天国 1854年 - 1857年 東アジア 中国大陸
0%
直隷派 ? - ? 東アジア 中国大陸 中華軍閥
0%
安徽派 ? - ? 東アジア 中国大陸 中華軍閥
0%
奉天派 ? - ? 東アジア 中国大陸 中華軍閥
0%
山西派 ? - ? 東アジア 中国大陸 中華軍閥
0%
西北派 ? - ? 東アジア 中国大陸 中華軍閥
0%
雲南派 ? - ? 東アジア 中国大陸 中華軍閥
0%
旧広西派 ? - ? 東アジア 中国大陸 中華軍閥
0%
新広西派 ? - ? 東アジア 中国大陸 中華軍閥
0%
馬家軍 ? - ? 東アジア 中国大陸 中華軍閥
0%
新疆派 ? - ? 東アジア 中国大陸 中華軍閥
0%
広州コミューン 1927年 東アジア 中国大陸
0%
秋収コミューン 1927年 東アジア 中国大陸
0%
中華共和国 1933年 - 1934年 東アジア 中国大陸
0%
中華ソビエト人民共和国 1935年 - 1936年 東アジア 中国大陸
0%
中華ソビエト民主共和国 1936年 - 1937年 東アジア 中国大陸
0%
武漢国民政府 1926年 - 1927年 東アジア 中国大陸 中華民国
0%
維新政府 1938年 - 1940年 東アジア 中国大陸 中華民国
0%
督弁上海市政公署 1938年 東アジア 中国大陸 傀儡政権
0%
冀東防共自治政府 1935年 - 1938年 東アジア 中国大陸 傀儡政権
0%
冀察政務委員会 1935年 - 1937年 東アジア 中国大陸 傀儡政権
0%
上海市大道政府 1937年 - 1938年 東アジア 中国大陸 傀儡政権
0%
大中華仏国 1947年 - 1953年 東アジア 中国大陸
0%
大中華仏国 1983年 東アジア 中国大陸
0%
基督天国 1989年 - 2005年 東アジア 中国大陸
0%
ポルトガル領マカオ 1557年 - 1999年 東アジア 中国大陸 植民地
0%
イギリス領香港 1841年 - 1997年 東アジア 中国大陸 植民地
0%
大連租借地 1898年 - 1905年 東アジア 中国大陸 列強の中国租借地
0%
膠州湾租借地 1898年 - 1914年 東アジア 中国大陸 列強の中国租借地
0%
威海衛租借地 1898年 - 1930年 東アジア 中国大陸 列強の中国租借地
0%
新界租借地 1898年 - 1997年 東アジア 中国大陸 列強の中国租借地
0%
広州湾租借地 1900年 - 1945年 東アジア 中国大陸 列強の中国租借地
0%
関東州 1905年 - 1945年 東アジア 中国大陸 列強の中国租借地
0%
紀元前8世紀 - 紀元前109年 東アジア 雲南高原
0%
夜郎 紀元前523年 - 紀元前27年 東アジア 雲南高原
0%
哀牢 紀元前3世紀頃 - 76年 東アジア 雲南高原
0%
慕俄格 300年 - 1698年 東アジア 雲南高原
0%
? - ? 東アジア 雲南高原
0%
思州土司 582年 - 1413年 東アジア 雲南高原
0%
六詔 ? - ? 東アジア 雲南高原
0%
南詔 738年 - 902年 東アジア 雲南高原
0%
羅殿 ? - ? 東アジア 雲南高原
0%
播州土司 876年 - 1600年 東アジア 雲南高原
0%
大長和 902年 - 928年 東アジア 雲南高原
0%
大天興 928年 - 929年 東アジア 雲南高原
0%
大義寧 929年 - 937年 東アジア 雲南高原
0%
大中 1094年 - 1096年 東アジア 雲南高原
0%
羅氏鬼国 1042年 - 1279年 東アジア 雲南高原
0%
自杞 1100年 - 1259年 東アジア 雲南高原
0%
シップソーンパンナー 1180年 - 1950年 東アジア 雲南高原
0%
木氏土司 ? - 1723年 東アジア 雲南高原
0%
梁王国 1267年 - 1382年 東アジア 雲南高原
0%
モンマオ 1335年頃 - 1444年 東アジア 雲南高原
0%
芒市土司 1443年 - 1955年 東アジア 雲南高原
0%
勐卯土司 1611年 - 1955年 東アジア 雲南高原
0%
平南国 1856年 - 1872年 東アジア 雲南高原
0%
吐谷渾 329年 - 663年 東アジア 青海地域
0%
シャンシュン王国 紀元前 - 643年 東アジア チベット地域
0%
グゲ王国 842年 - 1630年 東アジア チベット地域
0%
パクモドゥパ政権 1358年 - 1480年 東アジア チベット地域
0%
グシ・ハン王朝 1642年 - 1724年 東アジア チベット地域
0%
古朝鮮 紀元前?年 - 紀元前108年 東アジア 満州地域
0%
夫餘 紀元前1世紀頃 - 494年 東アジア 満州地域
0%
東丹 926年 - ?年 東アジア 満州地域
0%
後渤海 926年 - 976年頃? 東アジア 満州地域
0%
定安 938年 - 1003年 東アジア 満州地域
0%
兀惹 10世紀後半 東アジア 満州地域
0%
後渤海 989年 - 1018年 東アジア 満州地域
0%
興遼 1029年 - 1030年 東アジア 満州地域
0%
大渤海 1116年 東アジア 満州地域
0%
ゼルトゥガ共和国 1883年 - 1886年 東アジア 満州地域
0%
満洲国満洲帝国関東軍の統治下 1932年 - 1945年 東アジア 満州地域
0%
楼蘭 ? - ? 東アジア 東トルキスタン オアシス都市国家郡
0%
疏勒 ? - ? 東アジア 東トルキスタン オアシス都市国家郡
0%
亀茲 ? - ? 東アジア 東トルキスタン オアシス都市国家郡
0%
焉耆 ? - ? 東アジア 東トルキスタン オアシス都市国家郡
0%
車師 ? - ? 東アジア 東トルキスタン オアシス都市国家郡
0%
莎車 ? - ? 東アジア 東トルキスタン オアシス都市国家郡
0%
姑墨 ? - ? 東アジア 東トルキスタン オアシス都市国家郡
0%
于闐 ? - ? 東アジア 東トルキスタン オアシス都市国家郡
0%
高昌 460年 - 640年 東アジア 東トルキスタン
0%
天山ウイグル王国 856年 - 1211年 東アジア 東トルキスタン
0%
東チャガタイ・ハン国 1340年 - 1462年 東アジア 東トルキスタン
0%
ヤルカンド・ハン国 1514年 - 1696年 東アジア 東トルキスタン
0%
ジュンガル 1637年 - 1755年 東アジア 東トルキスタン
0%
ハミ郡王家 1696年 - 1930年 東アジア 東トルキスタン
0%
第一次東トルキスタン共和国 1933年 - 1934年 東アジア 東トルキスタン
0%
第二次東トルキスタン共和国 1944年 - 1946年 東アジア 東トルキスタン
0%
獫狁 ? - ? 東アジア モンゴル高原
0%
葷粥 ? - ? 東アジア モンゴル高原
0%
山戎 ? - ? 東アジア モンゴル高原
0%
東胡 ? - ? 東アジア モンゴル高原
0%
高車 4世紀 - 6世紀 東アジア モンゴル高原
0%
回鶻 744年 - 840年 東アジア モンゴル高原
0%
カムク・モンゴル 1147年 - 1206年 東アジア モンゴル高原
0%
大元ウルス 1271年 - 1368年 東アジア モンゴル高原
0%
北元 1368年 - 1634年 東アジア モンゴル高原
0%
オイラト ? - ? 東アジア モンゴル高原
0%
大モンゴル国 1911年 - 1924年 東アジア モンゴル高原
0%
察東特別自治区 1933年 - 1936年 東アジア モンゴル高原
0%
蒙古軍政府 1936年 - 1937年 東アジア モンゴル高原
0%
察南自治政府 1938年 - 1939年 東アジア モンゴル高原
0%
晋北自治政府 1937年 - 1939年 東アジア モンゴル高原
0%
蒙古聯盟自治政府 1937年 - 1939年 東アジア モンゴル高原
0%
トゥヴァ人民共和国 1921年 - 1944年 東アジア モンゴル高原
0%
内モンゴル人民共和国 1945年 東アジア モンゴル高原
0%
モンゴル人民共和国 1924年 - 1992年 東アジア モンゴル高原
0%
東モンゴル自治政府 1946年 東アジア モンゴル高原
0%
檀君朝鮮 紀元前2333年 - 紀元前1112年 東アジア 朝鮮半島 古朝鮮
0%
楽浪郡 紀元前108年 - 313年 東アジア 朝鮮半島 漢四郡
0%
真番郡 紀元前108年 - 紀元前82年 東アジア 朝鮮半島 漢四郡
0%
臨屯郡 紀元前108年 - 紀元前82年 東アジア 朝鮮半島 漢四郡
0%
玄菟郡 紀元前107年 - 107年 東アジア 朝鮮半島 漢四郡
0%
統一新羅 676年 - 935年 東アジア 朝鮮半島
0%
報徳国 7世紀後半 東アジア 朝鮮半島
0%
耽羅国 3世紀頃? - 1402年 東アジア 朝鮮半島
0%
于山国 ? - ? 東アジア 朝鮮半島
0%
熊津都督府 660年 - 676年 東アジア 朝鮮半島 唐による支配
0%
安東都護府 668年 - 773年 東アジア 朝鮮半島 唐による支配
0%
鶏林州都督府 ? - ? 東アジア 朝鮮半島 唐による支配
0%
後百済 892年 - 936年 東アジア 朝鮮半島
0%
後高句麗 899年 - 918年 東アジア 朝鮮半島
0%
双城総管府 1258年 - 1356年 東アジア 朝鮮半島 元による支配
0%
東寧府 1269年 - 1290年 東アジア 朝鮮半島 元による支配
0%
朝鮮人民共和国 1945年 東アジア 朝鮮半島
0%
アメリカ軍政庁 1945年 - 1948年 東アジア 朝鮮半島 連合軍軍政期
0%
ソビエト民政庁 1945年 - 1946年 東アジア 朝鮮半島 連合軍軍政期
0%
北朝鮮人民委員会 1946年 - 1948年 東アジア 朝鮮半島 連合軍軍政期
0%
対馬国 ? - ? 東アジア 日本列島
0%
一支国 ? - ? 東アジア 日本列島
0%
末盧国 ? - ? 東アジア 日本列島
0%
伊都国 ? - ? 東アジア 日本列島
0%
不弥国 ? - ? 東アジア 日本列島
0%
投馬国 ? - ? 東アジア 日本列島
0%
毛野国 ? - ? 東アジア 日本列島
0%
筑紫国 ? - ? 東アジア 日本列島
0%
出雲国 ? - ? 東アジア 日本列島
0%
越国 ? - ? 東アジア 日本列島
0%
吉備国 ? - ? 東アジア 日本列島
0%
肥国 ? - ? 東アジア 日本列島
0%
豊国 ? - ? 東アジア 日本列島
0%
日高見国 ? - ? 東アジア 日本列島
0%
平将門政権 ? - ? 東アジア 日本列島
0%
奥州藤原氏政権 ? - ? 東アジア 日本列島
0%
建武政権 1333年 - 1336年 東アジア 日本列島 幕府
0%
細川政権 1493年 - 1549年 東アジア 日本列島 戦国時代
0%
三好政権 1549年 - 1568年 東アジア 日本列島 戦国時代
0%
奥羽越列藩同盟 ? - ? 東アジア 日本列島
0%
蝦夷共和国 1868年 - 1869年 東アジア 日本列島
0%
臨時北部南西諸島政庁 1946年 東アジア 日本列島
0%
連合国軍占領下の日本 1945年 - 1952年 東アジア 日本列島
0%
アメリカ施政権下の小笠原諸島 1945年 - 1968年 東アジア 日本列島
0%
八重山自治会 1945年 - 1946年 東アジア 琉球列島
0%
琉球政府 1952年 - 1972年 東アジア 琉球列島
0%
大肚王国 16世紀半ば - 1732年 東アジア 台湾島
0%
オランダ統治時代の台湾 1624年 - 1662年 東アジア 台湾島
0%
清朝統治時代の台湾 1683年 - 1895年 東アジア 台湾島
0%
台湾民主国 1895年 東アジア 台湾島
0%
鉄国山 1896年 - 1902年 東アジア 台湾島
0%
大靖政権 1897年 - 1898年 東アジア 台湾島
0%
大明慈悲国 1915年 - 1916年 東アジア 台湾島
0%
台湾総督府 1895年 - 1945年 東アジア 台湾島
0%
文郎国 前2879年? - 前258年? 東南アジア ベトナム
0%
甌雒国 前257年 - 前207年 東南アジア ベトナム
0%
南越 前203年 - 前111年 東南アジア ベトナム
0%
第一次北属期 紀元前111年 - 40年 東南アジア ベトナム
0%
徴氏 40年 - 42年 東南アジア ベトナム
0%
第二次北属期 43年 - 544年 東南アジア ベトナム
0%
士氏 187年 - 226年 東南アジア ベトナム
0%
前李朝 544年 - 602年 東南アジア ベトナム
0%
曲氏 906年 - 930年 東南アジア ベトナム
0%
楊氏 931年 - 937年 東南アジア ベトナム
0%
矯氏 937年 - 938年 東南アジア ベトナム
0%
呉朝 939年 - 968年 東南アジア ベトナム
0%
丁朝 968年 - 980年 東南アジア ベトナム
0%
前黎朝 980年 - 1009年 東南アジア ベトナム
0%
胡朝 1400年 - 1407年 東南アジア ベトナム
0%
後陳朝 1407年 - 1414年 東南アジア ベトナム
0%
後陳朝 1426年 - 1428年 東南アジア ベトナム
0%
後黎朝 1428年 - 1527年 東南アジア ベトナム
0%
莫朝 1527年 - 1677年 東南アジア ベトナム
0%
後黎朝 1532年 - 1789年 東南アジア ベトナム
0%
鄭氏政権 1545年 - 1787年 東南アジア ベトナム
0%
阮氏政権 1558年 - 1777年 東南アジア ベトナム
0%
西山朝 1778年 - 1802年 東南アジア ベトナム
0%
阮朝 1802年 - 1945年 東南アジア ベトナム
0%
安南保護国 1883年 - 1945年 東南アジア ベトナム
0%
フランス領インドシナ 1887年 - 1954年 東南アジア ベトナム
0%
ゲティン・ソヴィエト 1930年 - 1931年 東南アジア ベトナム
0%
コーチシナ共和国 1946年 - 1949年 東南アジア ベトナム
0%
ベトナム国 1949年 - 1955年 東南アジア ベトナム
0%
ベトナム共和国 1955年 - 1975年 東南アジア ベトナム
0%
南ベトナム共和国 1975年 - 1976年 東南アジア ベトナム
0%
真臘 550年 - 802年 東南アジア カンボジア
0%
フランス保護領カンボジア 1863年 - 1953年 東南アジア カンボジア
0%
カンボジア王国 1953年 - 1970年 東南アジア カンボジア
0%
クメール共和国 1970年 - 1975年 東南アジア カンボジア
0%
民主カンプチア 1975年 - 1979年 東南アジア カンボジア
0%
カンプチア人民共和国 1979年 - 1989年 東南アジア カンボジア
0%
カンボジア国 1989年 - 1992年 東南アジア カンボジア
0%
南詔 738年 - 902年 東南アジア ラオス
0%
ラーンサーン朝 1354年 - 1709年 東南アジア ラオス
0%
ルアンパバーン王国 1706年 - 1949年 東南アジア ラオス
0%
ヴィエンチャン王国 1707年 - 1828年 東南アジア ラオス
0%
チャンパーサック王国 1713年 - 1904年 東南アジア ラオス
0%
シエンクアーン王国 1788年 - 1899年 東南アジア ラオス
0%
フランス保護領ラオス 1893年 - 1945年 東南アジア ラオス
0%
ラーオ・イサラ 1945年 - 1946年 東南アジア ラオス
0%
ラオス王国 1949年 - 1975年 東南アジア ラオス
0%
ラヴォ王国 450年 - 1388年 東南アジア タイ
0%
ハリプンチャイ王国 661年 - 1292年 東南アジア タイ
0%
パヤオ王国 1094年 - 1338年 東南アジア タイ
0%
プレー王国 12世紀頃 - 1443年 東南アジア タイ
0%
ラーンナータイ王朝 1292年 - 1775年 東南アジア タイ
0%
カーオ王国 13世紀 - 1450年頃 東南アジア タイ
0%
ナーン王国 1727年 - 1931年 東南アジア タイ
0%
トンブリー王朝 1767年 - 1782年 東南アジア タイ
0%
シャム王国 1782年 - 1932年 東南アジア タイ
0%
タトゥン王国 9世紀 - 1057年 東南アジア ミャンマー
0%
パガン王朝 1044年 - 1314年 東南アジア ミャンマー
0%
ペグー朝 1287年 - 1539年 東南アジア ミャンマー
0%
アヴァ王朝 1364年 - 1555年 東南アジア ミャンマー
0%
タウングー王朝 14世紀頃 - 1752年 東南アジア ミャンマー
0%
ニャウンヤン朝 1597年 - 1752年 東南アジア ミャンマー
0%
アラカン王国 1429年 - 1785年 東南アジア ミャンマー
0%
コンバウン王朝 1752年 - 1886年 東南アジア ミャンマー
0%
ビルマ連邦 1948年 - 1974年 東南アジア ミャンマー
0%
ビルマ連邦社会主義共和国 1974年 - 1988年 東南アジア ミャンマー
0%
ミャンマー連邦 1988年 - 2011年 東南アジア ミャンマー
0%
ブルネイ帝国 1368年 - 1888年 東南アジア マレー・北ボルネオ
0%
パタニ王国 1516年 - 1902年 東南アジア マレー・北ボルネオ
0%
海峡植民地 1826年 - 1946年 東南アジア マレー・北ボルネオ
0%
サラワク王国 1841年 - 1963年 東南アジア マレー・北ボルネオ
0%
ラブアン直轄植民地 1848年 - 1946年 東南アジア マレー・北ボルネオ
0%
イギリス領マラヤ 1874年 - 1946年 東南アジア マレー・北ボルネオ
0%
北ボルネオ 1882年 - 1963年 東南アジア マレー・北ボルネオ
0%
マラヤ連合 1946年 - 1948年 東南アジア マレー・北ボルネオ
0%
マラヤ連邦 1948年 - 1963年 東南アジア マレー・北ボルネオ
0%
クタイ王国 4世紀 - 5世紀 東南アジア インドネシア・東ティモール
0%
タルマヌガラ王国 358年 - 669年 東南アジア インドネシア・東ティモール
0%
スンダ王国 669年 - 1579年 東南アジア インドネシア・東ティモール
0%
カリンガ王国 6世紀頃 - 7世紀頃 東南アジア インドネシア・東ティモール
0%
シャイレーンドラ朝 752年頃 - 832年頃 東南アジア インドネシア・東ティモール
0%
クディリ朝 929年 - 1222年 東南アジア インドネシア・東ティモール
0%
シンガサリ朝 1222年 - 1292年 東南アジア インドネシア・東ティモール
0%
サムドラ・パサイ王国 1267年 - 1521年 東南アジア インドネシア・東ティモール
0%
マジャパヒト王国 1293年 - 1527年 東南アジア インドネシア・東ティモール
0%
ドゥマク王国 1475年 - 1554年 東南アジア インドネシア・東ティモール
0%
アチェ王国 1496年 - 1903年 東南アジア インドネシア・東ティモール
0%
バンテン王国 1527年 - 1813年 東南アジア インドネシア・東ティモール
0%
オランダ領東インド 1609年 - 1949年 東南アジア インドネシア・東ティモール
0%
ポルトガル領ティモール 1702年 - 1975年 東南アジア インドネシア・東ティモール
0%
蘭芳共和国 1777年 - 1884年 東南アジア インドネシア・東ティモール
0%
インドネシア連邦共和国 1949年 - 1950年 東南アジア インドネシア・東ティモール
0%
マギンダナオ王国 1515年頃 - 1888年 東南アジア フィリピン
0%
スールー王国 1405年 - 1915年 東南アジア フィリピン
0%
スペイン領東インド 1565年 - 1898年 東南アジア フィリピン
0%
フィリピン第一共和国 1899年 - 1901年 東南アジア フィリピン
0%
フィリピン自治領 1935年 - 1946年 東南アジア フィリピン
0%
フィリピン第二共和国 1943年 - 1945年 東南アジア フィリピン
0%
フィリピン第三共和国 1946年 - 1965年 東南アジア フィリピン
0%
マルコス政権 1965年 - 1986年 東南アジア フィリピン
0%
シシュナーガ朝 ? - 紀元前4世紀頃 南アジア 北インド
0%
シュンガ朝 紀元前180年頃 - 紀元前68年頃 南アジア 北インド
0%
カーンヴァ朝 紀元前68年頃 - 紀元前23年頃 南アジア 北インド
0%
チャーハマーナ朝 551年 - 1192年頃 南アジア 北インド
0%
カラチュリ朝 675年 - 1212年 南アジア 北インド
0%
プラティーハーラ朝 750年頃 - 1018年/1036年 南アジア 北インド
0%
パーラ朝 750年 - 1174年 南アジア 北インド
0%
チャンデーラ朝 831年 - 1315年 南アジア 北インド
0%
パラマーラ朝 9世紀初頭 - 1305年 南アジア 北インド
0%
セーナ朝 1070年 - 1230年 南アジア 北インド
0%
ガーハダヴァーラ朝 1072年 - 1237年 南アジア 北インド
0%
ランタンボール・チャーハマーナ朝 1192年 - 1301年 南アジア 北インド
0%
ハルジー朝 1290年 - 1320年 南アジア 北インド デリー・スルターン朝
0%
トゥグルク朝 1320年 - 1414年 南アジア 北インド デリー・スルターン朝
0%
ローディー朝 1451年 - 1526年 南アジア 北インド デリー・スルターン朝
0%
スール朝 1539年 - 1555年 南アジア 北インド
0%
イギリス領インド帝国 1858年 - 1947年 南アジア 北インド
0%
前期チャールキヤ朝 543年頃 - 753年 南アジア 南インド
0%
ラーシュトラクータ朝 753年 - 973年 南アジア 南インド
0%
後期チャールキヤ朝 973年 - 1189年 南アジア 南インド
0%
東チャールキヤ朝 624年 - 1279年 南アジア 南インド
0%
パッラヴァ朝 275年 - 897年 南アジア 南インド
0%
チョーラ朝 846年頃 - 1279年 南アジア 南インド
0%
ホイサラ朝 1022年 - 1346年 南アジア 南インド
0%
ヤーダヴァ朝 850年頃 - 1317年 南アジア 南インド
0%
カーカティーヤ朝 1000年 - 1323年 南アジア 南インド
0%
パーンディヤ朝 6世紀頃 - 1345年 南アジア 南インド
0%
バフマニー朝 1347年 - 1527年 南アジア 南インド
0%
アフマドナガル王国 1490年 - 1636年 南アジア 南インド デカン・スルターン朝
0%
ベラール王国 1487年/1490年 - 1574年 南アジア 南インド デカン・スルターン朝
0%
ビジャープル王国 1490年 - 1686年 南アジア 南インド デカン・スルターン朝
0%
ゴールコンダ王国 1518年 - 1687年 南アジア 南インド デカン・スルターン朝
0%
ビーダル王国 1528年 - 1619年 南アジア 南インド デカン・スルターン朝
0%
ニザーム王国 1724年 - 1948年 南アジア 南インド
0%
ガウダ王国 4世紀頃 - 626年 南アジア ベンガル地方
0%
ガウル王国 600年 - 1303年 南アジア ベンガル地方
0%
デーヴァ朝 12世紀 - 15世紀 南アジア ベンガル地方
0%
アーホーム王国 1226年 - 1826年 南アジア ベンガル地方
0%
ベンガル・スルターン朝 1342年 - 1576年 南アジア ベンガル地方
0%
シッキム王国 1642年 - 1975年 南アジア ベンガル地方
0%
東パキスタン 1955年 - 1971年 南アジア ベンガル地方
0%
バングラデシュ人民共和国臨時政府 1971年 - 1972年 南アジア ベンガル地方
0%
パトラ・シャーヒー朝 6世紀 - 8世紀 南アジア カシミール
0%
マクポン王国 1190年 - 1840年 南アジア カシミール
0%
ラダック王国 1460年 - 1842年 南アジア カシミール
0%
カシュミール・スルターン朝 1320年 - 1589年 南アジア カシミール
0%
ジャンムー・カシミール藩王国 1846年 - 1952年 南アジア カシミール
0%
ガンダーラ 紀元前700年頃 - 紀元前518年頃 南アジア パキスタン
0%
アプラカラジャス 紀元前52年 - 78年 南アジア パキスタン
0%
インド・パルティア王国 19年 - 226年 南アジア パキスタン
0%
パラタラジャス 125年頃 - 300年頃 南アジア パキスタン
0%
ラーイ朝 489年 - 632年 南アジア パキスタン
0%
バラモン王朝 634年 - 712年 南アジア パキスタン
0%
ハバーリ朝 854年 - 1011年 南アジア パキスタン
0%
ムルターン首長国 855年 - 1010年 南アジア パキスタン
0%
ソームラ朝 1026年 - 1351年 南アジア パキスタン
0%
アマルコット王国 12世紀 - 1947年 南アジア パキスタン
0%
サンマ朝 1351年 - 1524年 南アジア パキスタン
0%
ランガー・スルタン国 1445年 - 1530年 南アジア パキスタン
0%
アルグーン朝 1520年 - 1554年 南アジア パキスタン
0%
タルハーン朝 1554年 - 1593年 南アジア パキスタン
0%
カラート王国 1666年 - 1955年 南アジア パキスタン
0%
パキスタン 1947年 - 1956年 南アジア パキスタン
0%
アヌラーダプラ王国 紀元前377年 - 1017年 南アジア スリランカ
0%
ジャフナ王国 1215年 - 1624年 南アジア スリランカ
0%
コーッテ王国 1415年 - 1597年 南アジア スリランカ
0%
シーターワカ王国 1521年 - 1592年 南アジア スリランカ
0%
キャンディ王国 1469年 - 1815年 南アジア スリランカ
0%
ポルトガル領セイロン 1505年 - 1658年 南アジア スリランカ
0%
オランダ領セイロン 1658年 - 1796年 南アジア スリランカ
0%
イギリス領セイロン 1815年 - 1948年 南アジア スリランカ
0%
スバディバ連合共和国 1959年 - 1963年 南アジア モルディブ
0%
モルディブ・スルターン国 1965年 - 1968年 南アジア モルディブ
0%
ゴーパーラ朝 ? - ? 南アジア ネパール
0%
マヒシャパーラー朝 ? - ? 南アジア ネパール
0%
キラータ朝 ? - ? 南アジア ネパール
0%
カピラヴァストゥ ? - ? 南アジア ネパール
0%
リッチャヴィ朝 4世紀 - 9世紀 南アジア ネパール
0%
タクリ朝 6世紀 - 12世紀 南アジア ネパール
0%
マッラ朝 1200年 - 1769年 南アジア ネパール
0%
バクタプル・マッラ朝 1200年 - 1769年 南アジア ネパール
0%
カトマンズ・マッラ朝 1484年 - 1768年 南アジア ネパール
0%
パタン・マッラ朝 1619年 - 1768年 南アジア ネパール
0%
ゴルカ朝 1559年 - 2008年 南アジア ネパール
0%
ネパール王国 1768年 - 2008年 南アジア ネパール
0%
ムスタン王国 1450年 - 2008年 南アジア ネパール
0%
カンボージャ ? - ? 南アジア アフガニスタン
0%
グレコ・バクトリア王国 紀元前256年頃 - 紀元前120年 南アジア アフガニスタン
0%
インド・グリーク朝 紀元前200年 - 10年 南アジア アフガニスタン
0%
クシャーノ・サーサーン朝 230年 - 365年 南アジア アフガニスタン
0%
キダーラ朝 320年 - 467年 南アジア アフガニスタン
0%
アルハン・フン 370年 - 670年 南アジア アフガニスタン
0%
ネザック・フン 484年 - 665年 南アジア アフガニスタン
0%
吐火羅葉護国 625年 - 758年 南アジア アフガニスタン
0%
テュルク・シャーヒー朝 665年 - 822年 南アジア アフガニスタン
0%
ヒンドゥー・シャーヒー朝 843年 - 1026年 南アジア アフガニスタン
0%
ズンビール 680年 - 870年 南アジア アフガニスタン
0%
ラウィク朝 750年頃 - 977年 南アジア アフガニスタン
0%
バニジュール朝 848年 - 908年 南アジア アフガニスタン
0%
ファリグーン朝 9世紀 - 1010年 南アジア アフガニスタン
0%
サッファール朝 861年 - 1002年 南アジア アフガニスタン
0%
ミフラバン朝 1236年 - 1527年 南アジア アフガニスタン
0%
カルルグ朝 1238年 - 1266年 南アジア アフガニスタン
0%
クルト朝 1244年 - 1381年 南アジア アフガニスタン
0%
ワハーン国 ? - 1883年 南アジア アフガニスタン
0%
ホータキー朝 1709年 - 1738年 南アジア アフガニスタン
0%
ドゥッラーニー朝 1747年 - 1973年 南アジア アフガニスタン
0%
ドゥッラーニー帝国 1747年 - 1823年 南アジア アフガニスタン
0%
サドーザイ朝 1747年 - 1826年 南アジア アフガニスタン
0%
ヘラート首長国 1793年 - 1863年 南アジア アフガニスタン
0%
アフガニスタン首長国 1823年 - 1926年 南アジア アフガニスタン
0%
バーラクザーイー朝 1826年 - 1973年 南アジア アフガニスタン
0%
アフガニスタン民主共和国 1978年 - 1987年 南アジア アフガニスタン
0%
アフガニスタン・イスラム国 1992年 - 2002年 南アジア アフガニスタン
0%
アフガニスタン・イスラム首長国 1996年 - 2001年 南アジア アフガニスタン
0%
アフガニスタン・イスラム移行国 2002年 - 2004年 南アジア アフガニスタン
0%
アフガニスタン・イスラム共和国 2004年 - 2021年 南アジア アフガニスタン
0%
サルマタイ 紀元前5世紀 - 4世紀 中央アジア 中央アジア
0%
マッサゲタイ 紀元前8世紀 - 紀元前3世紀 中央アジア 中央アジア
0%
康居 紀元前1世紀 - 5世紀 中央アジア 中央アジア
0%
アフリーグ朝 305年 - 995年 中央アジア 中央アジア
0%
チャガニヤン国 5世紀 - 10世紀 中央アジア 中央アジア
0%
ウシュルサナ国 600年頃 - 892年/893年 中央アジア 中央アジア
0%
ハザール 650年頃 - 969年 中央アジア 中央アジア
0%
カルルク 7世紀 - 12世紀 中央アジア 中央アジア
0%
イフシード朝 642年 - 755年 中央アジア 中央アジア
0%
カンガル連合 659年 - 750年 中央アジア 中央アジア
0%
クッタル国 676年以降 - 750年/751年 中央アジア 中央アジア
0%
ブハール・フダー 681年以降 - 890年代 中央アジア 中央アジア
0%
突騎施 699年 - 766年 中央アジア 中央アジア
0%
フェルガナ国 712年以降 - 819年 中央アジア 中央アジア
0%
オグズ葉護国 750年 - 1055年 中央アジア 中央アジア
0%
カルルク葉護国 756年 - 840年 中央アジア 中央アジア
0%
東カラハン朝 11世紀半ば - 1210年 中央アジア 中央アジア
0%
西カラハン朝 11世紀半ば - 1212年 中央アジア 中央アジア
0%
キマク・キプチャク連合 880年 - 1035年 中央アジア 中央アジア
0%
クマン・キプチャク連合 10世紀頃 - 1241年 中央アジア 中央アジア
0%
マームーン朝 995年 - 1017年 中央アジア 中央アジア
0%
ホラズム・シャー朝 1077年 - 1231年 中央アジア 中央アジア
0%
モグーリスタン・ハン国 1347年 - 1462年 中央アジア 中央アジア
0%
西チャガタイ・ハン国 1347年 - 1403年 中央アジア 中央アジア
0%
ジョチ・ウルス 1240年代 - 1502年 中央アジア 中央アジア
0%
シャイバーニー朝 1428年 - 1471年 中央アジア 中央アジア
0%
ジャーン朝 1501年 - 1785年 中央アジア 中央アジア
0%
マンギド朝 1785年 - 1920年 中央アジア 中央アジア
0%
ノガイ・オルダ 1440年代 - 1634年 中央アジア 中央アジア
0%
カザフ・ハン国 1465年 - 1847年 中央アジア 中央アジア
0%
ダルヴァズ・ハン国 ? - 1878年 中央アジア 中央アジア
0%
ステップ総督府 1882年 - 1918年 中央アジア 中央アジア
0%
トルキスタン総督府 1867年 - 1917年 中央アジア 中央アジア
0%
ザカスピ州 1881年 - 1921年 中央アジア 中央アジア
0%
トルキスタン自治国 1917年 - 1918年 中央アジア 中央アジア
0%
アラシュ自治国 1917年 - 1920年 中央アジア 中央アジア
0%
ザカスピ臨時政府 1918年 - 1920年 中央アジア 中央アジア
0%
トルキスタン軍事連合 1918年 - 1919年 中央アジア 中央アジア
0%
トルキスタン自治ソビエト社会主義共和国 1918年 - 1924年 中央アジア 中央アジア
0%
臨時フェルガナ政府 1919年 - 1920年 中央アジア 中央アジア
0%
ホラズム人民ソビエト共和国 1920年 - 1924年 中央アジア 中央アジア
0%
ブハラ人民ソビエト共和国 1920年 - 1924年 中央アジア 中央アジア
0%
カザフ自治ソビエト社会主義共和国 1920年 - 1936年 中央アジア 中央アジア
0%
タジク自治ソビエト社会主義共和国 1924年 - 1929年 中央アジア 中央アジア
0%
カラ=キルギス自治州 1924年 - 1926年 中央アジア 中央アジア
0%
ウズベク・ソビエト社会主義共和国 1924年 - 1991年 中央アジア 中央アジア
0%
トルクメン・ソビエト社会主義共和国 1925年 - 1991年 中央アジア 中央アジア
0%
カラカルパク自治州 1925年 - 1932年 中央アジア 中央アジア
0%
キルギス自治ソビエト社会主義共和国 1926年 - 1936年 中央アジア 中央アジア
0%
タジク・ソビエト社会主義共和国 1929年 - 1991年 中央アジア 中央アジア
0%
キルギス・ソビエト社会主義共和国 1936年 - 1991年 中央アジア 中央アジア
0%
カザフ・ソビエト社会主義共和国 1936年 - 1991年 中央アジア 中央アジア
0%
バダフシャン自治共和国 1992年 - 1993年/1997年 中央アジア 中央アジア
0%
シュメール 紀元前5500年 - 紀元前1800年 西アジア イラク
0%
シムリム 紀元前3千年紀 - 紀元前2千年紀 西アジア イラク
0%
アッカド帝国 紀元前2334年 - 紀元前2154年 西アジア イラク
0%
グティ王朝 紀元前2200年 - 紀元前2119年 西アジア イラク
0%
ウル第三王朝 紀元前22世紀頃 - 紀元前21世紀頃 西アジア イラク
0%
イシン・ラルサ時代 紀元前2025年 - 紀元前1763年 西アジア イラク
0%
古アッシリア時代 紀元前2025年 - 紀元前1364年 西アジア イラク
0%
中アッシリア時代 紀元前1363年 - 紀元前912年 西アジア イラク
0%
新アッシリア帝国 紀元前911年 - 紀元前609年 西アジア イラク
0%
カッシート王朝 紀元前1595年 - 紀元前1155年 西アジア イラク
0%
新バビロニア 紀元前626年 - 紀元前539年 西アジア イラク
0%
ハトラ王国 2世紀頃 - 241年 西アジア イラク
0%
ハダバーニー首長国 906年 - 1131年 西アジア イラク
0%
マズヤド朝 961年 - 1160年 西アジア イラク
0%
ウカイル朝 990年 - 1096年 西アジア イラク
0%
ザンギー朝 1127年 - 1250年 西アジア イラク
0%
ババン 16世紀頃 - 1850年 西アジア イラク
0%
アル・ムンタフィク 1530年 - 1918年 西アジア イラク
0%
ハザーイル王国 1534年 - 1921年 西アジア イラク
0%
イラクのマムルーク朝 1704年 - 1831年 西アジア イラク
0%
イギリス委任統治領メソポタミア 1920年 - 1932年 西アジア イラク
0%
アラブ連邦 1958年 西アジア イラク
0%
イラク第一共和国 1958年 - 1968年 西アジア イラク
0%
イラクバアス党政権 1968年 - 2003年 西アジア イラク
0%
連合国暫定当局 2003年 - 2004年 西アジア イラク
0%
エラム 紀元前3200年 - 紀元前539年 西アジア イラン
0%
ルルビ 紀元前3100年 - 紀元前675年 西アジア イラン
0%
マンナエ 紀元前10世紀頃 - 紀元前7世紀頃 西アジア イラン
0%
メディア王国 紀元前678年 - 紀元前550年 西アジア イラン
0%
アトロパテネ王国 紀元前323年 - 226年 西アジア イラン
0%
エリマイス王国 紀元前147年 - 221年 西アジア イラン
0%
ペルシス王 紀元前132年 - 224年 西アジア イラン
0%
カリンヴァン朝 550年 - 11世紀頃 西アジア イラン
0%
ダブイー朝 642年 - 760年 西アジア イラン
0%
ダマーヴァンド大祭司領 651年 - 760年 西アジア イラン
0%
バーワンド朝 651年 - 1349年 西アジア イラン
0%
パードゥースパーン朝 665年 - 1598年 西アジア イラン
0%
ジュスターン朝 791年 - 11世紀頃 西アジア イラン
0%
ターヒル朝 821年 - 873年 西アジア イラン
0%
アラヴィー朝 864年 - 928年 西アジア イラン
0%
サジド朝 889年 - 929年 西アジア イラン
0%
ラワード朝 900年 - 1116年 西アジア イラン
0%
サラリー朝 919年 - 1062年 西アジア イラン
0%
ズィヤール朝 931年 - 1090年 西アジア イラン
0%
イリヤース朝 932年 - 968年 西アジア イラン
0%
ハサナワイフ朝 959年 - 1015年 西アジア イラン
0%
アナーズ朝 990年 - 1117年 西アジア イラン
0%
カークイ朝 1008年 - 1141年 西アジア イラン
0%
シャバンカラ 1030年 - 1424年 西アジア イラン
0%
イルデニズ朝 1136年 - 1225年 西アジア イラン
0%
ニザリ・イスマイリ教国 1090年 - 1257年、1275年 西アジア イラン
0%
ホルムズ王国 11世紀頃 - 1622年 西アジア イラン
0%
ハザーラスプ朝 1115年 - 1424年 西アジア イラン
0%
ヤズド・アタベク朝 1141年 - 1319年 西アジア イラン
0%
サルグル朝 1148年 - 1282年 西アジア イラン
0%
ホルシーディー朝 1184年 - 1597年 西アジア イラン
0%
クトルグ・ハン朝 1222年 - 1306年 西アジア イラン
0%
エシャクヴァンド朝 13世紀頃 - 1592年 西アジア イラン
0%
イルハン朝 1256年 - 1335年 西アジア イラン
0%
ムザッファル朝 1314年 - 1393年 西アジア イラン
0%
インジュー朝 1335年 - 1357年 西アジア イラン
0%
ジャライル朝 1335年 - 1432年 西アジア イラン
0%
サルバダール運動 1337年 - 1381年 西アジア イラン
0%
チョバン朝 1338年 - 1357年 西アジア イラン
0%
アフラシヤブ朝 1349年 - 1504年 西アジア イラン
0%
マルアシー朝 1359年 - 1596年 西アジア イラン
0%
カル・キヤ朝 1370年 - 1592年 西アジア イラン
0%
アルダラーン 14世紀頃 - 1865年 西アジア イラン
0%
ムクリ首長国 1400年 - 1800年 西アジア イラン
0%
ムシャーシャ 1435年 - 1736年 西アジア イラン
0%
アフシャール朝 1736年 - 1796年 西アジア イラン
0%
ムハンマラ首長国 1812年 - 1925年 西アジア イラン
0%
ギーラーン共和国 1920年 - 1921年 西アジア イラン
0%
パフラヴィー朝 1925年 - 1979年 西アジア イラン
0%
アゼルバイジャン国民政府 1945年 - 1946年 西アジア イラン
0%
マハバード共和国 1946年 西アジア イラン
0%
エブラ第一王国 紀元前3000年 - 紀元前2300年 西アジア シリア
0%
エブラ第二王国 紀元前2300年 - 紀元前2000年 西アジア シリア
0%
エブラ第三王国 紀元前2000年 - 紀元前1600年 西アジア シリア
0%
ヤムハド 紀元前1810年 - 紀元前1517年 西アジア シリア
0%
アプム 紀元前1776年 - 紀元前1728年 西アジア シリア
0%
アラム・ダマスカス 紀元前12世紀頃 - 紀元前732年 西アジア シリア
0%
オスロエネ 紀元前132年 - 638年 西アジア シリア
0%
ガッサーン朝 220年 - 638年 西アジア シリア
0%
パルミラ帝国 260年 - 273年 西アジア シリア
0%
ハムダーン朝 890年 - 1004年 西アジア シリア
0%
ミルダース朝 1024年 - 1080年 西アジア シリア
0%
ブーリー朝 1104年 - 1154年 西アジア シリア
0%
第一次アイユーブ朝 1174年 - 1218年 西アジア シリア
0%
第二次アイユーブ朝 1250年 - 1260年 西アジア シリア
0%
占領下敵国領政庁 1918年 - 1920年 西アジア シリア
0%
シリア・アラブ王国 1919年 - 1920年 西アジア シリア
0%
シリア連邦 1922年 - 1925年 西アジア シリア
0%
ダマスカス国 1920年 - 1925年 西アジア シリア
0%
アレッポ国 1920年 - 1925年 西アジア シリア
0%
アラウィー派国 1920年 - 1936年 西アジア シリア
0%
ドゥルーズ派国 1921年 - 1936年 西アジア シリア
0%
シリア国 1925年 - 1930年 西アジア シリア
0%
シリア第一共和国 1930年 - 1950年 西アジア シリア
0%
シリア第二共和国 1950年 - 1963年 西アジア シリア
0%
シリアバアス党政権 1963年 - 2024年 西アジア シリア
0%
トリポリ伯国 1102年 - 1289年 西アジア レバノン
0%
山岳レバノン首長国 1516年 - 1842年 西アジア レバノン
0%
大レバノン 1920年 - 1943年 西アジア レバノン
0%
自由レバノン国 1979年 - 1984年 西アジア レバノン
0%
タバル 紀元前1千年紀 - 紀元前713年 西アジア トルコ
0%
クンムフ ? - 紀元前708年 西アジア トルコ
0%
カルケミシュ 紀元前1321年 - 紀元前717年 西アジア トルコ
0%
フリュギア 紀元前1200年 - 紀元前675年 西アジア トルコ
0%
カッパドキア王国 紀元前331年 - 17年 西アジア トルコ
0%
ペルガモン王国 紀元前282年 - 紀元前129年 西アジア トルコ
0%
ソフェネ王国 紀元前3世紀頃 - 紀元前95年 西アジア トルコ
0%
ポントス王国 紀元前281年 - 62年 西アジア トルコ
0%
コンマゲネ 紀元前163年 - 72年 西アジア トルコ
0%
マルワーン朝 983年 - 1085年 西アジア トルコ
0%
ダニシュメンド朝 1071年 - 1178年 西アジア トルコ ベイリク
0%
サルトゥク朝 1071年 - 1202年 西アジア トルコ ベイリク
0%
チュブク侯国 1085年 - 1112年 西アジア トルコ ベイリク
0%
アルトゥク朝 1102年 - 1409年 西アジア トルコ ベイリク
0%
チョバン侯国 1227年 - 1309年 西アジア トルコ ベイリク
0%
カラマン侯国 1250年 - 1487年 西アジア トルコ ベイリク
0%
エシュレフォ侯国 1280年 - 1326年 西アジア トルコ ベイリク
0%
ジャンダル侯国 1291年 - 1461年 西アジア トルコ ベイリク
0%
アランヤ侯国 1293年 - 1471年 西アジア トルコ ベイリク
0%
カレスィ侯国 1296年 - 1357年 西アジア トルコ ベイリク
0%
ゲルミヤン侯国 1300年 - 1429年 西アジア トルコ ベイリク
0%
キャニク侯国 1300年 - 1460年 西アジア トルコ ベイリク
0%
ハミド侯国 1301年 - 1391年 西アジア トルコ ベイリク
0%
アイドゥン侯国 1308年 - 1426年 西アジア トルコ ベイリク
0%
テケ侯国 1321年 - 1423年 西アジア トルコ ベイリク
0%
エレトナ侯国 1335年 - 1381年 西アジア トルコ ベイリク
0%
ドゥルカディル侯国 1337年 - 1522年 西アジア トルコ ベイリク
0%
エルズィンジャン侯国 1348年 - 1403年 西アジア トルコ ベイリク
0%
ラマザン侯国 1352年 - 1608年 西アジア トルコ ベイリク
0%
エデッサ伯国 1098年 - 1144年 西アジア トルコ
0%
アンティオキア公国 1098年 - 1268年 西アジア トルコ
0%
キリス首長国 1181年 - 1610年 西アジア トルコ
0%
ビトリス公国 1182年 - 1847年 西アジア トルコ
0%
キリキア・アルメニア王国 1198年 - 1375年 西アジア トルコ
0%
ニカイア帝国 1204年 - 1261年 西アジア トルコ
0%
トレビゾンド帝国 1204年 - 1461年 西アジア トルコ
0%
スミルナ地区 1919年 - 1922年 西アジア トルコ
0%
アンカラ政府 1920年 - 1923年 西アジア トルコ
0%
ハタイ国 1938年 - 1939年 西アジア トルコ
0%
エドム 紀元前13世紀頃 - 紀元前553年 西アジア ヨルダン
0%
モアブ 紀元前13世紀頃 - 紀元前400年 西アジア ヨルダン
0%
アンモン 紀元前11世紀頃 - 紀元前332年 西アジア ヨルダン
0%
ナバテア王国 紀元前3世紀頃 - 106年 西アジア ヨルダン
0%
サリフィー朝 4世紀頃 - 6世紀頃 西アジア ヨルダン
0%
トランスヨルダン君主領 1118年 - 1187年 西アジア ヨルダン
0%
トランスヨルダン首長国 1921年 - 1946年 西アジア ヨルダン
0%
フィリスティア 紀元前1175年 - 紀元前604年 西アジア パレスチナ
0%
北イスラエル王国 紀元前930年 - 紀元前720年 西アジア パレスチナ
0%
ハスモン朝 紀元前141年 - 紀元前37年 西アジア パレスチナ
0%
ヘロデ朝 紀元前37年 - 紀元前4年 西アジア パレスチナ
0%
第一次エルサレム王国 1099年 - 1187年 西アジア パレスチナ
0%
第二次エルサレム王国 1192年 - 1291年 西アジア パレスチナ
0%
イギリス委任統治領パレスチナ 1920年 - 1948年 西アジア パレスチナ
0%
全パレスチナ保護国 1948年 - 1959年 西アジア パレスチナ
0%
ケダル 紀元前9世紀頃 - 紀元前1世紀頃 西アジア サウジアラビア
0%
リヒャン 紀元前5世紀頃 - 紀元前1世紀頃 西アジア サウジアラビア
0%
ラフム朝 268年 - 602年 西アジア サウジアラビア
0%
キンダ王国 3世紀頃 - 528年 西アジア サウジアラビア
0%
初期イスラム国家 622年 - 632年 西アジア サウジアラビア
0%
正統カリフ 632年 - 661年 西アジア サウジアラビア
0%
カルマト派 899年 - 1077年 西アジア サウジアラビア
0%
メッカ・シャリーフ国 967年 - 1916年 西アジア サウジアラビア
0%
ウユニ朝 1076年 - 1238年 西アジア サウジアラビア
0%
ウスフール朝 1253年 - 1392年 西アジア サウジアラビア
0%
ジャルワン朝 1310年 - 1417年 西アジア サウジアラビア
0%
ジャブル首長国 1417年 - 1524年 西アジア サウジアラビア
0%
ディルイーヤ長老領 1446年 - 1744年 西アジア サウジアラビア
0%
ナジュラーン首長国 1633年 - 1934年 西アジア サウジアラビア
0%
バニ・ハリド首長国 1669年 - 1796年 西アジア サウジアラビア
0%
第一次サウード王国 1744年 - 1818年 西アジア サウジアラビア
0%
ムアマル・イマーム国 1818年 - 1824年 西アジア サウジアラビア
0%
第二次サウード王国 1824年 - 1891年 西アジア サウジアラビア
0%
アル・アイド首長国 1833年 - 1919年 西アジア サウジアラビア
0%
ジャバル・シャンマル首長国 1836年 - 1921年 西アジア サウジアラビア
0%
リヤド首長国 1902年 - 1913年 西アジア サウジアラビア
0%
アスィール首長国 1907年 - 1934年 西アジア サウジアラビア
0%
ナジュド及びハッサ王国 1913年 - 1921年 西アジア サウジアラビア
0%
上アスィール首長国 1916年 - 1920年 西アジア サウジアラビア
0%
ヒジャーズ王国 1916年 - 1925年 西アジア サウジアラビア
0%
ナジュド・スルタン国 1921年 - 1926年 西アジア サウジアラビア
0%
ナジュド及びヒジャーズ王国 1926年 - 1932年 西アジア サウジアラビア
0%
ウラルトゥ 紀元前860年 - 紀元前590年 西アジア アルメニア
0%
アルメニア総督領 紀元前570年 - 紀元前321年 西アジア アルメニア
0%
アルメニア首長国 644年 - 884年 西アジア アルメニア
0%
ヘムシン公国 790年 - 1486年 西アジア アルメニア
0%
バグラトゥニ朝アルメニア 880年 - 1045年 西アジア アルメニア
0%
シャッダード朝 951年 - 1199年 西アジア アルメニア
0%
タシール・ツォラゲト王国 979年 - 1118年 西アジア アルメニア
0%
シュニク王国 987年 - 1170年 西アジア アルメニア
0%
ザカリアン朝アルメニア 1201年 - 1350年 西アジア アルメニア
0%
アルメニア第一共和国 1918年 - 1920年 西アジア アルメニア
0%
山岳アルメニア共和国 1921年 西アジア アルメニア
0%
カタバーン王国 紀元前1千年紀 - 1世紀頃 西アジア イエメン
0%
ハドラマウト王国 紀元前1千年紀 - 290年 西アジア イエメン
0%
アウサーン王国 紀元前8世紀頃 - 紀元前7世紀頃 西アジア イエメン
0%
マイーン王国 紀元前8世紀頃 - 1世紀頃 西アジア イエメン
0%
サバア王国 紀元前800年 - 紀元前275年 西アジア イエメン
0%
ヒムヤル王国 紀元前110年 - 575年 西アジア イエメン
0%
ズィヤード朝 819年 - 1018年 西アジア イエメン
0%
ナジャフ朝 1022年 - 1158年 西アジア イエメン
0%
スライフ朝 1047年 - 1138年 西アジア イエメン
0%
ズライ朝 1083年 - 1174年 西アジア イエメン
0%
ラスール朝 1229年 - 1454年 西アジア イエメン
0%
タヒール・スルタン国 1454年 - 1517年 西アジア イエメン
0%
カーシム朝 1597年 - 1849年 西アジア イエメン
0%
バイダ・スルタン国 1636年 - 1930年 西アジア イエメン
0%
アデン保護領 1872年 - 1963年 西アジア イエメン
0%
カシーリー国 1395年 - 1967年 西アジア イエメン アデン保護領
0%
マフラ・スルタン国 1432年 - 1967年 西アジア イエメン アデン保護領
0%
ワーヒディー・ハッバーン・スルタン国 1640年 - 1967年 西アジア イエメン アデン保護領
0%
ワーヒディー・バルハーフ・スルタン国 1830年 - 1967年 西アジア イエメン アデン保護領
0%
ワーヒディー・ビール・アリー・スルタン国 1830年 - 1967年 西アジア イエメン アデン保護領
0%
クアイティー国 1858年 - 1967年 西アジア イエメン アデン保護領
0%
ベイハーン首長国 1680年 - 1967年 西アジア イエメン アデン保護領
0%
上ヤーファ国 1680年 - 1967年 西アジア イエメン アデン保護領
0%
ファドリー・スルタン国 17世紀頃 - 1967年 西アジア イエメン アデン保護領
0%
ラヒジュ・スルタン国 1728年 - 1967年 西アジア イエメン アデン保護領
0%
アラウィー首長国 ? - 1967年 西アジア イエメン アデン保護領
0%
アクラビー首長国 1770年 - 1967年 西アジア イエメン アデン保護領
0%
マウサタ国 1780年 - 1967年 西アジア イエメン アデン保護領
0%
アウダリー・スルタン国 18世紀頃 - 1967年 西アジア イエメン アデン保護領
0%
ダシーナ首長国 18世紀頃 - 1967年 西アジア イエメン アデン保護領
0%
ハウシャビー・スルタン国 18世紀頃 - 1967年 西アジア イエメン アデン保護領
0%
下アワーラク・スルタン国 18世紀頃 - 1967年 西アジア イエメン アデン保護領
0%
シャイブ首長国 18世紀頃 - 1967年 西アジア イエメン アデン保護領
0%
上アワーラク首長国 18世紀頃 - 1967年 西アジア イエメン アデン保護領
0%
上アワーラク・スルタン国 18世紀頃 - 1967年 西アジア イエメン アデン保護領
0%
ブーシ首長国 18世紀頃 - 1967年 西アジア イエメン アデン保護領
0%
ドゥビー首長国 18世紀頃 - 1967年 西アジア イエメン アデン保護領
0%
ダーリ首長国 19世紀頃 - 1967年 西アジア イエメン アデン保護領
0%
下ヤーファ・スルタン国 1800年 - 1967年 西アジア イエメン アデン保護領
0%
ハドラミ首長国 1820年 - 1967年 西アジア イエメン アデン保護領
0%
マフラヒー首長国 1850年 - 1967年 西アジア イエメン アデン保護領
0%
イエメン王国 1918年 - 1970年 西アジア イエメン
0%
アデン植民地 1937年 - 1963年 西アジア イエメン
0%
南アラビア首長国連邦 1959年 - 1962年 西アジア イエメン
0%
南アラビア連邦 1962年 - 1967年 西アジア イエメン
0%
イエメン・アラブ共和国 1962年 - 1990年 西アジア イエメン
0%
南アラビア保護領 1963年 - 1967年 西アジア イエメン
0%
イエメン人民民主共和国 1967年 - 1990年 西アジア イエメン
0%
イエメン民主共和国 1994年 西アジア イエメン
0%
シルバン・シャー朝 861年 - 1538年 西アジア アゼルバイジャン
0%
オマーン・イマーム国 749年 - 1959年 西アジア オマーン
0%
ワジー朝 926年 - 965年 西アジア オマーン
0%
ナバーニ朝 1154年 - 1624年 西アジア オマーン
0%
オマーン帝国 1696年 - 1856年 西アジア オマーン
0%
マスカット・オマーン 1856年 - 1970年 西アジア オマーン
0%
クウェート首長国 1752年 - 1961年 西アジア クウェート
0%
クウェート共和国 1990年 西アジア クウェート
0%
バーレーンおよび属領 1783年 - 1971年 西アジア バーレーン
0%
休戦オマーン 1820年 - 1971年 西アジア アラブ首長国連邦
0%
コルキス王国 紀元前6世紀 - 紀元前1世紀 西アジア 南コーカサス
0%
コンマゲネ王国 紀元前162年 - 72年 西アジア 南コーカサス
0%
アルツァフ王国 1000年 - 1261年 西アジア 南コーカサス
0%
グルジア王国 1008年 - 1490年 西アジア 南コーカサス
0%
アヴァール・ハン国 12世紀 - 1864年 西アジア 南コーカサス
0%
カルトリ王国 1462年 - 1762年 西アジア 南コーカサス
0%
サファーヴィー朝 1501年 - 1736年 西アジア 南コーカサス
0%
サメグレロ公国 1557年 - 1867年 西アジア 南コーカサス
0%
カジクムフ・ハン国 1642年 - 1860年 西アジア 南コーカサス
0%
ザンド朝 1750年 - 1794年 西アジア 南コーカサス
0%
バクー・コミューン 1918年 西アジア 南コーカサス
0%
ザカフカース民主連邦共和国 1918年 西アジア 南コーカサス
0%
アゼルバイジャン民主共和国 1918年 - 1920年 西アジア 南コーカサス
0%
グルジア民主共和国 1918年 - 1921年 西アジア 南コーカサス
0%
アラス共和国 1918年 - 1919年 西アジア 南コーカサス
0%
カスピ海艦隊中央委員会独裁政権 1918年 西アジア 南コーカサス
0%
バトゥミ共和国 1919年 西アジア 南コーカサス
0%
グルジア・ソビエト社会主義共和国 1921年 - 1991年 西アジア 南コーカサス
0%
アブハジア社会主義ソビエト共和国 1921年 - 1931年 西アジア 南コーカサス
0%
アジャリア自治ソビエト社会主義共和国 1921年 - 1991年 西アジア 南コーカサス
0%
ザカフカース社会主義連邦ソビエト共和国 1922年 - 1936年 西アジア 南コーカサス
0%
ナヒチェヴァン自治ソビエト社会主義共和国 1924年 - 1990年 西アジア 南コーカサス
0%
シビル・ハン国 1490年代 - 1598年 北アジア アジアロシア
0%
日本統治時代の南樺太 1905年 - 1945年 北アジア アジアロシア
0%
樺太庁 1907年 - 1949年 北アジア アジアロシア
0%
ブリヤート=モンゴル国 1917年 - 1921年 北アジア アジアロシア
0%
シベリア・ソビエト共和国 1918年 北アジア アジアロシア
0%
シベリア共和国 1918年 北アジア アジアロシア
0%
シベリア暫定自治政府 1918年 北アジア アジアロシア
0%
シベリア暫定政府 1918年 北アジア アジアロシア
0%
ザバイカル共和国 1918年 - 1920年 北アジア アジアロシア
0%
沿海州共和国 1918年 - 1920年 北アジア アジアロシア
0%
ロシア東方辺境 1920年 北アジア アジアロシア
0%
極東ウクライナ共和国 1920年 - 1922年 北アジア アジアロシア
0%
暫定ツングース中央政府 1924年 - 1925年 北アジア アジアロシア
0%
アテナイ 紀元前508年 - 紀元前322年 南ヨーロッパ ギリシャ ポリス
0%
エピロス専制公国 1205年 - 1479年 南ヨーロッパ ギリシャ
0%
テッサロニキ王国 1204年 - 1224年 南ヨーロッパ ギリシャ フランコクラティア
0%
フィリッポポリス公国 1204年 - 1230年 南ヨーロッパ ギリシャ フランコクラティア
0%
ボドニツァ辺境伯国 1204年 - 1414年 南ヨーロッパ ギリシャ フランコクラティア
0%
ネグロポンテ三頭政治国 1204年 - 1470年 南ヨーロッパ ギリシャ フランコクラティア
0%
サロナ伯国 1205年 - 1410年 南ヨーロッパ ギリシャ フランコクラティア
0%
アカイア公国 1205年 - 1432年 南ヨーロッパ ギリシャ フランコクラティア
0%
アテネ公国 1205年 - 1458年 南ヨーロッパ ギリシャ フランコクラティア
0%
リムノス 1207年 - 1278年 南ヨーロッパ ギリシャ フランコクラティア
0%
ナクソス公国 1207年 - 1579年 南ヨーロッパ ギリシャ フランコクラティア
0%
ケファロニア・ザキントス宮中伯国 1185年 - 1479年 南ヨーロッパ ギリシャ
0%
ネオパトラス公国 1319年 - 1390年 南ヨーロッパ ギリシャ
0%
カンディア王国 1205年 - 1715年 南ヨーロッパ ギリシャ ヴェネツィア植民地
0%
コルフ 1207年 - 1797年 南ヨーロッパ ギリシャ ヴェネツィア植民地
0%
モドン、コロン 1207年 - 1500年 南ヨーロッパ ギリシャ ヴェネツィア植民地
0%
ナウプリア 1388年 - 1540年 南ヨーロッパ ギリシャ ヴェネツィア植民地
0%
アルゴス 1394年 - 1462年 南ヨーロッパ ギリシャ ヴェネツィア植民地
0%
パルガ 1401年 - 1797年 南ヨーロッパ ギリシャ ヴェネツィア植民地
0%
レパント 1407年 - 1540年 南ヨーロッパ ギリシャ ヴェネツィア植民地
0%
パトラス 1408年 - 1419年 南ヨーロッパ ギリシャ ヴェネツィア植民地
0%
北スポラデス 1453年 - 1538年 南ヨーロッパ ギリシャ ヴェネツィア植民地
0%
モネンバシア 1460年 - 1540年 南ヨーロッパ ギリシャ ヴェネツィア植民地
0%
ザキントス 1479年 - 1797年 南ヨーロッパ ギリシャ ヴェネツィア植民地
0%
ケファロニア、イタカ 1500年 - 1797年 南ヨーロッパ ギリシャ ヴェネツィア植民地
0%
レフカス 1684年 - 1797年 南ヨーロッパ ギリシャ ヴェネツィア植民地
0%
ボニッツァ 1684年 - 1797年 南ヨーロッパ ギリシャ ヴェネツィア植民地
0%
モレア王国 1688年 - 1715年 南ヨーロッパ ギリシャ ヴェネツィア植民地
0%
プレヴェザ 1717年 - 1797年 南ヨーロッパ ギリシャ ヴェネツィア植民地
0%
キオス君主領 1304年 - 1329年 南ヨーロッパ ギリシャ ジェノヴァ植民地
0%
サモトラキ 1355年 - 1457年 南ヨーロッパ ギリシャ ジェノヴァ植民地
0%
レスボス 1355年 - 1462年 南ヨーロッパ ギリシャ ジェノヴァ植民地
0%
レムノス、タソス 1414年 - 1462年 南ヨーロッパ ギリシャ ジェノヴァ植民地
0%
テッサロニキ帝国 1224年 - 1246年 南ヨーロッパ ギリシャ
0%
モレアス専制公国 1349年 - 1460年 南ヨーロッパ ギリシャ
0%
アルタ専制公国 1359年 - 1416年 南ヨーロッパ ギリシャ
0%
フランス領イオニア諸島 1797年 - 1800年 南ヨーロッパ ギリシャ
0%
イオニア七島連邦国 1800年 - 1807年 南ヨーロッパ ギリシャ
0%
フランス占領下のイオニア諸島 1807年 - 1815年 南ヨーロッパ ギリシャ
0%
イオニア諸島合衆国 1815年 - 1864年 南ヨーロッパ ギリシャ
0%
メッセニア議会 1821年 南ヨーロッパ ギリシャ
0%
ペロポネソス議会 1821年 - 1823年 南ヨーロッパ ギリシャ
0%
本土西部ギリシャ議会 1821年 - 1823年 南ヨーロッパ ギリシャ
0%
本土東部ギリシャ議会 1821年 - 1825年 南ヨーロッパ ギリシャ
0%
サモス島軍政体制 1821年 - 1834年 南ヨーロッパ ギリシャ
0%
ギリシャ第一共和政 1822年 - 1832年 南ヨーロッパ ギリシャ
0%
サモス公国 1834年 - 1912年 南ヨーロッパ ギリシャ
0%
クレタ国 1898年 - 1913年 南ヨーロッパ ギリシャ
0%
イカリア自由国 1912年 南ヨーロッパ ギリシャ
0%
イタリア領エーゲ海諸島 1912年 - 1945年 南ヨーロッパ ギリシャ
0%
国防臨時政府 1916年 - 1917年 南ヨーロッパ ギリシャ
0%
ギリシャ第二共和政 1924年 - 1935年 南ヨーロッパ ギリシャ
0%
八月四日体制 1936年 - 1941年 南ヨーロッパ ギリシャ
0%
ギリシャ国 1941年 - 1944年 南ヨーロッパ ギリシャ
0%
ピンドス公国・マケドニア公国 1941年 - 1942年 南ヨーロッパ ギリシャ
0%
国民解放政治委員会 1944年 南ヨーロッパ ギリシャ
0%
臨時民主政府 1947年 - 1950年 南ヨーロッパ ギリシャ
0%
ギリシャ軍事政権 1967年 - 1974年 南ヨーロッパ ギリシャ
0%
エトルリア 紀元前900年 - 紀元前27年 南ヨーロッパ イタリア
0%
王政ローマ 紀元前753年 - 紀元前509年 南ヨーロッパ イタリア
0%
ペルージャ公国 554年 - 752年 南ヨーロッパ イタリア
0%
ラヴェンナ総督府 583年 - 751年 南ヨーロッパ イタリア
0%
ナポリ公国 661年 - 1137年 南ヨーロッパ イタリア
0%
ペンタポリス公国 7世紀頃 - 752年 南ヨーロッパ イタリア
0%
ローマ公国 7世紀後半 - 756年 南ヨーロッパ イタリア
0%
シチリア・テマ 687年 - 902年 南ヨーロッパ イタリア
0%
ガエータ公国 839年 - 1140年 南ヨーロッパ イタリア
0%
ソレント公国 840年 - 1137年 南ヨーロッパ イタリア
0%
ロンゴバルディア・テマ 891年 - 965年 南ヨーロッパ イタリア
0%
イタリア・カテパナ 965年 - 1071年 南ヨーロッパ イタリア
0%
ルカニア・テマ 968年 - 1050年 南ヨーロッパ イタリア
0%
オドアケルのイタリア王国 476年 - 493年 南ヨーロッパ イタリア
0%
フリウーリ公国 568年 - 828年 南ヨーロッパ イタリア
0%
イヴレーア公国 568年 - 888年 南ヨーロッパ イタリア
0%
スポレート公国 570年 - 1201年 南ヨーロッパ イタリア
0%
トゥスキア公国 576年 - 797年 南ヨーロッパ イタリア
0%
ベネヴェント公国 577年 - 774年 南ヨーロッパ イタリア
0%
トリデントゥム公国 ? - 951年 南ヨーロッパ イタリア
0%
ウルビーノ公国 1443年 - 1631年 南ヨーロッパ イタリア
0%
フェラーラ公国 1471年 - 1597年 南ヨーロッパ イタリア
0%
カストロ公国 1537年 - 1649年 南ヨーロッパ イタリア
0%
パルマ・エ・ピアチェンツァ公国 1545年 - 1731年 南ヨーロッパ イタリア
0%
ベネヴェント大公国 774年 - 1081年 南ヨーロッパ イタリア
0%
シチリア首長国 827年 - 1091年 南ヨーロッパ イタリア
0%
バーリ首長国 847年 - 871年 南ヨーロッパ イタリア
0%
サレルノ公国 851年 - 1077年 南ヨーロッパ イタリア
0%
カプア公国 861年 - 1139年 南ヨーロッパ イタリア
0%
アマルフィ公国 958年 - 1137年 南ヨーロッパ イタリア
0%
フリウーリ辺境伯領 828年 - 952年 南ヨーロッパ イタリア
0%
トスカーナ辺境伯領 846年 - 1197年 南ヨーロッパ イタリア
0%
イヴレーア辺境伯領 888年 - 1015年 南ヨーロッパ イタリア
0%
トリノ辺境伯領 941年 - 1091年 南ヨーロッパ イタリア
0%
ヴェローナ辺境伯領 952年 - 1167年 南ヨーロッパ イタリア
0%
モンフェッラート侯国 967年 - 1574年 南ヨーロッパ イタリア
0%
フィナーレ侯国 967年 - 1797年 南ヨーロッパ イタリア
0%
フリウーリ国 1077年 - 1433年 南ヨーロッパ イタリア
0%
アンコーナ辺境伯領 1100年 - 1798年 南ヨーロッパ イタリア
0%
チェーヴァ侯国 1125年 - 1427年 南ヨーロッパ イタリア
0%
ミラノ君主領 1259年 - 1395年 南ヨーロッパ イタリア
0%
帝国自由都市トリエステ 1382年 - 1922年 南ヨーロッパ イタリア
0%
マントヴァ侯国 1433年 - 1530年 南ヨーロッパ イタリア
0%
モンフェッラート公国 1574年 - 1708年 南ヨーロッパ イタリア
0%
サヴォイア国家 南ヨーロッパ イタリア
0%
サヴォイア伯国 1003年 - 1416年 南ヨーロッパ イタリア
0%
アオスタ公国 11世紀頃 - 1766年 南ヨーロッパ イタリア
0%
サヴォイア公国 1416年 - 1720年 南ヨーロッパ イタリア
0%
ブレッサノーネ司教領 1027年 - 1803年 南ヨーロッパ イタリア
0%
トレント司教領 1027年 - 1803年 南ヨーロッパ イタリア
0%
サルッツォ侯国 1142年 - 1548年 南ヨーロッパ イタリア
0%
インチーザ侯国 1161年 - 1548年 南ヨーロッパ イタリア
0%
サッサリ共和国 1259年 - 1323年 南ヨーロッパ イタリア
0%
サンタ・フィオーラ伯領 1274年 - 1806年 南ヨーロッパ イタリア
0%
ミランドラ公国 1310年 - 1711年 南ヨーロッパ イタリア
0%
ミラノ公国 1395年 - 1796年 南ヨーロッパ イタリア
0%
ピオンビーノ公国 1398年 - 1805年 南ヨーロッパ イタリア
0%
グアスタッラ伯領 1406年 - 1621年 南ヨーロッパ イタリア
0%
モデナ=レッジョ公国 1452年 - 1796年 南ヨーロッパ イタリア
0%
ノヴェッラーラ=バニョーロ伯領 1501年 - 1728年 南ヨーロッパ イタリア
0%
マントヴァ公国 1530年 - 1797年 南ヨーロッパ イタリア
0%
トスカーナ大公国 1569年 - 1801年 南ヨーロッパ イタリア
0%
グアスタッラ公国 1621年 - 1748年 南ヨーロッパ イタリア
0%
マッサ=カッラーラ公国 1664年 - 1796年 南ヨーロッパ イタリア
0%
パルマ・エ・ピアチェンツァ公国 1731年 - 1802年 南ヨーロッパ イタリア
0%
ピサ共和国 1000年 - 1406年 南ヨーロッパ イタリア
0%
ログドーロ判事区 11世紀頃 - 1259年 南ヨーロッパ イタリア
0%
ガッルーラ判事区 11世紀頃 - 1296年 南ヨーロッパ イタリア
0%
アルボレア判事区 11世紀頃 - 1420年 南ヨーロッパ イタリア
0%
カリャリ判事区 1020年 - 1258年 南ヨーロッパ イタリア
0%
アヴェルサ伯領 1030年 - 1058年 南ヨーロッパ イタリア
0%
アプーリア=カラブリア伯領 1043年 - 1130年 南ヨーロッパ イタリア
0%
シチリア伯領 1071年 - 1130年 南ヨーロッパ イタリア
0%
ターラント公国 1088年 - 1465年 南ヨーロッパ イタリア
0%
シエーナ共和国 1125年 - 1555年 南ヨーロッパ イタリア
0%
ルッカ共和国 1160年 - 1805年 南ヨーロッパ イタリア
0%
ノーリ共和国 1192年 - 1797年 南ヨーロッパ イタリア
0%
アンコーナ共和国 1198年 - 1532年 南ヨーロッパ イタリア
0%
マッサ共和国 1225年 - 1336年 南ヨーロッパ イタリア
0%
ナポリ王国 1282年 - 1816年 南ヨーロッパ イタリア
0%
サルデーニャ王国 1324年 - 1720年 南ヨーロッパ イタリア
0%
セナリカ共和国 1343年 - 1797年 南ヨーロッパ イタリア
0%
フォズディノーヴォ侯国 1355年 - 1797年 南ヨーロッパ イタリア
0%
オリスターノ侯国 1410年 - 1478年 南ヨーロッパ イタリア
0%
コスパイア共和国 1440年 - 1826年 南ヨーロッパ イタリア
0%
アンブロジアーナ黄金共和国 1447年 - 1450年 南ヨーロッパ イタリア
0%
ナポリ共和国 1647年 - 1648年 南ヨーロッパ イタリア
0%
サルデーニャ王国 1720年 - 1861年 南ヨーロッパ イタリア
0%
アルバ共和国 1796年 南ヨーロッパ イタリア
0%
ボロニェーゼ共和国 1796年 南ヨーロッパ イタリア
0%
チスパダーナ共和国 1796年 - 1797年 南ヨーロッパ イタリア
0%
トランスパダーナ共和国 1796年 - 1797年 南ヨーロッパ イタリア
0%
ベルガモ共和国 1797年 南ヨーロッパ イタリア
0%
ブレシア共和国 1797年 南ヨーロッパ イタリア
0%
クレーマ共和国 1797年 南ヨーロッパ イタリア
0%
アンコーナ共和国 1797年 - 1798年 南ヨーロッパ イタリア
0%
チザルピーナ共和国 1797年 - 1802年 南ヨーロッパ イタリア
0%
リグーレ共和国 1797年 - 1805年 南ヨーロッパ イタリア
0%
ティベリーナ共和国 1798年 南ヨーロッパ イタリア
0%
ピエモンテ共和国 1798年 - 1799年 南ヨーロッパ イタリア
0%
パルテノペア共和国 1799年 南ヨーロッパ イタリア
0%
ペスカーラ共和国 1799年 南ヨーロッパ イタリア
0%
スバルピーネ共和国 1800年 - 1802年 南ヨーロッパ イタリア
0%
エトルリア王国 1801年 - 1807年 南ヨーロッパ イタリア
0%
ルッカ・エ・ピオンビーノ公国 1805年 - 1814年 南ヨーロッパ イタリア
0%
ボナパルテ朝ナポリ王国 1806年 - 1815年 南ヨーロッパ イタリア
0%
ベネヴェント公国 1806年 - 1815年 南ヨーロッパ イタリア
0%
ポンテコルヴォ公国 1806年 - 1815年 南ヨーロッパ イタリア
0%
エルバ公国 1814年 - 1815年 南ヨーロッパ イタリア
0%
マッサ=カッラーラ公国 1814年 - 1836年 南ヨーロッパ イタリア
0%
モデナ=レッジョ公国 1814年 - 1859年 南ヨーロッパ イタリア
0%
パルマ・エ・ピアチェンツァ公国 1814年 - 1859年 南ヨーロッパ イタリア
0%
トスカーナ大公国 1814年 - 1860年 南ヨーロッパ イタリア
0%
ルッカ公国 1815年 - 1847年 南ヨーロッパ イタリア
0%
ジェノヴァ公国 1815年 - 1848年 南ヨーロッパ イタリア
0%
ロンバルド=ヴェネト王国 1815年 - 1866年 南ヨーロッパ イタリア
0%
ベネヴェント共和国 1820年 - 1821年 南ヨーロッパ イタリア
0%
ポンテコルヴォ共和国 1820年 - 1821年 南ヨーロッパ イタリア
0%
イタリア統合諸州 1831年 南ヨーロッパ イタリア
0%
タヴォラーラ王国 1836年 - 1934年 南ヨーロッパ イタリア
0%
ミラノ暫定政府 1848年 南ヨーロッパ イタリア
0%
サン・マルコ共和国 1848年 - 1849年 南ヨーロッパ イタリア
0%
中央統合諸州 1859年 - 1860年 南ヨーロッパ イタリア
0%
南の王国 1943年 - 1944年 南ヨーロッパ イタリア
0%
トリエステ自由地域 1947年 - 1954年 南ヨーロッパ イタリア
0%
ローズ島共和国 1968年 - 1969年 南ヨーロッパ イタリア
0%
タルテッソス 紀元前8世紀頃 - ? 南ヨーロッパ スペイン
0%
スエビ王国 409年 - 585年 南ヨーロッパ スペイン
0%
アストゥリアス王国 718年 - 924年 南ヨーロッパ スペイン
0%
コルドバ・アミール国 756年 - 929年 南ヨーロッパ スペイン
0%
コルドバ・カリフ国 929年 - 1031年 南ヨーロッパ スペイン
0%
ウルヘル伯領 785年 - 1413年 南ヨーロッパ スペイン
0%
バルセロナ伯領 801年 - 1162年 南ヨーロッパ スペイン
0%
アンプリアス伯領 812年 - 1402年 南ヨーロッパ スペイン
0%
ナバラ王国 824年 - 1841年 南ヨーロッパ スペイン
0%
リバゴルザ伯領 872年 - 1598年 南ヨーロッパ スペイン
0%
ガリシア王国 910年 - 1833年 南ヨーロッパ スペイン
0%
レオン王国 910年 - 1833年 南ヨーロッパ スペイン
0%
アラゴン連合王国 1164年 - 1715年 南ヨーロッパ スペイン
0%
カスティーリャ王国 1065年 - 1833年 南ヨーロッパ スペイン
0%
カスティーリャ連合王国 1230年 - 1716年 南ヨーロッパ スペイン
0%
グラナダ王国 1492年 - 1833年 南ヨーロッパ スペイン
0%
カタルーニャ君主国 1173年 - 1714年 南ヨーロッパ スペイン
0%
バレンシア王国 1237年 - 1707年 南ヨーロッパ スペイン
0%
マヨルカ王国 1276年 - 1715年 南ヨーロッパ スペイン
0%
両王スペイン王国 1479年 - 1516年 南ヨーロッパ スペイン
0%
アブスブルゴ朝スペイン王国 1516年 - 1700年 南ヨーロッパ スペイン
0%
イベリア連合 1580年 - 1640年 南ヨーロッパ スペイン
0%
カタルーニャ共和国 1640年 - 1641年 南ヨーロッパ スペイン
0%
ボルボン朝スペイン王国 1700年 - 1808年 南ヨーロッパ スペイン
0%
ボナパルテ朝スペイン王国 1808年 - 1813年 南ヨーロッパ スペイン
0%
スペイン第一共和政 1873年 - 1874年 南ヨーロッパ スペイン
0%
スペイン第二共和政 1931年 - 1939年 南ヨーロッパ スペイン
0%
ガリシア共和国 1931年 南ヨーロッパ スペイン
0%
カタルーニャ共和国 1931年 南ヨーロッパ スペイン
0%
カタルーニャ自治地域 1931年 - 1939年 南ヨーロッパ スペイン
0%
アストゥリアス社会主義共和国 1934年 南ヨーロッパ スペイン
0%
カタルーニャ革命区 1936年 - 1937年 南ヨーロッパ スペイン
0%
アラゴン地域防衛評議会 1936年 - 1937年 南ヨーロッパ スペイン
0%
ポルトゥカーレ伯領 868年 - 1139年 南ヨーロッパ ポルトガル
0%
中世ポルトガル王国 1139年 - 1415年 南ヨーロッパ ポルトガル
0%
アヴィス朝ポルトガル王国 1415年 - 1580年 南ヨーロッパ ポルトガル
0%
王政復古・ポンバル体制 1640年 - 1777年 南ヨーロッパ ポルトガル
0%
ポルトガル立憲王国 1834年 - 1910年 南ヨーロッパ ポルトガル
0%
ポルトガル第一共和政 1910年 - 1926年 南ヨーロッパ ポルトガル
0%
北部王国 1919年 南ヨーロッパ ポルトガル
0%
ディタドゥーラ・ナシオナル 1926年 - 1933年 南ヨーロッパ ポルトガル
0%
エスタド・ノヴォ 1933年 - 1974年 南ヨーロッパ ポルトガル
0%
キプロス王国 1192年 - 1489年 南ヨーロッパ キプロス
0%
イギリス領キプロス 1878年 - 1960年 南ヨーロッパ キプロス
0%
騎士団領マルタ 1530年 - 1798年 南ヨーロッパ マルタ
0%
ゴゾ国家 1798年 - 1801年 南ヨーロッパ マルタ
0%
マルタ保護領 1800年 - 1813年 南ヨーロッパ マルタ
0%
マルタ直轄植民地 1813年 - 1964年 南ヨーロッパ マルタ
0%
ボスポロス王国 紀元前438年 - 527年 東ヨーロッパ ウクライナ
0%
小スキタイ 紀元前3世紀頃 - 紀元前109年 東ヨーロッパ ウクライナ
0%
大ブルガリア 632年 - 668年 東ヨーロッパ ウクライナ
0%
ペチェネグ 889年 - 1091年 東ヨーロッパ ウクライナ
0%
ヴォルィーニ公国 987年 - 1199年 東ヨーロッパ ウクライナ ルーシの諸王国
0%
ペレヤースラウ公国 988年 - 1239年 東ヨーロッパ ウクライナ ルーシの諸王国
0%
チェルニーヒウ公国 1024年 - 1402年 東ヨーロッパ ウクライナ ルーシの諸王国
0%
テレボヴリ公国 1084年 - 1141年 東ヨーロッパ ウクライナ ルーシの諸王国
0%
シヴェーリア公国 1097年 - 1503年 東ヨーロッパ ウクライナ ルーシの諸王国
0%
ハールィチ公国 1124年 - 1199年 東ヨーロッパ ウクライナ ルーシの諸王国
0%
ハールィチ・ヴォルィーニ公国 1199年 - 1349年 東ヨーロッパ ウクライナ
0%
テオドロ公国 14世紀頃 - 1475年 東ヨーロッパ ウクライナ
0%
ザポロージャ・シーチ 1552年 - 1775年 東ヨーロッパ ウクライナ
0%
ヘーチマン国家 1649年 - 1764年 東ヨーロッパ ウクライナ
0%
ガリツィア・ブコヴィナ総督府 1914年 - 1917年 東ヨーロッパ ウクライナ
0%
クリミア人民共和国 1917年 - 1918年 東ヨーロッパ ウクライナ
0%
ソビエト派ウクライナ人民共和国 1917年 - 1918年 東ヨーロッパ ウクライナ
0%
オデッサ・ソビエト共和国 1918年 東ヨーロッパ ウクライナ
0%
タヴリダ・ソビエト社会主義共和国 1918年 東ヨーロッパ ウクライナ
0%
クリミア・ソビエト社会主義共和国 1919年 東ヨーロッパ ウクライナ
0%
ドネツク=クリヴォーイ・ローク・ソビエト共和国 1918年 東ヨーロッパ ウクライナ
0%
ウクライナ国 1918年 東ヨーロッパ ウクライナ
0%
クリミア地方政府 1918年 - 1919年 東ヨーロッパ ウクライナ
0%
西ウクライナ人民共和国 1918年 - 1919年 東ヨーロッパ ウクライナ
0%
マフノフシチナ 1918年 - 1921年 東ヨーロッパ ウクライナ
0%
フツル共和国 1919年 東ヨーロッパ ウクライナ
0%
チヒルィーン・ソビエト共和国 1919年 東ヨーロッパ ウクライナ
0%
ホロドノヤルスク共和国 1919年 - 1922年 東ヨーロッパ ウクライナ
0%
ガリツィア社会主義ソビエト共和国 1920年 東ヨーロッパ ウクライナ
0%
南部ロシア政府 1920年 東ヨーロッパ ウクライナ
0%
クリミア自治ソビエト社会主義共和国 1921年 - 1945年 東ヨーロッパ ウクライナ
0%
ウクライナ・ソビエト社会主義共和国 1919年 - 1991年 東ヨーロッパ ウクライナ
0%
ウクライナ国民政府 1941年 東ヨーロッパ ウクライナ
0%
ウクライーネ国家弁務官区 1941年 - 1944年 東ヨーロッパ ウクライナ
0%
オドリュサイ王国 紀元前480年 - 紀元前30年 東ヨーロッパ ブルガリア
0%
トラキア王国 紀元前1世紀頃 - 46年 東ヨーロッパ ブルガリア
0%
第一次ブルガリア帝国 681年 - 1018年 東ヨーロッパ ブルガリア
0%
ロヴェチ専制公国 1330年 - 1446年 東ヨーロッパ ブルガリア
0%
ドブロジャ専制公国 1356年 - 1411年 東ヨーロッパ ブルガリア
0%
ヴィディン・ツァール国 1369年 - 1396年 東ヨーロッパ ブルガリア
0%
東ルメリ自治州 1878年 - 1885年 東ヨーロッパ ブルガリア
0%
ブルガリア公国 1878年 - 1908年 東ヨーロッパ ブルガリア
0%
ストランジャ・コミューン 1903年 東ヨーロッパ ブルガリア
0%
ブルガリア人民共和国 1946年 - 1990年 東ヨーロッパ ブルガリア
0%
ダキア 紀元前168年 - 紀元前106年 東ヨーロッパ ルーマニア
0%
タラ・リトゥア 13世紀頃 - 1330年 東ヨーロッパ ルーマニア
0%
ワラキア公国 1330年 - 1862年 東ヨーロッパ ルーマニア
0%
東ハンガリー王国 1526年 - 1570年 東ヨーロッパ ルーマニア
0%
王領ハンガリー 1526年 - 1867年 東ヨーロッパ ルーマニア
0%
トランシルヴァニア公国 1570年 - 1711年 東ヨーロッパ ルーマニア
0%
トランシルヴァニア大公国 1711年 - 1867年 東ヨーロッパ ルーマニア
0%
連合公国 1859年 - 1881年 東ヨーロッパ ルーマニア
0%
ファシズム体制下のルーマニア王国 1937年 - 1944年 東ヨーロッパ ルーマニア
0%
国民軍団国家 1940年 - 1941年 東ヨーロッパ ルーマニア
0%
バナト共和国 1918年 - 1919年 東ヨーロッパ ルーマニア
0%
ルーマニア社会主義共和国 1947年 - 1989年 東ヨーロッパ ルーマニア
0%
フン帝国 370年 - 469年 東ヨーロッパ ハンガリー
0%
ゲピド王国 454年 - 567年 東ヨーロッパ ハンガリー
0%
アヴァール可汗国 567年 - 822年 東ヨーロッパ ハンガリー
0%
ハンガリー公国 895年 - 1000年 東ヨーロッパ ハンガリー
0%
アールパード朝ハンガリー王国 1000年 - 1301年 東ヨーロッパ ハンガリー
0%
アールパード朝後のハンガリー王国 1301年 - 1526年 東ヨーロッパ ハンガリー
0%
王領ハンガリー 1526年 - 1867年 東ヨーロッパ ハンガリー
0%
オスマン帝国領ハンガリー 1541年 - 1699年 東ヨーロッパ ハンガリー
0%
ハンガリー王冠領 1867年 - 1918年 東ヨーロッパ ハンガリー
0%
ハンガリー国 1849年 東ヨーロッパ ハンガリー
0%
ハンガリー第一共和国 1918年 - 1919年 東ヨーロッパ ハンガリー
0%
ハンガリー・タナーチ共和国 1919年 東ヨーロッパ ハンガリー
0%
挙国一致内閣 1944年 - 1945年 東ヨーロッパ ハンガリー
0%
ハンガリー第二共和国 1946年 - 1949年 東ヨーロッパ ハンガリー
0%
サモ王国 631年 - 658年 東ヨーロッパ チェコ
0%
モラヴィア王国 833年 - 907年 東ヨーロッパ チェコ
0%
ボヘミア公国 870年 - 1198年 東ヨーロッパ チェコ
0%
モラヴィア辺境伯領 1182年 - 1348年 東ヨーロッパ チェコ
0%
ボヘミア王冠領 1348年 - 1918年 東ヨーロッパ チェコ
0%
モラヴィア辺境伯領 1348年 - 1918年 東ヨーロッパ チェコ
0%
トロッパウ公国 1269年 - 1918年 東ヨーロッパ チェコ シロンスク公国群
0%
クルノフ公国 1377年 - 1849年 東ヨーロッパ チェコ
0%
チェコスロバキア第一共和国 1918年 - 1938年 東ヨーロッパ チェコ
0%
チェコスロバキア第二共和国 1938年 - 1939年 東ヨーロッパ チェコ
0%
ベーメン・メーレン保護領 1939年 - 1945年 東ヨーロッパ チェコ
0%
チェコスロバキア第三共和国 1945年 - 1948年 東ヨーロッパ チェコ
0%
チェコおよびスロバキア連邦共和国 1990年 - 1992年 東ヨーロッパ チェコ
0%
ニトラ公国 825年 - 870年 東ヨーロッパ スロバキア
0%
スロバキア民族会議 1848年 - 1849年 東ヨーロッパ スロバキア
0%
スロバキア・ソビエト共和国 1919年 東ヨーロッパ スロバキア
0%
ポロツク公国 862年 - 1504年 東ヨーロッパ ベラルーシ ルーシの諸王国
0%
トゥーロフ公国 10世紀頃 - 14世紀頃 東ヨーロッパ ベラルーシ ルーシの諸王国
0%
ミンスク公国 1101年 - 1326年 東ヨーロッパ ベラルーシ ルーシの諸王国
0%
ヴィテプスク公国 1101年 - 1508年 東ヨーロッパ ベラルーシ ルーシの諸王国
0%
ドルツク公国 1101年 - 1565年 東ヨーロッパ ベラルーシ ルーシの諸王国
0%
白ロシア社会主義ソビエト共和国 1919年 東ヨーロッパ ベラルーシ
0%
白ロシア・ソビエト社会主義共和国 1920年 - 1991年 東ヨーロッパ ベラルーシ
0%
スモレンスク公国 1054年 - 1508年 東ヨーロッパ ヨーロッパ・ロシア ルーシの諸王国
0%
ムーロム公国 1127年 - 1392年 東ヨーロッパ ヨーロッパ・ロシア ルーシの諸王国
0%
プロンスク公国 1129年 - 1503年 東ヨーロッパ ヨーロッパ・ロシア ルーシの諸王国
0%
リャザン公国 1129年 - 1521年 東ヨーロッパ ヨーロッパ・ロシア ルーシの諸王国
0%
トロペツ公国 1167年 - 1355年 東ヨーロッパ ヨーロッパ・ロシア ルーシの諸王国
0%
ヤロスラヴリ公国 1218年 - 1463年 東ヨーロッパ ヨーロッパ・ロシア ルーシの諸王国
0%
ヴォルガ・ブルガール 9世紀後半 - 1240年代 東ヨーロッパ ヨーロッパ・ロシア
0%
クマン=キプチャク連合 10世紀頃 - 1241年 東ヨーロッパ ヨーロッパ・ロシア
0%
ウラジーミル・スーズダリ大公国 1125年 - 1389年 東ヨーロッパ ヨーロッパ・ロシア
0%
大ペルミ 1324年 - 1708年 東ヨーロッパ ヨーロッパ・ロシア
0%
プスコフ公国 1348年 - 1510年 東ヨーロッパ ヨーロッパ・ロシア
0%
カザン・ハン国 1438年 - 1552年 東ヨーロッパ ヨーロッパ・ロシア
0%
カシモフ・ハン国 1452年 - 1681年 東ヨーロッパ ヨーロッパ・ロシア
0%
アストラハン・ハン国 1466年 - 1556年 東ヨーロッパ ヨーロッパ・ロシア
0%
ロシア・ツァーリ国 1547年 - 1721年 東ヨーロッパ ヨーロッパ・ロシア
0%
スウェーデン領イングリア 1583年 - 1721年 東ヨーロッパ ヨーロッパ・ロシア
0%
イデル=ウラル国 1917年 - 1918年 東ヨーロッパ ヨーロッパ・ロシア
0%
ロシア社会主義連邦ソビエト共和国 1917年 - 1922年 東ヨーロッパ ヨーロッパ・ロシア
0%
憲法制定議会議員委員会 1918年 東ヨーロッパ ヨーロッパ・ロシア
0%
北方地域最高行政府 1918年 東ヨーロッパ ヨーロッパ・ロシア
0%
北方地域臨時政府 1918年 - 1920年 東ヨーロッパ ヨーロッパ・ロシア
0%
北カレリア国 1919年 - 1920年 東ヨーロッパ ヨーロッパ・ロシア
0%
北イングリア共和国 1919年 - 1920年 東ヨーロッパ ヨーロッパ・ロシア
0%
南カレリア・オロネツ政府 1920年 東ヨーロッパ ヨーロッパ・ロシア
0%
カレリア連合政府 1920年 - 1923年 東ヨーロッパ ヨーロッパ・ロシア
0%
カレリア労働コミューン 1920年 - 1923年 東ヨーロッパ ヨーロッパ・ロシア
0%
ロシア・ソビエト連邦社会主義共和国 1917年 - 1991年 東ヨーロッパ ヨーロッパ・ロシア
0%
カレロ=フィン・ソビエト社会主義共和国 1940年 - 1956年 東ヨーロッパ ヨーロッパ・ロシア
0%
シロンスク公国 1138年 - 1335年 東ヨーロッパ ポーランド
0%
ラチブシュ公国 1172年 - 1521年 東ヨーロッパ ポーランド シロンスク公国群
0%
オポーレ公国 1172年 - 1532年 東ヨーロッパ ポーランド シロンスク公国群
0%
グヴォグフ公国 1177年 - 1506年 東ヨーロッパ ポーランド シロンスク公国群
0%
レグニツァ公国 1248年 - 1675年 東ヨーロッパ ポーランド シロンスク公国群
0%
ヤヴォル公国 1274年 - 1346年 東ヨーロッパ ポーランド シロンスク公国群
0%
ジャガン公国 1274年 - 1935年 東ヨーロッパ ポーランド シロンスク公国群
0%
ルウォウェク公国 1281年 - 1286年 東ヨーロッパ ポーランド シロンスク公国群
0%
ビトム公国 1281年 - 1498年 東ヨーロッパ ポーランド シロンスク公国群
0%
ニサ公国 1290年 - 1850年 東ヨーロッパ ポーランド シロンスク公国群
0%
チェシン公国 1290年 - 1918年 東ヨーロッパ ポーランド シロンスク公国群
0%
ブジェク公国 1311年 - 1742年 東ヨーロッパ ポーランド シロンスク公国群
0%
オレシニツァ公国 1313年 - 1884年 東ヨーロッパ ポーランド シロンスク公国群
0%
オシフィエンチム公国 1315年 - 1564年 東ヨーロッパ ポーランド シロンスク公国群
0%
ジェンビツェ公国 1321年 - 1791年 東ヨーロッパ ポーランド シロンスク公国群
0%
プルドニク公国 1318年 - 1424年 東ヨーロッパ ポーランド シロンスク公国群
0%
ザトル公国 1445年 - 1564年 東ヨーロッパ ポーランド シロンスク公国群
0%
ポーランド王冠領 1385年 - 1795年 東ヨーロッパ ポーランド
0%
ポーランド・リトアニア共和国 1569年 - 1795年 東ヨーロッパ ポーランド
0%
ガリツィア・ロドメリア王国 1772年 - 1918年 東ヨーロッパ ポーランド
0%
クラクフ大公国 1846年 - 1918年 東ヨーロッパ ポーランド
0%
自由都市ダンツィヒ 1807年 - 1814年 東ヨーロッパ ポーランド
0%
ワルシャワ公国 1807年 - 1815年 東ヨーロッパ ポーランド
0%
クラクフ共和国 1815年 - 1846年 東ヨーロッパ ポーランド
0%
ポズナン大公国 1815年 - 1848年 東ヨーロッパ ポーランド
0%
ポーランド国民政府 1831年 東ヨーロッパ ポーランド
0%
ポーランド国民政府 1863年 - 1864年 東ヨーロッパ ポーランド
0%
ワルシャワ総督府 1915年 - 1918年 東ヨーロッパ ポーランド
0%
ルブリン軍総督府 1915年 - 1918年 東ヨーロッパ ポーランド
0%
ポーランド摂政王国 1917年 - 1918年 東ヨーロッパ ポーランド
0%
タルノブジェク共和国 1918年 - 1919年 東ヨーロッパ ポーランド
0%
自由都市ダンツィヒ 1920年 - 1939年 東ヨーロッパ ポーランド
0%
ポーランド軍事占領地域 1939年 東ヨーロッパ ポーランド
0%
ポーランド総督府 1939年 - 1945年 東ヨーロッパ ポーランド
0%
ポーランド共和国臨時政府 1944年 - 1945年 東ヨーロッパ ポーランド
0%
挙国一致臨時政府 1945年 - 1947年 東ヨーロッパ ポーランド
0%
王領プロイセン 1466年 - 1569年 東ヨーロッパ プロイセン
0%
クケイノス公国 1180年 - 1208年 東ヨーロッパ ラトビア ルーシの諸王国
0%
ゲルツィケ公国 1190年 - 1239年 東ヨーロッパ ラトビア ルーシの諸王国
0%
トゥロヴァ 1180年 - 1224年 東ヨーロッパ ラトビア
0%
テッラ・マリアナ 1207年 - 1561年 東ヨーロッパ ラトビア
0%
リガ大司教領 1186年 - 1561年 東ヨーロッパ ラトビア
0%
クールラント司教領 1234年 - 1562年 東ヨーロッパ ラトビア
0%
リヴォニア公国 1561年 - 1629年 東ヨーロッパ ラトビア
0%
クールラント・ゼムガレン公国 1561年 - 1795年 東ヨーロッパ ラトビア
0%
スウェーデン領リヴォニア 1629年 - 1721年 東ヨーロッパ ラトビア
0%
ドイツ東部戦線総司令部区 1914年 - 1919年 東ヨーロッパ ラトビア
0%
イスコラト 1917年 - 1918年 東ヨーロッパ ラトビア
0%
クールラント・ゼムガレン公国 1918年 東ヨーロッパ ラトビア
0%
バルト連合公国 1918年 東ヨーロッパ ラトビア
0%
ラトビア社会主義ソビエト共和国 1918年 - 1920年 東ヨーロッパ ラトビア
0%
ラトビア共和国 1918年 - 1940年 東ヨーロッパ ラトビア
0%
ラトビア・ソビエト社会主義共和国 1940年 - 1991年 東ヨーロッパ ラトビア
0%
エストニア公国 1219年 - 1346年 東ヨーロッパ エストニア
0%
ドルパート司教領 1221年 - 1558年 東ヨーロッパ エストニア
0%
エーゼル=ヴィエク司教領 1228年 - 1560年 東ヨーロッパ エストニア
0%
エストニア公国 1561年 - 1721年 東ヨーロッパ エストニア
0%
リヴォニア王国 1570年 - 1578年 東ヨーロッパ エストニア
0%
エストニア自治政府 1917年 - 1918年 東ヨーロッパ エストニア
0%
水兵・建設労働者ソビエト共和国 1917年 - 1918年 東ヨーロッパ エストニア
0%
エストニア労働コムーナ 1918年 - 1919年 東ヨーロッパ エストニア
0%
北西部政府 1918年 - 1919年 東ヨーロッパ エストニア
0%
エストニア共和国 1918年 - 1940年 東ヨーロッパ エストニア
0%
エストニア・ソビエト社会主義共和国 1940年 - 1991年 東ヨーロッパ エストニア
0%
エストニア共和国 1944年 東ヨーロッパ エストニア
0%
リトアニア公国 13世紀頃 - 1413年 東ヨーロッパ リトアニア
0%
リトアニア大公国 1236年 - 1569年 東ヨーロッパ リトアニア
0%
リトアニア大公国 1569年 - 1795年 東ヨーロッパ リトアニア
0%
スウェーデン領リトアニア 1655年 - 1657年 東ヨーロッパ リトアニア
0%
リトアニア・ソビエト社会主義共和国 1918年 - 1919年 東ヨーロッパ リトアニア
0%
リトアニア共和国 1918年 - 1940年 東ヨーロッパ リトアニア
0%
リトアニア=白ロシア・ソビエト社会主義共和国 1919年 - 1920年 東ヨーロッパ リトアニア
0%
クライペダ地方 1919年 - 1923年 東ヨーロッパ リトアニア
0%
中部リトアニア共和国 1920年 - 1922年 東ヨーロッパ リトアニア
0%
リトアニア・ソビエト社会主義共和国 1940年 - 1991年 東ヨーロッパ リトアニア
0%
オストラント国家弁務官区 1941年 - 1945年 東ヨーロッパ リトアニア
0%
モルダヴィア公国 1346年 - 1862年 東ヨーロッパ モルドバ
0%
モルダヴィア民主共和国 1917年 - 1918年 東ヨーロッパ モルドバ
0%
ベッサラビア・ソビエト社会主義共和国 1919年 東ヨーロッパ モルドバ
0%
沿ドニエストル・モルダヴィア・ソビエト社会主義共和国 1990年 - 1991年 東ヨーロッパ モルドバ
0%
ガガウズ共和国 1989年 - 1995年 東ヨーロッパ モルドバ
0%
ダルダニア王国 紀元前4世紀頃 - 紀元前28年 東ヨーロッパ コソボ
0%
ブランコヴィチ地区 1371年 - 1412年 東ヨーロッパ コソボ
0%
コソボ・メトヒヤ自治地域 1945年 東ヨーロッパ コソボ
0%
コソボ社会主義自治州 1945年 - 1990年 東ヨーロッパ コソボ
0%
コソボ共和国 1991年 - 2000年 東ヨーロッパ コソボ
0%
クロアチア公国 7世紀頃 - 925年 東ヨーロッパ クロアチア
0%
下パンノニア公国 8世紀後半 - 895年 東ヨーロッパ クロアチア
0%
トラヴニア 9世紀頃 - 11世紀頃 東ヨーロッパ クロアチア
0%
ナレンティン 9世紀頃 - 11世紀頃 東ヨーロッパ クロアチア
0%
ザチルミア 9世紀頃 - 1054年 東ヨーロッパ クロアチア
0%
ハンガリー・クロアチア連合王国 1102年 - 1526年 東ヨーロッパ クロアチア
0%
ラグサ共和国 1358年 - 1808年 東ヨーロッパ クロアチア
0%
スラヴォニア王国 1699年 - 1868年 東ヨーロッパ クロアチア
0%
コーパス・セパラタム 1779年 - 1918年 東ヨーロッパ クロアチア
0%
ダルマチア王国 1815年 - 1918年 東ヨーロッパ クロアチア
0%
クロアチア=スラヴォニア王国 1868年 - 1918年 東ヨーロッパ クロアチア
0%
スロベニア人・クロアチア人・セルビア人国 1918年 東ヨーロッパ クロアチア
0%
クロアチア自治州 1939年 - 1941年 東ヨーロッパ クロアチア
0%
フィウーメ自由国 1920年 - 1924年 東ヨーロッパ クロアチア
0%
クロアチア独立国 1941年 - 1945年 東ヨーロッパ クロアチア
0%
クロアチア連邦国 1943年 - 1945年 東ヨーロッパ クロアチア
0%
クロアチア社会主義共和国 1945年 - 1991年 東ヨーロッパ クロアチア
0%
クライナ・セルビア人共和国 1991年 - 1995年 東ヨーロッパ クロアチア
0%
ドゥブロヴニク共和国 1991年 - 1992年 東ヨーロッパ クロアチア
0%
東スラヴォニア・バラニャおよび西スレム・セルビア人自治州 1995年 - 1998年 東ヨーロッパ クロアチア
0%
国際連合東スラヴォニア・バラニャおよび西スレム暫定統治機構 1996年 - 1998年 東ヨーロッパ クロアチア
0%
セルビア公国 780年 - 960年 東ヨーロッパ セルビア
0%
セルビア大公国 1091年 - 1217年 東ヨーロッパ セルビア
0%
スレム王国 1282年 - 1325年 東ヨーロッパ セルビア
0%
セルビア帝国 1346年 - 1371年 東ヨーロッパ セルビア
0%
セルビア公国 1371年 - 1402年 東ヨーロッパ セルビア
0%
セルビア専制公国 1402年 - 1459年 東ヨーロッパ セルビア
0%
ハプスブルク占領下のセルビア 1686年 - 1691年 東ヨーロッパ セルビア
0%
革命セルビア 1804年 - 1813年 東ヨーロッパ セルビア
0%
セルビア公国 1815年 - 1882年 東ヨーロッパ セルビア
0%
セルビア・ヴォイヴォディナ 1848年 - 1849年 東ヨーロッパ セルビア
0%
セルビア・ヴォイヴォディナ=タミシュ・バナト 1849年 - 1861年 東ヨーロッパ セルビア
0%
セルビア救国政府 1941年 - 1944年 東ヨーロッパ セルビア
0%
ユーゴスラビア民主連邦 1943年 - 1945年 東ヨーロッパ セルビア
0%
セルビア連邦国 1944年 - 1945年 東ヨーロッパ セルビア
0%
ヴォイヴォディナ自治州 1945年 東ヨーロッパ セルビア
0%
ユーゴスラビア社会主義連邦共和国 1945年 - 1992年 東ヨーロッパ セルビア
0%
セルビア社会主義共和国 1945年 - 1992年 東ヨーロッパ セルビア
0%
ヴォイヴォディナ自治州 1945年 - 1963年 東ヨーロッパ セルビア
0%
ヴォイヴォディナ社会主義自治州 1963年 - 1990年 東ヨーロッパ セルビア
0%
ユーゴスラビア連邦共和国 1992年 - 2003年 東ヨーロッパ セルビア
0%
セルビア共和国 1992年 - 2003年 東ヨーロッパ セルビア
0%
セルビア・モンテネグロ 2003年 - 2006年 東ヨーロッパ セルビア
0%
セルビア共和国 2003年 - 2006年 東ヨーロッパ セルビア
0%
ボスニア首長国 1154年 - 1377年 東ヨーロッパ ボスニア・ヘルツェゴビナ
0%
共同統治国ボスニア・ヘルツェゴビナ 1878年 - 1918年 東ヨーロッパ ボスニア・ヘルツェゴビナ
0%
民主ボスニア・ヘルツェゴビナ 1943年 - 1945年 東ヨーロッパ ボスニア・ヘルツェゴビナ
0%
ボスニア・ヘルツェゴビナ社会主義共和国 1945年 - 1992年 東ヨーロッパ ボスニア・ヘルツェゴビナ
0%
ヘルツェグ=ボスナ・クロアチア人共和国 1991年 - 1996年 東ヨーロッパ ボスニア・ヘルツェゴビナ
0%
ボスニア・ヘルツェゴビナ共和国 1992年 - 1995年 東ヨーロッパ ボスニア・ヘルツェゴビナ
0%
スルプスカ共和国 1992年 - 1995年 東ヨーロッパ ボスニア・ヘルツェゴビナ
0%
西ボスニア自治州 1993年 - 1995年 東ヨーロッパ ボスニア・ヘルツェゴビナ
0%
ドゥクリャ 10世紀頃 - 1186年 東ヨーロッパ モンテネグロ
0%
バルシッチ朝ゼタ公国 1371年 - 1421年 東ヨーロッパ モンテネグロ
0%
ツルノイェヴィチ朝ゼタ公国 1451年 - 1496年 東ヨーロッパ モンテネグロ
0%
ツルナ・ゴーラ府主教領 1516年 - 1852年 東ヨーロッパ モンテネグロ
0%
モンテネグロ公国 1852年 - 1910年 東ヨーロッパ モンテネグロ
0%
モンテネグロ王国 1910年 - 1918年 東ヨーロッパ モンテネグロ
0%
モンテネグロ総督府 1941年 - 1943年 東ヨーロッパ モンテネグロ
0%
モンテネグロ 1943年 - 1944年 東ヨーロッパ モンテネグロ
0%
モンテネグロ連邦国 1943年 - 1945年 東ヨーロッパ モンテネグロ
0%
モンテネグロ社会主義共和国 1945年 - 1992年 東ヨーロッパ モンテネグロ
0%
モンテネグロ共和国 1992年 - 2003年 東ヨーロッパ モンテネグロ
0%
モンテネグロ共和国 2003年 - 2006年 東ヨーロッパ モンテネグロ
0%
カルニオラ辺境伯領 973年 - 1364年 東ヨーロッパ スロベニア
0%
カルニオラ公国 1364年 - 1804年 東ヨーロッパ スロベニア
0%
カルニオラ公国 1804年 - 1918年 東ヨーロッパ スロベニア
0%
イリュリア王国 1816年 - 1849年 東ヨーロッパ スロベニア
0%
アドリア海沿岸作戦区域 1943年 - 1945年 東ヨーロッパ スロベニア
0%
スロベニア連邦国 1945年 東ヨーロッパ スロベニア
0%
スロベニア社会主義共和国 1945年 - 1991年 東ヨーロッパ スロベニア
0%
アルバノン公国 1190年 - 1256年 東ヨーロッパ アルバニア
0%
ドゥラッツォ公国 1205年 - 1213年 東ヨーロッパ アルバニア
0%
ムザカ公国 1279年 - 1450年 東ヨーロッパ アルバニア
0%
マタランガ公国 1358年 - 1367年 東ヨーロッパ アルバニア
0%
アルバニア公国 1359年 - 1415年 東ヨーロッパ アルバニア
0%
ドゥカグジニ公国 1387年 - 1444年 東ヨーロッパ アルバニア
0%
カストリオティ公国 1389年 - 1444年 東ヨーロッパ アルバニア
0%
レジャ同盟 1444年 - 1479年 東ヨーロッパ アルバニア
0%
アルバニア臨時政府 1912年 - 1914年 東ヨーロッパ アルバニア
0%
中部アルバニア共和国 1913年 - 1914年 東ヨーロッパ アルバニア
0%
北エピロス自治共和国 1914年 東ヨーロッパ アルバニア
0%
中部アルバニア議会 1914年 - 1916年 東ヨーロッパ アルバニア
0%
アルバニア公国 1914年 - 1925年 東ヨーロッパ アルバニア
0%
コルチャ自治州 1916年 - 1920年 東ヨーロッパ アルバニア
0%
ミルディタ自治政府 1921年 東ヨーロッパ アルバニア
0%
イタリア保護領アルバニア 1939年 - 1943年 東ヨーロッパ アルバニア
0%
アルバニア民主政府 1944年 - 1946年 東ヨーロッパ アルバニア
0%
プリレプ君主領 1371年 - 1395年 東ヨーロッパ モンテネグロ
0%
クルシェヴォ共和国 1903年 東ヨーロッパ モンテネグロ
0%
民主連邦マケドニア 1944年 - 1945年 東ヨーロッパ モンテネグロ
0%
マケドニア社会主義共和国 1945年 - 1991年 東ヨーロッパ モンテネグロ
0%
マケドニア共和国 1991年 東ヨーロッパ モンテネグロ
0%
ノリクム王国 紀元前200年 - 50年 中央ヨーロッパ オーストリア
0%
ルギ王国 467年 - 487年 中央ヨーロッパ オーストリア
0%
カランタニア 658年 - 828年 中央ヨーロッパ オーストリア
0%
オスタリキ辺境伯領 970年 - 1156年 中央ヨーロッパ オーストリア
0%
ケルンテン公国 976年 - 1804年 中央ヨーロッパ オーストリア
0%
チロル伯領 1140年 - 1804年 中央ヨーロッパ オーストリア
0%
オーストリア公国 1156年 - 1453年 中央ヨーロッパ オーストリア
0%
シュタイアーマルク公国 1180年 - 1804年 中央ヨーロッパ オーストリア
0%
ザルツブルク大司教領 1328年 - 1803年 中央ヨーロッパ オーストリア
0%
オーストリア大公国 1453年 - 1804年 中央ヨーロッパ オーストリア
0%
ザルツブルク選帝侯領 1803年 - 1804年 中央ヨーロッパ オーストリア
0%
ケルンテン公国 1804年 - 1867年 中央ヨーロッパ オーストリア
0%
シュタイアーマルク公国 1804年 - 1867年 中央ヨーロッパ オーストリア
0%
ザルツブルク選帝侯領 1805年 中央ヨーロッパ オーストリア
0%
ザルツブルク公国 1805年 - 1867年 中央ヨーロッパ オーストリア
0%
チロル伯領 1814年 - 1867年 中央ヨーロッパ オーストリア
0%
オーストリア帝冠領 1867年 - 1918年 中央ヨーロッパ オーストリア
0%
オーストリア大公国 1867年 - 1918年 中央ヨーロッパ オーストリア
0%
ケルンテン公国 1867年 - 1918年 中央ヨーロッパ オーストリア
0%
シュタイアーマルク公国 1867年 - 1918年 中央ヨーロッパ オーストリア
0%
ザルツブルク公国 1867年 - 1918年 中央ヨーロッパ オーストリア
0%
チロル伯領 1867年 - 1919年 中央ヨーロッパ オーストリア
0%
ドイツ=オーストリア共和国 1918年 - 1919年 中央ヨーロッパ オーストリア
0%
オーストリア第一共和国 1919年 - 1934年 中央ヨーロッパ オーストリア
0%
オーストリア連邦国 1934年 - 1938年 中央ヨーロッパ オーストリア
0%
ヴェレティ族 8世紀頃 - 10世紀頃 中央ヨーロッパ ドイツ
0%
オボトリート族 8世紀頃 - 1167年 中央ヨーロッパ ドイツ
0%
ラニ族 9世紀頃 - 1168年 中央ヨーロッパ ドイツ
0%
リュティチ族 10世紀頃 - 1168年 中央ヨーロッパ ドイツ
0%
ブレーメン・レーテ共和国 1919年 中央ヨーロッパ ドイツ
0%
ボトルネック自由国 1919年 - 1923年 中央ヨーロッパ ドイツ
0%
ザール盆地地域 1920年 - 1935年 中央ヨーロッパ ドイツ
0%
ザール保護領 1947年 - 1956年 中央ヨーロッパ ドイツ
0%
ラエティア・キュリエンシス 476年 - 11世紀頃 中央ヨーロッパ スイス
0%
サルガン伯領 11世紀頃 - 1798年 中央ヨーロッパ スイス
0%
クール司教領 1170年 - 1803年 中央ヨーロッパ スイス
0%
トッゲンブルク伯 1209年 - 1436年 中央ヨーロッパ スイス
0%
原初同盟 1291年 - 1798年 中央ヨーロッパ スイス
0%
灰色同盟 1395年 - 1799年 中央ヨーロッパ スイス
0%
ゴッテスハウス同盟 1397年 - 1799年 中央ヨーロッパ スイス
0%
十裁判区同盟 1436年 - 1799年 中央ヨーロッパ スイス
0%
三同盟 1471年 - 1799年 中央ヨーロッパ スイス
0%
ヘルヴェティア共和国 1798年 - 1803年 中央ヨーロッパ スイス
0%
ロダン共和国 1802年 - 1810年 中央ヨーロッパ スイス
0%
スイス連邦 1803年 - 1815年 中央ヨーロッパ スイス
0%
復古連邦 1814年 - 1848年 中央ヨーロッパ スイス
0%
ガリア帝国 260年 - 274年 西ヨーロッパ フランス
0%
ブルグント王国 411年 - 534年 西ヨーロッパ フランス
0%
ソワソン管区 450年 - 486年 西ヨーロッパ フランス
0%
アウストラシア 481年 - 751年 西ヨーロッパ フランス
0%
ネウストリア 486年 - 843年 西ヨーロッパ フランス
0%
ブロワ伯領 500年 - 1660年 西ヨーロッパ フランス
0%
アキテーヌ公国 507年 - 1453年 西ヨーロッパ フランス
0%
ガスコーニュ公国 602年 - 1453年 西ヨーロッパ フランス
0%
トゥールーズ伯領 778年 - 1271年 西ヨーロッパ フランス
0%
ポワトゥー伯領 778年 - 1416年 西ヨーロッパ フランス
0%
ネウストリア 843年 - 987年 西ヨーロッパ フランス
0%
ロタリンギア 855年 - 959年 西ヨーロッパ フランス
0%
アンジュー伯領 861年 - 1360年 西ヨーロッパ フランス
0%
キスユラブルグント王国 879年 - 933年 西ヨーロッパ フランス
0%
ユーラブルグント王国 888年 - 933年 西ヨーロッパ フランス
0%
ブローニュ伯領 896年 - 1477年 西ヨーロッパ フランス
0%
アルル王国 933年 - 15世紀頃 西ヨーロッパ フランス
0%
ブルターニュ公国 939年 - 1547年 西ヨーロッパ フランス
0%
ロレーヌ公国 959年 - 1766年 西ヨーロッパ フランス
0%
フランス立憲王国 1791年 - 1792年 西ヨーロッパ フランス
0%
シャンパーニュ伯領 12世紀頃 - 14世紀頃 西ヨーロッパ フランス
0%
コンタット・ヴェナイシン 1274年 - 1791年 西ヨーロッパ フランス
0%
アヴィニョン教皇庁 1309年 - 1376年 西ヨーロッパ フランス
0%
アンジュー公国 1360年 - 1482年 西ヨーロッパ フランス
0%
サントンジュ伯領 1371年 - 1790年 西ヨーロッパ フランス
0%
ヌヴェール公国 1521年 - 1659年 西ヨーロッパ フランス
0%
コルシカ王国 1736年 西ヨーロッパ フランス
0%
コルシカ共和国 1755年 - 1769年 西ヨーロッパ フランス
0%
アングロ=コルシカ王国 1794年 - 1796年 西ヨーロッパ フランス
0%
百日天下 1815年 西ヨーロッパ フランス
0%
アルザス=ロレーヌ共和国 1918年 西ヨーロッパ フランス
0%
ドイツ軍政下フランス 1940年 - 1944年 西ヨーロッパ フランス
0%
イタリア南仏進駐領域 1940年 - 1943年 西ヨーロッパ フランス
0%
フランス共和国臨時政府 1944年 - 1946年 西ヨーロッパ フランス
0%
ゴドズィン王国 4世紀頃 西ヨーロッパ イギリス
0%
エルメット王国 4世紀頃 西ヨーロッパ イギリス
0%
ドゥムノニア王国 4世紀頃 - 8世紀頃 西ヨーロッパ イギリス
0%
ダベッド王国 410年 - 920年 西ヨーロッパ イギリス
0%
グウェント王国 5世紀頃 - 1075年 西ヨーロッパ イギリス
0%
デイラ王国 450年 - 654年 西ヨーロッパ イギリス
0%
ケレディジョン王国 5世紀頃 西ヨーロッパ イギリス
0%
ケント王国 455年 - 825年 西ヨーロッパ イギリス 七王国
0%
サセックス王国 477年 - 860年 西ヨーロッパ イギリス 七王国
0%
イースト・アングリア王国 6世紀頃 - 918年 西ヨーロッパ イギリス 七王国
0%
エセックス王国 527年 - 825年 西ヨーロッパ イギリス 七王国
0%
マーシア王国 527年 - 918年 西ヨーロッパ イギリス 七王国
0%
ノーサンブリア王国 654年 - 1066年 西ヨーロッパ イギリス 七王国
0%
ストラスクライド王国 5世紀頃 - 1030年 西ヨーロッパ イギリス
0%
ダルリアダ王国 496年 - 850年 西ヨーロッパ イギリス
0%
ポーウィス王国 5世紀頃 - 1160年 西ヨーロッパ イギリス
0%
レッジド王国 500年 - 600年 西ヨーロッパ イギリス
0%
グウィネズ王国 500年 - 1283年 西ヨーロッパ イギリス
0%
バーニシア王国 6世紀頃 - 654年 西ヨーロッパ イギリス
0%
アルバ王国 6世紀頃 - 843年 西ヨーロッパ イギリス
0%
リンジー王国 ? - 7世紀頃 西ヨーロッパ イギリス
0%
ウィッチェ王国 577年 - 780年 西ヨーロッパ イギリス
0%
セイシルグ王国 680年 - 920年 西ヨーロッパ イギリス
0%
島嶼部王国 849年 - 1265年 西ヨーロッパ イギリス
0%
オークニー伯国 872年 - 1472年 西ヨーロッパ イギリス
0%
デーンロウ 878年 - 1066年 西ヨーロッパ イギリス
0%
デバイバース王国 920年 - 1197年 西ヨーロッパ イギリス
0%
ウェールズ公国 1216年 - 1542年 西ヨーロッパ イギリス
0%
護国卿時代 1653年 - 1659年 西ヨーロッパ イギリス
0%
グレートブリテン王国 1707年 - 1800年 西ヨーロッパ イギリス
0%
グレートブリテン及びアイルランド連合王国 1801年 - 1922年 西ヨーロッパ イギリス
0%
エアギアラ 331年 - 1585年 西ヨーロッパ アイルランド
0%
ウライド 450年 - 1177年 西ヨーロッパ アイルランド
0%
ミーズ ? - 12世紀頃 西ヨーロッパ アイルランド
0%
ライギン ? - ? 西ヨーロッパ アイルランド
0%
マーマ ? - ? 西ヨーロッパ アイルランド
0%
コノート ? - ? 西ヨーロッパ アイルランド
0%
ブレフニー 750年 - 1256年 西ヨーロッパ アイルランド
0%
アイルランド卿領 1177年 - 1542年 西ヨーロッパ アイルランド
0%
ウェスト・ブレフニー 1256年 - 1605年 西ヨーロッパ アイルランド
0%
イースト・ブレフニー 1256年 - 1607年 西ヨーロッパ アイルランド
0%
アイルランド・カトリック同盟 1642年 - 1652年 西ヨーロッパ アイルランド
0%
リムリック・ソビエト 1919年 西ヨーロッパ アイルランド
0%
南アイルランド 1921年 - 1922年 西ヨーロッパ アイルランド
0%
フリースラント王国 600年 - 734年 西ヨーロッパ オランダ
0%
フリジア 1100年 - 1498年 西ヨーロッパ オランダ
0%
ゼーラント伯領 1012年 - 1581年 西ヨーロッパ オランダ
0%
ユトレヒト司教領 1024年 - 1528年 西ヨーロッパ オランダ
0%
ズトフェン伯領 1046年 - 1581年 西ヨーロッパ オランダ
0%
ホラント伯領 1091年 - 1581年 西ヨーロッパ オランダ
0%
ヘルダー公国 1339年 - 1581年 西ヨーロッパ オランダ
0%
フリジア君主領 1498年 - 1581年 西ヨーロッパ オランダ
0%
ユトレヒト君主領 1528年 - 1581年 西ヨーロッパ オランダ
0%
オーファーアイセル君主領 1528年 - 1588年 西ヨーロッパ オランダ
0%
グローニンゲン君主領 1536年 - 1594年 西ヨーロッパ オランダ
0%
アーメラント君主領 1424年 - 1795年 西ヨーロッパ オランダ
0%
バタヴィア共和国 1795年 - 1806年 西ヨーロッパ オランダ
0%
ホラント王国 1806年 - 1810年 西ヨーロッパ オランダ
0%
連合ネーデルラント主権公国 1813年 - 1815年 西ヨーロッパ オランダ
0%
リンブルフ公国 1839年 - 1867年 西ヨーロッパ オランダ
0%
ニーダーランデ国家弁務官区 1940年 - 1945年 西ヨーロッパ オランダ
0%
下ロタリンギア 959年 - 1190年 西ヨーロッパ ベルギー
0%
リエージュ司教領 980年 - 1795年 西ヨーロッパ ベルギー
0%
フランドル伯領 862年 - 1797年 西ヨーロッパ ベルギー
0%
エノー伯領 880年 - 1797年 西ヨーロッパ ベルギー
0%
メヘレン君主領 910年 - 1795年 西ヨーロッパ ベルギー
0%
アントウェルペン辺境伯領 969年 - 1406年 西ヨーロッパ ベルギー
0%
ブラバント辺境伯領 1085年 - 1183年 西ヨーロッパ ベルギー
0%
ブラバント公国 1183年 - 1797年 西ヨーロッパ ベルギー
0%
リエージュ共和国 1789年 - 1791年 西ヨーロッパ ベルギー
0%
ベルギー合衆国 1790年 西ヨーロッパ ベルギー
0%
ベルギー臨時政府 1814年 - 1815年 西ヨーロッパ ベルギー
0%
モレネ 1816年 - 1920年 西ヨーロッパ ベルギー
0%
ベルギー総督府 1914年 - 1918年 西ヨーロッパ ベルギー
0%
ドイツ占領下のベルギー・北フランス 1940年 - 1944年 西ヨーロッパ ベルギー
0%
ベルギエン・ノルトフランクライヒ国家弁務官区 1944年 西ヨーロッパ ベルギー
0%
ルクセンブルク伯領 963年 - 1353年 西ヨーロッパ ルクセンブルク
0%
シュレースヴィヒ公国 1058年 - 1864年 北ヨーロッパ デンマーク
0%
デンマーク=ノルウェー 1537年 - 1814年 北ヨーロッパ デンマーク
0%
デンマーク単一国家 1814年 - 1864年 北ヨーロッパ デンマーク
0%
スウェーデン帝国 1611年 - 1721年 北ヨーロッパ スウェーデン
0%
スウェーデン連合王国 1814年 - 1905年 北ヨーロッパ スウェーデン
0%
ノルウェーゲン国家弁務官区 1940年 - 1945年 北ヨーロッパ ノルウェー
0%
クヴィスリング政権 1942年 - 1945年 北ヨーロッパ ノルウェー
0%
フィンランド大公国 1809年 - 1917年 北ヨーロッパ フィンランド
0%
白衛派 1917年 - 1918年 北ヨーロッパ フィンランド
0%
フィンランド社会主義労働者共和国 1918年 北ヨーロッパ フィンランド
0%
フィンランド民主共和国 1939年 - 1940年 北ヨーロッパ フィンランド
0%
コルキス 紀元前13世紀 - 131年 コーカサス コーカサス
0%
カフカス・アルバニア王国 紀元前2世紀 - 8世紀 コーカサス コーカサス
0%
アバスギア 64年 - 786年 コーカサス コーカサス
0%
ラジカ 131年 - 697年 コーカサス コーカサス
0%
イベリア公国 588年 - 888年 コーカサス コーカサス
0%
トビリシ首長国 736年 - 1122年 コーカサス コーカサス
0%
アブハジア王国 778年 - 1008年 コーカサス コーカサス
0%
クラルジェティ公国 870年 - 1008年 コーカサス コーカサス
0%
タオ=クラルジェティ王国 888年 - 1008年 コーカサス コーカサス
0%
ヘレティ王国 893年 - 1020年代 コーカサス コーカサス
0%
カヘティ=ヘレティ王国 1014年 - 1104年 コーカサス コーカサス
0%
東グルジア王国 1256年 - 1329年 コーカサス コーカサス
0%
西グルジア王国 1259年 - 1401年 コーカサス コーカサス
0%
サムツヘ・サアタバゴ 1266年 - 1625年 コーカサス コーカサス
0%
イメレティ王国 1455年 - 1810年 コーカサス コーカサス
0%
グリア公国 1460年代 - 1829年 コーカサス コーカサス
0%
スヴァネティ公国 1463年 - 1858年 コーカサス コーカサス
0%
アブハジア公国 1463年 - 1864年 コーカサス コーカサス
0%
カヘティ王国 1465年 - 1762年 コーカサス コーカサス
0%
カルトリ=カヘティ王国 1762年 - 1801年 コーカサス コーカサス
0%
グリア共和国 1902年 - 1906年 コーカサス コーカサス
0%
トムタラカニ公国 988年 - 1094年 コーカサス コーカサス
0%
チェルケシア 1427年 - 1864年 コーカサス コーカサス
0%
北カフカース山岳共和国 1917年 - 1922年 コーカサス コーカサス
0%
クバーニ人民共和国 1918年 - 1920年 コーカサス コーカサス
0%
スタヴロポリ・ソビエト共和国 1918年 コーカサス コーカサス
0%
黒海ソビエト共和国 1918年 コーカサス コーカサス
0%
テレク・ソビエト共和国 1918年 - 1919年 コーカサス コーカサス
0%
クバーニ・ソビエト共和国 1918年 コーカサス コーカサス
0%
クバーニ=黒海ソビエト共和国 1918年 コーカサス コーカサス
0%
北カフカース・ソビエト共和国 1918年 コーカサス コーカサス
0%
ドン・ソビエト共和国 1918年 コーカサス コーカサス
0%
ドン共和国 1918年 - 1920年 コーカサス コーカサス
0%
北カフカース首長国 1919年 - 1920年 コーカサス コーカサス
0%
山岳自治ソビエト社会主義共和国 1921年 - 1924年 コーカサス コーカサス
0%
ダゲスタン自治ソビエト社会主義共和国 1921年 - 1991年 コーカサス コーカサス
0%
チェチェン・イチケリア共和国 1991年 - 2000年 コーカサス コーカサス
0%
下エジプト王国 紀元前3500年頃 - 紀元前3100年 北アフリカ エジプト
0%
上エジプト王国 紀元前3400年頃 - 紀元前3150年 北アフリカ エジプト
0%
エジプト初期王朝時代 紀元前3150年 - 紀元前2686年 北アフリカ エジプト
0%
エジプト古王国 紀元前2686年 - 紀元前2181年 北アフリカ エジプト
0%
エジプト中王国 紀元前2040年 - 紀元前1663年 北アフリカ エジプト
0%
エジプト新王国 紀元前1570年 - 紀元前1077年 北アフリカ エジプト
0%
エジプト末期王朝 紀元前525年 - 紀元前332年 北アフリカ エジプト
0%
トゥールーン朝 868年 - 905年 北アフリカ エジプト
0%
イフシード朝 935年 - 969年 北アフリカ エジプト
0%
バヌ・カンズ朝 948年 - 1365年 北アフリカ エジプト
0%
バフリー・マムルーク朝 1250年 - 1382年 北アフリカ エジプト
0%
ブルジー・マムルーク朝 1382年 - 1517年 北アフリカ エジプト
0%
エジプト・エヤレト 1517年 - 1867年 北アフリカ エジプト
0%
エジプト副王領 1867年 - 1914年 北アフリカ エジプト
0%
エジプト・スルタン国 1914年 - 1922年 北アフリカ エジプト
0%
アラブ連合共和国 1958年 - 1971年 北アフリカ エジプト
0%
クシュ王国 紀元前1070年 - 350年 北アフリカ スーダン
0%
ブレミュアエ王国 紀元前600年 - 3世紀頃 北アフリカ スーダン
0%
ノバティア 350年 - 650年 北アフリカ スーダン
0%
マクリア 5世紀頃 - 1518年 北アフリカ スーダン
0%
アロディア 6世紀頃 - 1504年 北アフリカ スーダン
0%
ダジュ王国 12世紀頃 - 15世紀頃 北アフリカ スーダン
0%
アル・アブワブ王国 13世紀頃 - 15/16世紀頃 北アフリカ スーダン
0%
トゥンジュール王国 1400年頃 - 1650年頃 北アフリカ スーダン
0%
アブダラビ王国 15世紀頃 - 1504年/1821年 北アフリカ スーダン
0%
シルック王国 15世紀頃 - 1861年 北アフリカ スーダン
0%
ファズグリ王国 1500年 - 1685年 北アフリカ スーダン
0%
フンジ・スルタン国 1504年 - 1821年 北アフリカ スーダン
0%
ダルフール・スルターン国 1603年 - 1916年 北アフリカ スーダン
0%
タカリ王国 1750年 - 1969年 北アフリカ スーダン
0%
ダル・ギムル 1850年 - 1945年? 北アフリカ スーダン
0%
マフディー国家 1885年 - 1899年 北アフリカ スーダン
0%
ダル・マサリト 19世紀頃 - 20世紀前半 北アフリカ スーダン
0%
イギリス・エジプト領スーダン 1899年 - 1956年 北アフリカ スーダン
0%
スーダン民主共和国 1969年 - 1985年 北アフリカ スーダン
0%
カプサス王国 5世紀頃 - 6/7世紀頃 北アフリカ チュニジア
0%
アッラフマーンのイフリーキヤ 745年 - 755年 北アフリカ チュニジア
0%
アグラブ朝 800年 - 909年 北アフリカ チュニジア
0%
バヌ・フラサン 1059年 - 1158年 北アフリカ チュニジア
0%
バヌ・ガーニーヤ 1180年 - 1212年 北アフリカ チュニジア
0%
ハフス朝 1229年 - 1574年 北アフリカ チュニジア
0%
バヌ・マッキ 1282年 - 1394年 北アフリカ チュニジア
0%
チュニス・エヤレト 1574年 - 1881年 北アフリカ チュニジア
0%
チュニス君侯国 1705年 - 1881年 北アフリカ チュニジア
0%
フランス保護領チュニジア 1881年 - 1956年 北アフリカ チュニジア
0%
バッティアダエ王国 紀元前631年 - 紀元前440年 北アフリカ リビア
0%
ガラマンテス王国 紀元前5世紀頃 - 7世紀頃 北アフリカ リビア
0%
カバオン王国 5世紀頃 - 7世紀頃 北アフリカ リビア
0%
ナフサ首長国 8世紀頃 - 911年 北アフリカ リビア
0%
バヌ・ハッタブ朝 918年 - 1172/1177年 北アフリカ リビア
0%
バヌ・ハズルン朝 1001年 - 1146年 北アフリカ リビア
0%
バヌ・タリス首長国 1228年 - 1551年 北アフリカ リビア
0%
バヌ・タビト 1324年 - 1401年 北アフリカ リビア
0%
スペイン領トリポリ 1510年 - 1530年 北アフリカ リビア
0%
騎士団領トリポリ 1530年 - 1551年 北アフリカ リビア
0%
フェザーン・スルターン国 1556年 - 1804/1912年 北アフリカ リビア
0%
オスマン帝国領トリポリタニア 1551年 - 1912年 北アフリカ リビア
0%
カラマンリー朝 1711年 - 1835年 北アフリカ リビア
0%
イタリア領トリポリタニア 1911年 - 1934年 北アフリカ リビア
0%
イタリア領キレナイカ 1911年 - 1934年 北アフリカ リビア
0%
トリポリタニア共和国 1918年 - 1922年 北アフリカ リビア
0%
イタリア領リビア 1934年 - 1947年 北アフリカ リビア
0%
イギリス軍政下のリビア 1942年 - 1951年 北アフリカ リビア
0%
フェザーン・ガダーミス軍事地域 1943年 - 1951年 北アフリカ リビア
0%
キレナイカ首長国 1949年 - 1951年 北アフリカ リビア
0%
リビア連合王国 1951年 - 1969年 北アフリカ リビア
0%
アラブ共和国連邦 1972年 - 1977年 北アフリカ リビア
0%
大リビア・アラブ社会主義人民ジャマーヒリーヤ国 1977年 - 2011年 北アフリカ リビア
0%
リビア国民評議会 2011年 - 2012年 北アフリカ リビア
0%
マウレタニア王国 紀元前202年 - 44年 北アフリカ アルジェリア
0%
ケル・アハガル 200年頃 - 1977年 北アフリカ アルジェリア
0%
ムーア=ローマ王国 429年 - 599年 北アフリカ アルジェリア
0%
ウアルセニ王国 430年 - 735年 北アフリカ アルジェリア
0%
オーレス王国 484年 - 703年 北アフリカ アルジェリア
0%
ホドナ王国 5世紀頃 - 7世紀頃 北アフリカ アルジェリア
0%
ネメンチャ王国 5世紀頃 - 7世紀頃 北アフリカ アルジェリア
0%
ドーセール王国 510年 - 7世紀頃 北アフリカ アルジェリア
0%
アルタヴァ王国 578年 - 708年 北アフリカ アルジェリア
0%
トレムセン首長国 757年 - 790年 北アフリカ アルジェリア
0%
ルスタム朝 767年 - 909年 北アフリカ アルジェリア
0%
スライマーン朝 814年 - 922年 北アフリカ アルジェリア
0%
ズィール朝 972年 - 1148年 北アフリカ アルジェリア
0%
ムザブ 1012年 - 16世紀頃/1882年 北アフリカ アルジェリア
0%
ハンマード朝 1014年 - 1152年 北アフリカ アルジェリア
0%
ザイヤーン朝 1235年 - 1556年 北アフリカ アルジェリア
0%
ハフス朝ベジャイア首長国 1285年 - 1510年 北アフリカ アルジェリア
0%
ハフス朝クサンティーナ首長国 13/14世紀頃 - 1528年 北アフリカ アルジェリア
0%
ザブ首長国 14世紀中期頃 - 1402年 北アフリカ アルジェリア
0%
トゥーグラ・スルターン国 1414年 - 1854/1871年 北アフリカ アルジェリア
0%
ベニ・アッベス王国 1510年 - 1872年 北アフリカ アルジェリア
0%
クク王国 1515年 - 1638年 北アフリカ アルジェリア
0%
アルジェ摂政領 1516年 - 1830年 北アフリカ アルジェリア
0%
コンスタンティン君侯国 1528年 - 1827年 北アフリカ アルジェリア
0%
アルカーディル首長国 1832年 - 1847年 北アフリカ アルジェリア
0%
フランス領アルジェリア 1830年 - 1962年 北アフリカ アルジェリア
0%
アルジェリア共和国暫定政権 1958年 - 1962年 北アフリカ アルジェリア
0%
ネコル首長国 710年 - 1015年 北アフリカ モロッコ
0%
バルガワタ王国 744年 - 1058年 北アフリカ モロッコ
0%
ミドラール朝 759年 - 976年 北アフリカ モロッコ
0%
イドリース朝 789年 - 974年 北アフリカ モロッコ
0%
マグラワ朝 988年 - 1069年 北アフリカ モロッコ
0%
マリーン朝 1248年 - 1465年 北アフリカ モロッコ
0%
ドゥブドゥー公国 1430年 - 1563年 北アフリカ モロッコ
0%
ワッタース朝 1470年 - 1554年 北アフリカ モロッコ
0%
サアド朝タグマデルト公国 1509年 - 1554年 北アフリカ モロッコ
0%
サアド朝 1509年 - 1659年 北アフリカ モロッコ
0%
ナクシス朝テトゥアン公国 1597年 - 1673年 北アフリカ モロッコ
0%
サレ共和国 1627年 - 1668年 北アフリカ モロッコ
0%
ディーラーイー教団 1637年 - 1668年 北アフリカ モロッコ
0%
アラウィー朝 1666年 - 1912年 北アフリカ モロッコ
0%
タゼルワルト 17世紀頃 北アフリカ モロッコ
0%
スペイン領サハラ 1884年 - 1976年 北アフリカ モロッコ
0%
フランス保護領モロッコ 1912年 - 1956年 北アフリカ モロッコ
0%
スペイン保護領モロッコ 1912年 - 1956年 北アフリカ モロッコ
0%
リーフ共和国 1921年 - 1926年 北アフリカ モロッコ
0%
タンジェ国際管理地域 1925年 - 1956年 北アフリカ モロッコ
0%
プント国 紀元前2500年 - 紀元前980年 東アフリカ ソマリア
0%
マクロビア王国 紀元前1000年 - 紀元前500年 東アフリカ ソマリア
0%
ツンニ・スルタン国 9世紀頃 - 13世紀頃 東アフリカ ソマリア
0%
モガディシュ・スルタン国 13世紀頃 - 16世紀頃 東アフリカ ソマリア
0%
アジュラーン・スルタン国 14世紀頃 - 17世紀頃 東アフリカ ソマリア
0%
ガダブールシ・ウガザテ 1575/1607年 - 1884年 東アフリカ ソマリア
0%
マジェルテーン・スルタン国 1648年 - 1889/1927年 東アフリカ ソマリア
0%
ヒラーブ・イマーム国 17世紀後半 - 1889年 東アフリカ ソマリア
0%
ゲレディ・スルタン国 17世紀後半 - 1902/1908年 東アフリカ ソマリア
0%
イサック・スルタン国 1749年 - 1884年/現在 東アフリカ ソマリア
0%
ハバル・ユニス・スルタン国 1769年 - 1907年/1917年/現在 東アフリカ ソマリア
0%
ハバル・アワル・スルタン国 18世紀頃 - 1884年/現在 東アフリカ ソマリア
0%
ホビョ・スルタン国 1880年代 - 1888/1927年 東アフリカ ソマリア
0%
イギリス領ソマリランド 1884年 - 1960年 東アフリカ ソマリア
0%
イタリア領ソマリランド 1889年 - 1936年 東アフリカ ソマリア
0%
ダラーウィーシュ国 1899年 - 1920年 東アフリカ ソマリア
0%
イタリア領トランス・ジュバ 1924年 - 1926年 東アフリカ ソマリア
0%
イタリア信託統治領ソマリア 1950年 - 1960年 東アフリカ ソマリア
0%
ソマリランド国 1960年 東アフリカ ソマリア
0%
ソマリア民主共和国 1969年 - 1991年 東アフリカ ソマリア
0%
ソマリア暫定政府 1991年 - 1997年 東アフリカ ソマリア
0%
ジュバランド 1998年 - 1999年 東アフリカ ソマリア
0%
ソマリア暫定国民政府 2000年 - 2004年 東アフリカ ソマリア
0%
南西ソマリア 2002年 - 2006年 東アフリカ ソマリア
0%
ソマリア暫定連邦政府 2004年 - 2012年 東アフリカ ソマリア
0%
ダモト 紀元前980年 - 紀元前650年 東アフリカ エチオピア
0%
ハルラ王国 501年 - 1500年 東アフリカ エチオピア
0%
シェワ・スルタン国 896年 - 1286年 東アフリカ エチオピア
0%
フバト 9世紀頃 - 14世紀頃 東アフリカ エチオピア
0%
ギダヤ 9世紀頃 - 14世紀頃 東アフリカ エチオピア
0%
ハルガヤ 9世紀頃 - 14世紀頃 東アフリカ エチオピア
0%
モラ 9世紀頃 - 14世紀頃 東アフリカ エチオピア
0%
ギッジム ? - 17世紀頃 東アフリカ エチオピア
0%
シミエン王国 960年 - 1137年 東アフリカ エチオピア
0%
ダモト王国 10/13世紀頃 - 1317年 東アフリカ エチオピア
0%
ファタガル・スルタン国 11世紀頃 - 14世紀頃 東アフリカ エチオピア
0%
ザグウェ朝 1137年 - 1270年 東アフリカ エチオピア
0%
アラビアヌス・スルタン国 12世紀頃 - 16世紀頃 東アフリカ エチオピア
0%
ウォライタ王国 1251年 - 1896年 東アフリカ エチオピア
0%
イファト・スルタン国 1285年 - 1415年 東アフリカ エチオピア
0%
ダワロ首長国 13世紀頃 - 18世紀頃 東アフリカ エチオピア
0%
ダンカリ・スルタン国 13世紀頃 - 18世紀頃 東アフリカ エチオピア
0%
ハディヤ・スルタン国 13世紀頃 - 19世紀頃 東アフリカ エチオピア
0%
ダラ・スルタン国 ? - ? 東アフリカ エチオピア
0%
バレ・スルタン国 13世紀頃 - 16世紀頃 東アフリカ エチオピア
0%
ドベア ? - ? 東アフリカ エチオピア
0%
シャルハ・スルタン国 14世紀頃 東アフリカ エチオピア
0%
カッファ王国 1390年 - 1897年 東アフリカ エチオピア ゴンカ王国群
0%
エナレア王国 14世紀頃 - 1710年 東アフリカ エチオピア ゴンカ王国群
0%
ガロ王国 1567年 - 1883年 東アフリカ エチオピア ゴンカ王国群
0%
ビザモ ? - ? 東アフリカ エチオピア ゴンカ王国群
0%
コンチ王国 ? - ? 東アフリカ エチオピア ゴンカ王国群
0%
ボロ王国 ? - ? 東アフリカ エチオピア ゴンカ王国群
0%
アンフィロ王国 16世紀後半 - 19世紀後半 東アフリカ エチオピア ゴンカ王国群
0%
アダル・スルタン国 1415年 - 1555年 東アフリカ エチオピア
0%
ヤンマ王国 15世紀頃 - 1894年 東アフリカ エチオピア
0%
オーッサ・イマーム国 1577年 - 1734年 東アフリカ エチオピア
0%
マザガ 16世紀頃まで 東アフリカ エチオピア
0%
ハラール首長国 1526/1647年 - 1875/1884年 東アフリカ エチオピア
0%
ゴジャム 1620年 - 1855年 東アフリカ エチオピア
0%
グンマ王国 1770年 - 1885/1902年 東アフリカ エチオピア
0%
ジンマ王国 1790年 - 1884/1889/1932年 東アフリカ エチオピア
0%
ゴンマ王国 19世紀前半 - 1886年 東アフリカ エチオピア
0%
リンム=エナレア王国 1801年 - 1891年 東アフリカ エチオピア
0%
ゲラ王国 1835年 - 1887年 東アフリカ エチオピア
0%
レカ・ネケムテ 19世紀頃 東アフリカ エチオピア
0%
ビル・スルタン国 ? - 20世紀前半 東アフリカ エチオピア
0%
イタリア領東アフリカ 1936年 - 1941年 東アフリカ エチオピア
0%
社会主義エチオピア 1974年 - 1987年 東アフリカ エチオピア
0%
エチオピア人民民主共和国 1987年 - 1991年 東アフリカ エチオピア
0%
エチオピア暫定政府 1991年 - 1995年 東アフリカ エチオピア
0%
ダフラク・スルタン国 7世紀頃 - 16世紀頃 東アフリカ エリトリア
0%
ミドゥリ・バリ 1137年 - 1879年 東アフリカ エリトリア
0%
ラヘイタ・スルタン国 1600年 - 1891/1902年 東アフリカ エリトリア
0%
イタリア領エリトリア 1890年 - 1936年 東アフリカ エリトリア
0%
マリンディ王国 9世紀頃 - 15世紀頃 東アフリカ ケニア
0%
ワンガ王国 12世紀頃 - 1895年/現在 東アフリカ ケニア
0%
パテ・スルタン国 1203年 - 1895年 東アフリカ ケニア
0%
アキクユ 1512年 - 1888/1895年 東アフリカ ケニア
0%
モンバサ・スルタン国 1547年 - 1826年 東アフリカ ケニア
0%
ウィトゥランド 1810年 - 1885/1923年 東アフリカ ケニア
0%
イギリス領東アフリカ 1895年 - 1920年 東アフリカ ケニア
0%
ケニア植民地及び保護領 1920年 - 1963年 東アフリカ ケニア
0%
ケニア 1963年 - 1964年 東アフリカ ケニア
0%
キルワ王国 957年 - 1513年 東アフリカ タンザニア
0%
ウグウェノ王国 13世紀頃 - 15世紀頃/1881年/1962年 東アフリカ タンザニア
0%
カラグウェ王国 1450年 - 1890年代/1963年 東アフリカ タンザニア
0%
ミランシ 17世紀頃 - 1700年 東アフリカ タンザニア
0%
キャムツァラ 18世紀後半まで 東アフリカ タンザニア ハヤ王国群
0%
キジバ 1890/1961年まで 東アフリカ タンザニア ハヤ王国群
0%
イハンギロ 1890/1961年まで 東アフリカ タンザニア ハヤ王国群
0%
キアンジャ 1890/1961年まで 東アフリカ タンザニア ハヤ王国群
0%
オロンボ帝国 19世紀頃まで 東アフリカ タンザニア チャガ国群
0%
シハ王国 ? - ? 東アフリカ タンザニア チャガ国群
0%
マチャメ王国 ? -? 東アフリカ タンザニア チャガ国群
0%
マサマ王国 ? - ? 東アフリカ タンザニア チャガ国群
0%
マラング王国 ? - ? 東アフリカ タンザニア チャガ国群
0%
マンバ王国 ? - ? 東アフリカ タンザニア チャガ国群
0%
ムウィカ王国 ? - ? 東アフリカ タンザニア チャガ国群
0%
古モシ王国 ? - ? 東アフリカ タンザニア チャガ国群
0%
キルア王国 ? - ? 東アフリカ タンザニア チャガ国群
0%
キボショ王国 ? - ? 東アフリカ タンザニア チャガ国群
0%
サンバー王国 1730年代 - 1885年 東アフリカ タンザニア チャガ国群
0%
ンカリンジ ? - ? 東アフリカ タンザニア ブハ王国群
0%
ブシンゴ ? - ? 東アフリカ タンザニア ブハ王国群
0%
ムハンブウェ ? - ? 東アフリカ タンザニア ブハ王国群
0%
ブユング ? - ? 東アフリカ タンザニア ブハ王国群
0%
ルグル ? - ? 東アフリカ タンザニア ブハ王国群
0%
ブジジ ? - ? 東アフリカ タンザニア ブハ王国群
0%
ブシュビ ? - ? 東アフリカ タンザニア ブハ王国群
0%
ザンジバル・スルタン国 1856年 - 1896年/1964年 東アフリカ タンザニア ニャムウェジ王国群
0%
ウヘヘ王国 19世紀頃 - 1898年 東アフリカ タンザニア ニャムウェジ王国群
0%
ウサンギ王国 19世紀頃 - ?/1962年 東アフリカ タンザニア ニャムウェジ王国群
0%
ウビンザ 19世紀頃 東アフリカ タンザニア ニャムウェジ王国群
0%
ウンヤンイェンベ ? - ? 東アフリカ タンザニア ニャムウェジ王国群
0%
ウルヤンクク ? - ? 東アフリカ タンザニア ニャムウェジ王国群
0%
ウスクマ ? - ? 東アフリカ タンザニア ニャムウェジ王国群
0%
ミランボ 1858年 - 1895年 東アフリカ タンザニア ニャムウェジ王国群
0%
ドイツ領東アフリカ 1885年 - 1919年 東アフリカ タンザニア
0%
タンガニーカ準州 1916年 - 1961年 東アフリカ タンザニア
0%
タンガニーカ 1961年 - 1964年 東アフリカ タンザニア
0%
ザンジバル人民共和国 1964年 東アフリカ タンザニア
0%
キタラ帝国 10世紀頃 - 15世紀頃 東アフリカ ウガンダ
0%
キタグウェンダ王国 1390年 - 1901年 東アフリカ ウガンダ
0%
テケディ王国 15世紀前半 - 16世紀中期 東アフリカ ウガンダ ルオ王国群
0%
ウィパク王国 15世紀前半 - ? 東アフリカ ウガンダ パルオ王国群
0%
ブニョロ王国 14世紀頃 - 1899年/現在 東アフリカ ウガンダ ルオ王国群
0%
ブゾンゴラ王国 14世紀頃/1725年 - 1906年/現在 東アフリカ ウガンダ
0%
アンコーレ王国 1430年 - 1901/1967年 東アフリカ ウガンダ
0%
アルール王国 1490/1630年 - ?/現在 東アフリカ ウガンダ
0%
ブシギ王国 15世紀頃 - ?/20世紀前半 東アフリカ ウガンダ
0%
ブジンザ王国 15世紀頃 - ? 東アフリカ ウガンダ
0%
ブガンダ王国 13/14世紀頃 - 1884年/現在 東アフリカ ウガンダ
0%
ブソガ王国 16世紀頃 - 19世紀後半/現在 東アフリカ ウガンダ
0%
ブシキ 1683年 - ?/現在 東アフリカ ウガンダ 6つの王国
0%
ブグウェリ 1728年 - 19世紀後半/現在 東アフリカ ウガンダ 6つの王国
0%
ブニャ 1737年 - ?/現在 東アフリカ ウガンダ 6つの王国
0%
ブコーリ 1737年 - ?/現在 東アフリカ ウガンダ 6つの王国
0%
ブニョレ ? - ? 東アフリカ ウガンダ 6つの王国
0%
ブテンベ ? - ? 東アフリカ ウガンダ 6つの王国
0%
ブラモギ 1550年 - ?/現在 東アフリカ ウガンダ 5つの公国
0%
ブコノ 1656年 - 1896年/現在 東アフリカ ウガンダ 5つの公国
0%
ルウカ 1737年 - ?/現在 東アフリカ ウガンダ 5つの公国
0%
キグル 1737年 - 1896年 東アフリカ ウガンダ 5つの公国
0%
キグル=ブジンバ 1806年 - 1896年 東アフリカ ウガンダ 5つの公国
0%
ブガブラ ? - ? 東アフリカ ウガンダ 5つの公国
0%
テソ王国 16世紀頃 - ? 東アフリカ ウガンダ
0%
キンギジ王国 16世紀頃 - ? 東アフリカ ウガンダ
0%
ムポロロ王国 1650年 - 1753年 東アフリカ ウガンダ
0%
ルスビ王国 17世紀頃 - 19世紀前半 東アフリカ ウガンダ
0%
キンワニ王国 17世紀頃 - ? 東アフリカ ウガンダ
0%
コーキ王国 1720年 - 1896年/2004年/現在 東アフリカ ウガンダ
0%
ブジンバ王国 18世紀頃 - 1870/1901年 東アフリカ ウガンダ
0%
ブンヤルグル王国 18世紀頃 - 1901年 東アフリカ ウガンダ
0%
イバンダ王国 1814年 - 1902年 東アフリカ ウガンダ
0%
トーロ王国 1830年 - 1876年/現在 東アフリカ ウガンダ
0%
ウガンダ保護領 1894年 - 1962年 東アフリカ ウガンダ
0%
ウガンダ 1962年 - 1963年 東アフリカ ウガンダ
0%
ルウェンズルル王国 1963年 - 1967年 東アフリカ ウガンダ
0%
ウガンダ主権国/第一共和国 1963年 - 1971年 東アフリカ ウガンダ
0%
ウガンダ第二共和国 1971年 - 1979年 東アフリカ ウガンダ
0%
ウガンダ第三共和国 1979年 - 1986年 東アフリカ ウガンダ
0%
ギサカ王国 11世紀頃 - 1854年 東アフリカ ルワンダ
0%
ルワンダ王国 1350年 - 1897/1962年 東アフリカ ルワンダ
0%
ムバリ王国 15世紀頃 - 16/18世紀頃 東アフリカ ルワンダ
0%
カヨンザ王国 16世紀頃 - ? 東アフリカ ルワンダ
0%
ルアンダ=ウルンディ 1916年 - 1962年 東アフリカ ルワンダ
0%
マオレ・スルタン国 1500年 - 1832年 東アフリカ コモロ
0%
ンズワニ・スルタン国 1500年 - 1866/1886/1912年 東アフリカ コモロ
0%
ムワリ・スルタン国 1830年 - 1886/1909年 東アフリカ コモロ
0%
マダガスカル属領 1897年 - 1958年 東アフリカ コモロ
0%
フランス領コモロ 1946年 - 1975年 東アフリカ コモロ
0%
コモロ国 1975年 - 1978年 東アフリカ コモロ
0%
コモロ・イスラム連邦共和国 1978年 - 2001年 東アフリカ コモロ
0%
アンジュアン国 1997年 - 2008年 東アフリカ コモロ
0%
アラソラ ? - ? 東アフリカ マダガスカル ヴァジンバ王国群
0%
アンブヒドラトリモ ? - ? 東アフリカ マダガスカル ヴァジンバ王国群
0%
メリマンジャカ ? - ? 東アフリカ マダガスカル ヴァジンバ王国群
0%
メナベ王国 1540年 - 1834年 東アフリカ マダガスカル
0%
メリナ王国 1540年 - 1897年 東アフリカ マダガスカル
0%
アンテモロ王国 16世紀頃 - 19世紀後半 東アフリカ マダガスカル
0%
アンタカラナ王国 1614年 - 1835年/現在 東アフリカ マダガスカル
0%
バラ王国 1640年 - 1800年 東アフリカ マダガスカル
0%
サカトヴォ 1650年 - ? 東アフリカ マダガスカル マハファリ王国群
0%
メナランドラ 1650年 - ? 東アフリカ マダガスカル マハファリ王国群
0%
リンタ 1670年 - ? 東アフリカ マダガスカル マハファリ王国群
0%
オニラヒィ 1750年 - ? 東アフリカ マダガスカル マハファリ王国群
0%
ボイナ王国 1690年 - 1820/1840年 東アフリカ マダガスカル
0%
ラランギナ ? - ? 東アフリカ マダガスカル べツィレウ王国群
0%
イサンドラ ? - ? 東アフリカ マダガスカル べツィレウ王国群
0%
ファンドリアナ ? - ? 東アフリカ マダガスカル べツィレウ王国群
0%
フィサカナ ? - ? 東アフリカ マダガスカル べツィレウ王国群
0%
アンタイサカ王国 17世紀頃 - 1853年 東アフリカ マダガスカル
0%
アノシ王国 17世紀頃 - 19世紀頃 東アフリカ マダガスカル
0%
サカラヴァ帝国 17世紀頃 - 1896年/現在 東アフリカ マダガスカル
0%
べツィミサラカ王国 1710年 - 1817年 東アフリカ マダガスカル
0%
タマタヴ王国 1712年 - 1828年 東アフリカ マダガスカル
0%
タンドロイ王国 18世紀前半 - 1790年/? 東アフリカ マダガスカル
0%
アンタイファシ王国 18世紀頃 - 1827/1896年 東アフリカ マダガスカル
0%
ジフィランボ王国 18世紀頃 東アフリカ マダガスカル
0%
イサンドラ王国 18世紀頃 - ? 東アフリカ マダガスカル
0%
ベンザノザノ王国 18世紀後半 東アフリカ マダガスカル
0%
アントンギル王国 1773年 - 1786年 東アフリカ マダガスカル
0%
タニベ王国 1822年 - 1828年 東アフリカ マダガスカル
0%
マラガシ保護領 1882年 - 1897年 東アフリカ マダガスカル
0%
フランス領マダガスカル 1897年 - 1958年 東アフリカ マダガスカル
0%
マラガシ共和国 1958年 - 1975年 東アフリカ マダガスカル
0%
マダガスカル民主共和国 1975年 - 1992年 東アフリカ マダガスカル
0%
マダガスカル第三共和国 1992年 - 2010年 東アフリカ マダガスカル
0%
ブゲセラ王国 16世紀頃 - 1799年 東アフリカ ブルンジ
0%
ブルンジ王国 1675年 - 1890/1966年 東アフリカ ブルンジ
0%
ゴバード・スルタン国 18世紀頃 - 1885年/? 東アフリカ ジブチ
0%
オボック準州 1862年 - 1896年 東アフリカ ジブチ
0%
フランス領ソマリランド 1886年 - 1967年 東アフリカ ジブチ
0%
フランス領アファル・イッサ 1967年 - 1977年 東アフリカ ジブチ
0%
オランダ領モーリシャス 1638年 - 1710年 東アフリカ モーリシャス
0%
フランス領フランス島 1715年 - 1810年 東アフリカ モーリシャス
0%
イギリス領モーリシャス 1810年 - 1968年 東アフリカ モーリシャス
0%
モーリシャス 1968年 - 1992年 東アフリカ モーリシャス
0%
セーシェル直轄植民地 1903年 - 1976年 東アフリカ セーシェル
0%
セーシェル第一共和国 1976年 - 1977年 東アフリカ セーシェル
0%
セーシェル第二共和国 1977年 - 1991年 東アフリカ セーシェル
0%
ガーナ王国 350年 - 1240年 西アフリカ マリ
0%
ガオ王国 7世紀頃 - 1430年 西アフリカ マリ
0%
メマ 8世紀頃 - 1450年 西アフリカ マリ
0%
タドメッカ王国 10世紀頃 - 14世紀頃 西アフリカ マリ
0%
ディアラ王国 1076年 - 1860年 西アフリカ マリ
0%
ソソ王国 1076年 - 1235年 西アフリカ マリ
0%
マシナ・スルタン国 1400年 - 1818年 西アフリカ マリ
0%
トンブクトゥのパシャリク 1591年 - 1833年 西アフリカ マリ
0%
セグー王国 1600年 - 1861年 西アフリカ マリ
0%
カアルタ王国 1610年 - 1870/1904年 西アフリカ マリ
0%
ケネドゥグー王国 1650年 - 1898年 西アフリカ マリ
0%
ハッソ王国 1681年 - 1880年 西アフリカ マリ
0%
クナアリ 18世紀頃 - 19世紀頃 西アフリカ マリ
0%
アムダラーイ・カリフ国 1818年 - 1862年 西アフリカ マリ
0%
ティジャニーヤ・カリフ国 1852年 - 1893年 西アフリカ マリ
0%
フランス領スーダン 1880年 - 1960年 西アフリカ マリ
0%
オー・セネガル・ニジェール植民地 1904年 - 1921年 西アフリカ マリ
0%
マリ連邦 1959年 - 1960年 西アフリカ マリ
0%
アザワド 2012年 西アフリカ マリ
0%
タクルール 6世紀頃 - 1456/1526年 西アフリカ セネガル
0%
シッラ 11世紀頃 - 13/14世紀頃 西アフリカ セネガル
0%
ガジャーガ王国 1000年 - 1858年 西アフリカ セネガル
0%
ナマンディル 11世紀頃 - 1460年 西アフリカ セネガル
0%
ウリ王国 1235年 - 1889年 西アフリカ セネガル
0%
ワーロ王国 1287年 - 1855年 西アフリカ セネガル
0%
ジョロフ帝国 13/14世紀頃 - 1549年 西アフリカ セネガル
0%
シネ王国 14世紀頃 - 19世紀頃 西アフリカ セネガル
0%
ニアニ王国 14世紀頃 - 19世紀後半 西アフリカ セネガル
0%
サルーム王国 1494年 - 1871/1969年 西アフリカ セネガル
0%
大フーロ王国 1513年 - 1776年 西アフリカ セネガル
0%
ジョロフ王国 1549年 - 1890年 西アフリカ セネガル
0%
カサ王国 15世紀頃 - 1830年 西アフリカ セネガル
0%
カヨール王国 1549年 - 1879年 西アフリカ セネガル
0%
バオル王国 1555年 - 1874年 西アフリカ セネガル
0%
オランダ領セネガンビア 1617年 - 1678年 西アフリカ セネガル
0%
ブンドゥ王国 1690年 - 1858年 西アフリカ セネガル
0%
ベティオ 1724年 - ?/現在 西アフリカ セネガル
0%
フータ・トーロ・イマーム国 1776年 - 1877年 西アフリカ セネガル
0%
セネガル植民地 1817年 - 1946年 西アフリカ セネガル
0%
セネガンビア・ニジェール植民地 1902年 - 1904年 西アフリカ セネガル
0%
セネガンビア国家連合 1982年 - 1989年 西アフリカ セネガル
0%
ダウラ王国 700年 - 1805年/現在 西アフリカ ナイジェリア ハウサ諸王国
0%
カノ王国 999年 - 1349年 西アフリカ ナイジェリア ハウサ諸王国
0%
ラノ 1001年 - 1819年/現在 西アフリカ ナイジェリア ハウサ諸王国
0%
ザリア王国 11世紀頃 - 1808年/現在 西アフリカ ナイジェリア ハウサ諸王国
0%
ゴビール 11世紀頃 - 1803年/? 西アフリカ ナイジェリア ハウサ諸王国
0%
ビラム 1100年 - 1805年/? 西アフリカ ナイジェリア ハウサ諸王国
0%
カツィナ王国 1348年 - 1807年/現在 西アフリカ ナイジェリア バンザ・バグワイ
0%
クワララファ連合 1500年 - 1840年 西アフリカ ナイジェリア バンザ・バグワイ
0%
ヌペ王国 1531年 - 1835年 西アフリカ ナイジェリア バンザ・バグワイ
0%
ケッビ王国 1516年 - 1808年 西アフリカ ナイジェリア バンザ・バグワイ
0%
ヤーウリー首長国 ? - ? 西アフリカ ナイジェリア バンザ・バグワイ
0%
グワウリー ? - ? 西アフリカ ナイジェリア バンザ・バグワイ
0%
イドゴミゴド 900年 - 1170年 西アフリカ ナイジェリア
0%
ウド ? - 15/16世紀頃 西アフリカ ナイジェリア
0%
ンリ王国 948年 - 1911年/現在 西アフリカ ナイジェリア イボ王国群
0%
ンネウィ王国 1498年 - 1904年/現在 西アフリカ ナイジェリア イボ王国群
0%
アグレリ王国 ? - ? 西アフリカ ナイジェリア イボ王国群
0%
アロ連合 1690年 - 1902年 西アフリカ ナイジェリア イボ王国群
0%
オニチャ ? - ? 西アフリカ ナイジェリア イボ王国群
0%
アグボル ? - ? 西アフリカ ナイジェリア イボ王国群
0%
アボー ? - ? 西アフリカ ナイジェリア イボ王国群
0%
オグタ ? - ? 西アフリカ ナイジェリア イボ王国群
0%
エリ王国 ? - ? 西アフリカ ナイジェリア イボ王国群
0%
オウォ 1019年 - 1893年/現在 西アフリカ ナイジェリア ヨルバ王国群
0%
イレサ 1150年 - ?/現在 西アフリカ ナイジェリア ヨルバ王国群
0%
イラ=ヤラ 12世紀頃 - 15世紀頃 西アフリカ ナイジェリア ヨルバ王国群
0%
イフェ王国 1200年 - 1420年 西アフリカ ナイジェリア ヨルバ王国群
0%
イセド 13/14世紀頃 - ? 西アフリカ ナイジェリア ヨルバ王国群
0%
オウ王国 ? - ? 西アフリカ ナイジェリア ヨルバ王国群
0%
ウグボ王国 ? - ? 西アフリカ ナイジェリア ヨルバ王国群
0%
オヨ王国 1300年 - 1898年/現在 西アフリカ ナイジェリア ヨルバ王国群
0%
イジェブ王国 1400年 - 1892年/現在 西アフリカ ナイジェリア ヨルバ王国群
0%
アド王国 15世紀頃 - 1891年 西アフリカ ナイジェリア ヨルバ王国群
0%
イウォ王国 1415年 - ?/現在 西アフリカ ナイジェリア ヨルバ王国群
0%
オンド王国 1510年 - 1899年/現在 西アフリカ ナイジェリア ヨルバ王国群
0%
ラゴス 1600年 - 1862年/現在 西アフリカ ナイジェリア ヨルバ王国群
0%
オグボモショ 1659年 - ?/現在 西アフリカ ナイジェリア ヨルバ王国群
0%
ブサ 1730年 - 19世紀頃 西アフリカ ナイジェリア ヨルバ王国群
0%
エグバ・アケ ? - ? 西アフリカ ナイジェリア エグバランド
0%
オケ・オナ ? - ? 西アフリカ ナイジェリア エグバランド
0%
エグバ・グバグラ ? - ? 西アフリカ ナイジェリア エグバランド
0%
イジャイェ 1836年 - 1861年 西アフリカ ナイジェリア ヨルバ王国群
0%
イェワ 1890年 - 1914年 西アフリカ ナイジェリア ヨルバ王国群
0%
イバダン ? - 1893年/現在 西アフリカ ナイジェリア ヨルバ王国群
0%
アクレ王国 1818年 - 1854年/現在 西アフリカ ナイジェリア ヨルバ王国群
0%
バダグリー 1821年 - 1863年 西アフリカ ナイジェリア ヨルバ王国群
0%
ベニン王国 1170年 - 1897年/現在 西アフリカ ナイジェリア
0%
エデム王国 12世紀頃 - ?/現在 西アフリカ ナイジェリア
0%
アクパキプ・オロ 1200年 - 1909年 西アフリカ ナイジェリア
0%
ウグ王国 13世紀頃 - ?/現在 西アフリカ ナイジェリア
0%
ダニスキ王国 1447年 - 1806年 西アフリカ ナイジェリア
0%
ブラス 1450年 - 1885年 西アフリカ ナイジェリア
0%
ボニー王国 1450年 - 1885年/現在 西アフリカ ナイジェリア
0%
ワリ王国 1480年 - ?/現在 西アフリカ ナイジェリア
0%
オクリカ ? - 1913年 西アフリカ ナイジェリア
0%
イガラ王国 1507年 - 1900年/現在 西アフリカ ナイジェリア
0%
ビウ王国 1535年 - 1900年 西アフリカ ナイジェリア
0%
スクル王国 16世紀頃 - ? 西アフリカ ナイジェリア
0%
ネンベ王国 1639年 - 1884年/現在 西アフリカ ナイジェリア
0%
ラフィア首長国 17世紀頃 - ?/現在 西アフリカ ナイジェリア
0%
カラバリ王国 1699年 - 1900年/現在 西アフリカ ナイジェリア
0%
ケアナ 1700年 - 1900年 西アフリカ ナイジェリア
0%
グメル 1749年 - 1903年 西アフリカ ナイジェリア
0%
ケッフィ 1750年 - 1802年/1902年 西アフリカ ナイジェリア
0%
アクワ・アクパ 1786年 - 1896年/現在 西アフリカ ナイジェリア
0%
ソコト・カリフ国 1804年 - 1904年/現在 西アフリカ ナイジェリア
0%
ポティスクム首長国 1809年 - 1901年 西アフリカ ナイジェリア
0%
ラゴス植民地 1862年 - 1906年 西アフリカ ナイジェリア
0%
ニジェール海岸保護領 1884年 - 1900年 西アフリカ ナイジェリア
0%
南部ナイジェリア保護領 1900年 - 1914年 西アフリカ ナイジェリア
0%
北部ナイジェリア保護領 1900年 - 1914年 西アフリカ ナイジェリア
0%
イギリス保護領ナイジェリア 1914年 - 1960年 西アフリカ ナイジェリア
0%
ナイジェリア連邦 1954年 - 1963年 西アフリカ ナイジェリア
0%
ナイジェリア第一共和国 1963年 - 1966年 西アフリカ ナイジェリア
0%
ナイジェリア軍事政権 1966年 - 1999年 西アフリカ ナイジェリア
0%
ベニン共和国 1967年 西アフリカ ナイジェリア
0%
ナイジェリア第二共和国 1979年 - 1983年 西アフリカ ナイジェリア
0%
ナイジェリア第三共和国 1993年 西アフリカ ナイジェリア
0%
アウダゴースト王国 ? - 12/17世紀頃 西アフリカ モーリタニア
0%
ウアラタ王国 15世紀前半 - ? 西アフリカ モーリタニア
0%
タガント首長国 1580年 - 19世紀頃 西アフリカ モーリタニア
0%
トラルザ首長国 1640年 - 1902年/現在 西アフリカ モーリタニア
0%
ブラクナ首長国 17世紀頃 - 19世紀頃 西アフリカ モーリタニア
0%
アドラル首長国 1800年 - 1909年 西アフリカ モーリタニア
0%
モーリタニア植民地 1903年 - 1960年 西アフリカ モーリタニア
0%
マランダ王国 10世紀頃 西アフリカ ニジェール
0%
タケッダ王国 10世紀頃 - 14世紀頃 西アフリカ ニジェール
0%
アガデス・スルタン国 1404年 - 1906年/現在 西アフリカ ニジェール
0%
トゥガナ王国 1591年 - ? 西アフリカ ニジェール
0%
ダマガラム・スルタン国 1731年 - 1851年 西アフリカ ニジェール
0%
ドッソ王国 1750年 - 1898年/現在 西アフリカ ニジェール
0%
マラディ 19世紀頃 西アフリカ ニジェール ハウサ諸王国
0%
サイ首長国 1825年 - ? 西アフリカ ニジェール
0%
ニジェール植民地 1922年 - 1960年 西アフリカ ニジェール
0%
ワガドゥグー王国 1182年 - 1896年/現在 西アフリカ ブルキナファソ モシ諸王国
0%
タンコドゴ 1120年 - ?/現在 西アフリカ ブルキナファソ モシ諸王国
0%
ファダ・ングルマ 1204年 - 1895年/現在 西アフリカ ブルキナファソ モシ諸王国
0%
ゾンドマ 1333年 - 19世紀後半/現在 西アフリカ ブルキナファソ モシ諸王国
0%
ブスマ ? - ? 西アフリカ ブルキナファソ
0%
ビラヤンガ ? - ? 西アフリカ ブルキナファソ
0%
マムプルグ王国 1450年 - ?/現在 西アフリカ ブルキナファソ
0%
オートボルタ植民地 1919年 - 1958年 西アフリカ ブルキナファソ
0%
オートボルタ共和国 1958年 - 1984年 西アフリカ ブルキナファソ
0%
ブルキナファソ共和国 1983年 - 1987年 西アフリカ ブルキナファソ
0%
ブルキナファソ共和国 1987年 - 2014年 西アフリカ ブルキナファソ
0%
ボノ・マンソ 12世紀頃 - 19世紀頃 西アフリカ ガーナ
0%
マンケッシム王国 1252年 - 1844年/現在 西アフリカ ガーナ
0%
ベホ 13世紀頃 - 1680年 西アフリカ ガーナ
0%
アハンタ王国 13世紀頃 - 1656年/19世紀頃 西アフリカ ガーナ
0%
ワラ王国 1317年 - ? 西アフリカ ガーナ
0%
アダンシ王国 14世紀頃 - 18世紀頃 西アフリカ ガーナ
0%
アキェム・アブアクワ 16世紀頃 - ? 西アフリカ ガーナ アダンシ王国
0%
アキェム・コトク 16世紀頃 - ? 西アフリカ ガーナ アダンシ王国
0%
アキェム・ボソメ 16世紀頃 - ? 西アフリカ ガーナ アダンシ王国
0%
ダグボン王国 14/15世紀頃 - 1896年/現在 西アフリカ ガーナ
0%
トゥウィフォ王国 1480年 - 1560年 西アフリカ ガーナ
0%
ポルトガル領黄金海岸 1482年 - 1642年 西アフリカ ガーナ
0%
ゴンジャ王国 1495年 - 1713年/現在 西アフリカ ガーナ
0%
アセブ王国 15世紀頃 - ? 西アフリカ ガーナ
0%
フェトゥ王国 15世紀頃 - 1720年/? 西アフリカ ガーナ
0%
エグアフォ 15世紀頃 - ? 西アフリカ ガーナ
0%
デンキラ王国 1500年 - 1701年 西アフリカ ガーナ
0%
ガー王国 1510年 - ?/現在 西アフリカ ガーナ
0%
アクワム王国 1560年 - 1733年/現在 西アフリカ ガーナ
0%
ドゥワベン王国 1600/1874年 - ? 西アフリカ ガーナ
0%
オランダ領黄金海岸 1612年 - 1872年 西アフリカ ガーナ
0%
スウェーデン領黄金海岸 1650年 - 1663年 西アフリカ ガーナ
0%
デンマーク領黄金海岸 1658年 - 1660年 西アフリカ ガーナ
0%
アシャンティ王国 1680年 - 1957年/現在 西アフリカ ガーナ
0%
ブランデンブルク領黄金海岸 1682年 - 1721年 西アフリカ ガーナ
0%
アオウィン王国 ? - ?/現在 西アフリカ ガーナ
0%
アンロ ? - ? 西アフリカ ガーナ
0%
ペキ ? - ? 西アフリカ ガーナ
0%
クパンド ? - ? 西アフリカ ガーナ
0%
アグウェ王国 1812年 - 1895年/現在 西アフリカ ガーナ
0%
アッシン王国 17世紀頃 西アフリカ ガーナ
0%
アクロポン王国 1730年 - ?/現在 西アフリカ ガーナ
0%
マニャ・クロボ ? - 19世紀頃 西アフリカ ガーナ
0%
イギリス領黄金海岸 1821年 - 1957年 西アフリカ ガーナ
0%
ザバルマ首長国 1860年 - 1897年 西アフリカ ガーナ
0%
イギリス領トーゴランド 1916年 - 1956年 西アフリカ ガーナ
0%
ガーナ自治領 1957年 - 1960年 西アフリカ ガーナ
0%
アフリカ諸国連合 1958年 - 1963年 西アフリカ ガーナ
0%
ガーナ第二共和国 1966年 - 1979年 西アフリカ ガーナ
0%
コンボ王国 1271年 - 1875年 西アフリカ ガンビア
0%
バディブ王国 1861年まで 西アフリカ ガンビア
0%
ニウミ王国 15世紀頃 - 1897/1911年 西アフリカ ガンビア
0%
クールラント領聖アンドレ島 1651年 - 1664年 西アフリカ ガンビア
0%
フラドゥ 1867年 - 1903年/現在 西アフリカ ガンビア
0%
キアン 19世紀頃 西アフリカ ガンビア
0%
ガンビア植民地および保護領 1816年 - 1965年 西アフリカ ガンビア
0%
ガンビア 1965年 - 1970年 西アフリカ ガンビア
0%
ガンビア国家革命委員会 1981年 西アフリカ ガンビア
0%
ポルトガル領カーボベルデ 1462年 - 1975年 西アフリカ カーボベルデ
0%
ダサ=ズメ 1600年 - 1889年/現在 西アフリカ ベナン ヨルバ王国群
0%
サベー 1738年 - 1894年/現在 西アフリカ ベナン ヨルバ王国群
0%
ケトゥ 1795年 - 1880年代/現在 西アフリカ ベナン
0%
アルドラ王国 1440年 - 1894年/現在 西アフリカ ベナン フォン王国群
0%
ウィダー王国 1580年 - 1727年/現在 西アフリカ ベナン フォン王国群
0%
ダホメ王国 1600年 - 1900年/現在 西アフリカ ベナン フォン王国群
0%
ホグボヌ王国 17世紀頃 - 1863/1908年/現在 西アフリカ ベナン フォン王国群
0%
サヴァルー王国 1557年 - 1769/1894年/現在 西アフリカ ベナン フォン王国群
0%
大ポポ王国 17世紀前半 - ? 西アフリカ ベナン ペダ王国群
0%
アグエー 19世紀頃 西アフリカ ベナン ペダ王国群
0%
ウェーメー王国 17世紀頃 - 18世紀頃 西アフリカ ベナン フォン王国群
0%
フィッタ王国 ? - ? 西アフリカ ベナン マヒ王国群
0%
サヴァルー王国 ? - ? 西アフリカ ベナン マヒ王国群
0%
オランダ領奴隷海岸 1660年 - 1760年 西アフリカ ベナン
0%
フランス領ダホメ 1894年 - 1958年 西アフリカ ベナン
0%
ダホメ共和国 1958年 - 1975年 西アフリカ ベナン
0%
ベナン人民共和国 1975年 - 1990年 西アフリカ ベナン
0%
コヤ王国 1505年 - 1896年 西アフリカ シエラレオネ
0%
サペス王国 16世紀頃まで 西アフリカ シエラレオネ
0%
ソリマナ 19世紀頃 西アフリカ シエラレオネ
0%
シエラレオネ植民地および保護領 1808年 - 1961年 西アフリカ シエラレオネ
0%
シエラレオネ自治領 1961年 - 1971年 西アフリカ シエラレオネ
0%
カアブ王国 1537年 - 1867年 西アフリカ ギニアビサウ
0%
ビサウ王国 16世紀前半 - 1915年/現在 西アフリカ ギニアビサウ
0%
ポルトガル領ギニア 1588年 - 1974年 西アフリカ ギニアビサウ
0%
バテー王国 16世紀頃 - 19世紀頃 西アフリカ ギニア
0%
フータ・ジャロン・イマーム国 1700年 - 1881/1912年 西アフリカ ギニア
0%
ワスールー国 1878年 - 1898年 西アフリカ ギニア
0%
ドゥブレーカ 1885/1906年まで 西アフリカ ギニア
0%
キッシ王国 19世紀頃 西アフリカ ギニア
0%
フランス領ギニア 1891年 - 1958年 西アフリカ ギニア
0%
ギニア人民革命共和国 1978年 - 1984年 西アフリカ ギニア
0%
ギャマン王国 1650年 - 1888/1897年 西アフリカ コートジボワール
0%
コング王国 1710年 - 1894年 西アフリカ コートジボワール
0%
バウレ王国 1710年 - 1893年/現在 西アフリカ コートジボワール
0%
サンウィ王国 西アフリカ コートジボワール アンイ王国群
0%
インデニー王国 ? - ? 西アフリカ コートジボワール アンイ王国群
0%
ベッティー王国 ? - ? 西アフリカ コートジボワール アンイ王国群
0%
モロヌ王国 ? - ? 西アフリカ コートジボワール アンイ王国群
0%
ダブー王国 ? - ? 西アフリカ コートジボワール アンイ王国群
0%
カバドゥグー王国 1848年 - 1898/1980年 西アフリカ コートジボワール
0%
コートジボワール植民地 1893年 - 1960年 西アフリカ コートジボワール
0%
コートジボワール第一共和国 1960年 - 1999年 西アフリカ コートジボワール
0%
ノツェ 15世紀頃 - ?/現在 西アフリカ トーゴ エウェ王国群
0%
アネホ王国 1750年 - 1883/1885年 西アフリカ トーゴ フォン王国群
0%
コトコリア 18世紀頃 - ?/現在 西アフリカ トーゴ
0%
ドイツ領トーゴラント 1884年 - 1916年 西アフリカ トーゴ
0%
フランス領トーゴランド 1916年 - 1960年 西アフリカ トーゴ
0%
リベリア植民地 1821年 - 1847年 西アフリカ リベリア
0%
メリーランド共和国 1841年 - 1857年 西アフリカ リベリア
0%
人民救済評議会 1980年 - 1990年 西アフリカ リベリア
0%
カネム王国 692年 - 1380年 中央アフリカ チャド
0%
ヤオ・スルタン国 15世紀頃 - 1890年 中央アフリカ チャド
0%
バギルミ・スルタン国 1513年 - 1899年/現在 中央アフリカ チャド
0%
ダル・タマ 17世紀頃 - ? 中央アフリカ チャド
0%
ワダイ・スルタン国 1635年 - 1912年/現在 中央アフリカ チャド
0%
ダル・ルンガ ? - 1890年 中央アフリカ チャド
0%
フランス領チャド 1900年 - 1960年 中央アフリカ チャド
0%
チャド第一共和国 1960年 - 1975年 中央アフリカ チャド
0%
最高軍事評議会 1975年 - 1979年 中央アフリカ チャド
0%
国民統一移行政府 1979年 - 1982年 中央アフリカ チャド
0%
ブング 13世紀前半 - ? 中央アフリカ コンゴ民主共和国
0%
ムペンバ 13世紀前半 - 14世紀頃 中央アフリカ コンゴ民主共和国
0%
ンゴヨ王国 13世紀前半 - 1885年 中央アフリカ コンゴ民主共和国
0%
ルバ王国 14/15/16世紀頃 - 1885年/現在 中央アフリカ コンゴ民主共和国
0%
ムウェネ・ムジ 1400年 - 20世紀前半 中央アフリカ コンゴ民主共和国
0%
クバ王国 1625年 - 1884年/現在 中央アフリカ コンゴ民主共和国
0%
ルンダ王国 1665年 - 1887年/現在 中央アフリカ コンゴ民主共和国
0%
バシ王国 17世紀頃 - ? 中央アフリカ コンゴ民主共和国
0%
ボマ王国 17世紀頃 - 19世紀頃 中央アフリカ コンゴ民主共和国
0%
イェケ王国 1856年 - 1891年 中央アフリカ コンゴ民主共和国
0%
ウテテラ・スルタン国 1860年 - 1887年 中央アフリカ コンゴ民主共和国
0%
コンゴ国際協会 1879年 - 1885年 中央アフリカ コンゴ民主共和国
0%
ベルギー領コンゴ 1908年 - 1960年 中央アフリカ コンゴ民主共和国
0%
コンゴ共和国 1960年 - 1971年 中央アフリカ コンゴ民主共和国
0%
南カサイ鉱山国 1960年 - 1962年 中央アフリカ コンゴ民主共和国
0%
カタンガ国 1960年 - 1963年 中央アフリカ コンゴ民主共和国
0%
カコンゴ王国 13世紀前半 - 1885年 中央アフリカ コンゴ共和国
0%
ティオ王国 14世紀頃 - 1880年 中央アフリカ コンゴ共和国
0%
ロアンゴ王国 1550年 - 1883年/現在 中央アフリカ コンゴ共和国
0%
フランス領コンゴ 1882年 - 1960年 中央アフリカ コンゴ共和国
0%
コンゴ共和国 1958年 - 1969年 中央アフリカ コンゴ共和国
0%
コンゴ人民共和国 1969年 - 1992年 中央アフリカ コンゴ共和国
0%
ティンカラ ? - ? 中央アフリカ カメルーン ティカールのフォンドン群
0%
ンガンベー=ティカール ? - ? 中央アフリカ カメルーン ティカールのフォンドン群
0%
バムン王国 1390年 - 1884年/現在 中央アフリカ カメルーン ティカールのフォンドン群
0%
ンディタム ? - ? 中央アフリカ カメルーン ティカールのフォンドン群
0%
ングメ ? - ? 中央アフリカ カメルーン ティカールのフォンドン群
0%
ンソ ? - ? 中央アフリカ カメルーン ティカールのフォンドン群
0%
コング ? - ? 中央アフリカ カメルーン ティカールのフォンドン群
0%
コム ? - ? 中央アフリカ カメルーン ティカールのフォンドン群
0%
ンドゥ ? - ? 中央アフリカ カメルーン ティカールのフォンドン群
0%
バンキム ? - ? 中央アフリカ カメルーン ティカールのフォンドン群
0%
バフーサム 14世紀前半 - ?/現在 中央アフリカ カメルーン バミレケのフォンドン群
0%
バンジュン 1545年 - ?/現在 中央アフリカ カメルーン バミレケのフォンドン群
0%
バファング ? - ? 中央アフリカ カメルーン バミレケのフォンドン群
0%
バファム ? - ? 中央アフリカ カメルーン バミレケのフォンドン群
0%
バンガンテー ? - ? 中央アフリカ カメルーン バミレケのフォンドン群
0%
バトゥーファム ? - ? 中央アフリカ カメルーン バミレケのフォンドン群
0%
バワジュ ? - ? 中央アフリカ カメルーン バミレケのフォンドン群
0%
ズチャン ? - ? 中央アフリカ カメルーン バミレケのフォンドン群
0%
ムブーダ ? - ? 中央アフリカ カメルーン バミレケのフォンドン群
0%
コトコ王国 15世紀頃 - 19世紀頃 中央アフリカ カメルーン
0%
ムボット・アバシ王国 ? - ? 中央アフリカ カメルーン
0%
マンダラ・スルタン国 1500年 - 1893年/現在 中央アフリカ カメルーン
0%
ドゥアラ王国 16世紀頃 - 1879年 中央アフリカ カメルーン
0%
バンジュン王国 16世紀頃 - 1926年 中央アフリカ カメルーン
0%
バフート酋長国 ? - 1907年/現在 中央アフリカ カメルーン
0%
マンコン酋長国 1799年 - 1901年/現在 中央アフリカ カメルーン
0%
ドイツ保護領カメルーン 1884年 - 1916年 中央アフリカ カメルーン
0%
フランス領カメルーン 1922年 - 1960年 中央アフリカ カメルーン
0%
イギリス領カメルーン 1922年 - 1961年 中央アフリカ カメルーン
0%
ポルトガル領サントメ・プリンシペ 1485年 - 1975年 中央アフリカ サントメ・プリンシペ
0%
オルング王国 1700年 - 1873/1927年/現在 中央アフリカ ガボン
0%
ガボン植民地 1905年 - 1960年 中央アフリカ ガボン
0%
ガボン共和国 1968年 - 1990年 中央アフリカ ガボン
0%
バンガスー・スルタン国 18世紀前半 - ?/現在 中央アフリカ 中央アフリカ共和国
0%
ゼミオ 1823年 - ?/1923年 中央アフリカ 中央アフリカ共和国 ザンデのスルタン国群
0%
ラファイ ? - ? 中央アフリカ 中央アフリカ共和国 ザンデのスルタン国群
0%
ダル・アル・クティ 1830年 - 1911年 中央アフリカ 中央アフリカ共和国
0%
ラビーフ・アッ=ズバイル 1880年 - 1900年 中央アフリカ 中央アフリカ共和国
0%
フランス領ウバンギ・シャリ 1903年 - 1960年 中央アフリカ 中央アフリカ共和国
0%
中央アフリカ帝国 1976年 - 1979年 中央アフリカ 中央アフリカ共和国
0%
スペイン領ギニア 1778年 - 1968年 中央アフリカ 赤道ギニア
0%
エロベイ・アンノボン及びコリスコ 1843年 - 1926年 中央アフリカ 赤道ギニア
0%
マペラ 1055年 - 1400年 南アフリカ ジンバブエ
0%
大ジンバブエ王国 11/13世紀頃 - 16/17世紀頃 南アフリカ ジンバブエ
0%
モノモタパ王国 1330年/15世紀頃 - 1888年 南アフリカ ジンバブエ
0%
ブトゥワ王国 1450年 - 1683年 南アフリカ ジンバブエ
0%
ロズヴィ王国 1480年 - 1866年 南アフリカ ジンバブエ
0%
マウングウェ 17世紀頃 - 1889/1896年 南アフリカ ジンバブエ
0%
ンデベレ王国 1840年 - 1895年 南アフリカ ジンバブエ
0%
南ローデシア 1923年 - 1980年 南アフリカ ジンバブエ
0%
ローデシア・ニヤサランド連邦 1953年 - 1963年 南アフリカ ジンバブエ
0%
ローデシア 1964年 - 1965年 南アフリカ ジンバブエ
0%
ローデシア共和国 1965年 - 1979年 南アフリカ ジンバブエ
0%
ジンバブエ・ローデシア 1979年 南アフリカ ジンバブエ
0%
マプングブエ王国 1220年 - 1300年 南アフリカ 南アフリカ
0%
トゥラメラ 13世紀頃 - 17世紀頃 南アフリカ 南アフリカ
0%
オランダ領ケープ植民地 1652年 - 1806年 南アフリカ 南アフリカ
0%
コサ王国 1775年 - 1879年/現在 南アフリカ 南アフリカ
0%
テンブ ? - 1885年/現在 南アフリカ 南アフリカ
0%
ンドワンドウェ王国 1780年 - 1819年 南アフリカ 南アフリカ
0%
フルビ王国 1780年 - 1800/1848年/現在 南アフリカ 南アフリカ
0%
ムポンド王国 1780年 - 1867年/現在 南アフリカ 南アフリカ
0%
ムテトワ王国 18世紀頃 - 1820年 南アフリカ 南アフリカ
0%
ペディ王国 18世紀後半 - 1882年 南アフリカ 南アフリカ
0%
スウェレンダム共和国 1795年 南アフリカ 南アフリカ
0%
グラーフ=ライネ共和国 1795年 - 1796年 南アフリカ 南アフリカ
0%
バロベンドゥ王国 1800年 - ?/現在 南アフリカ 南アフリカ
0%
グリカランドウェスト 1800年 - 1880年 南アフリカ 南アフリカ
0%
ケープ植民地 1806年 - 1910年 南アフリカ 南アフリカ
0%
ンゴニ王国 1815年 - 1857年/現在 南アフリカ 南アフリカ
0%
ズールー王国 1816年 - 1897年/現在 南アフリカ 南アフリカ
0%
ゾートパンスベルク 1835年 - 1864年 南アフリカ 南アフリカ
0%
ウィンバーグ 1836年 - 1844年 南アフリカ 南アフリカ
0%
ポチェフストルーム 1837年 - 1844年 南アフリカ 南アフリカ
0%
ナタール共和国 1839年 - 1843年 南アフリカ 南アフリカ
0%
ナタール植民地 1843年 - 1910年 南アフリカ 南アフリカ
0%
クリップ川共和国 1847年 - 1848年 南アフリカ 南アフリカ
0%
ライデンバーグ共和国 1849年 - 1860年 南アフリカ 南アフリカ
0%
ユトレヒト共和国 1852年 - 1858年 南アフリカ 南アフリカ
0%
南アフリカ共和国 1852年 - 1915年 南アフリカ 南アフリカ
0%
グリカランドイースト 1862年 - 1879年 南アフリカ 南アフリカ
0%
クライン自由国 1876年 - 1891年 南アフリカ 南アフリカ
0%
トランスヴァール植民地 1877年 - 1910年 南アフリカ 南アフリカ
0%
ゴシェン国 1882年 - 1883年 南アフリカ 南アフリカ
0%
ステラランド共和国 1882年 - 1883年 南アフリカ 南アフリカ
0%
ステラランド合衆国 1883年 - 1885年 南アフリカ 南アフリカ
0%
ニーウェ共和国 1884年 - 1888年 南アフリカ 南アフリカ
0%
ウピントニア共和国 1885年 - 1887年 南アフリカ 南アフリカ
0%
オレンジ川植民地 1902年 - 1910年 南アフリカ 南アフリカ
0%
南アフリカ連邦 1910年 - 1961年 南アフリカ 南アフリカ
0%
トンゲ王国 ? - ? 南アフリカ モザンビーク
0%
マラビ 1480年 - 1891年/現在 南アフリカ モザンビーク
0%
アンゴシェ・スルタン国 1485/1513年 - 1910年 南アフリカ モザンビーク
0%
バルエ王国 15世紀頃 - ? 南アフリカ モザンビーク
0%
ポルトガル領モザンビーク 1505年 - 1975年 南アフリカ モザンビーク
0%
ガザ王国 1824年 - 1895年 南アフリカ モザンビーク
0%
モザンビーク人民共和国 1975年 - 1990年 南アフリカ モザンビーク
0%
ンドンゴ王国 1358年 - 1671/1909年/現在 南アフリカ アンゴラ
0%
コンゴ王国 1390年 - 1857/1914年 南アフリカ アンゴラ
0%
マタンバ王国 1550年 - 1744年 南アフリカ アンゴラ
0%
ンソンソ 1550年 - ? 南アフリカ アンゴラ
0%
カサンゼ王国 1500年 - 1648年 南アフリカ アンゴラ
0%
ムブンダ王国 1500年 - 1917年/現在 南アフリカ アンゴラ
0%
フンベ 16世紀頃 - ? 南アフリカ アンゴラ オヴィンブンド王国群
0%
クレンベ 16世紀頃 - ? 南アフリカ アンゴラ オヴィンブンド王国群
0%
バイルンド王国 1700年 - 1770年/現在 南アフリカ アンゴラ オヴィンブンド王国群
0%
ビエ ? - ? 南アフリカ アンゴラ オヴィンブンド王国群
0%
ウアンボ ? - ? 南アフリカ アンゴラ オヴィンブンド王国群
0%
キヤカ ? - ? 南アフリカ アンゴラ オヴィンブンド王国群
0%
ンガランギ ? - ? 南アフリカ アンゴラ オヴィンブンド王国群
0%
キブラ ? - ? 南アフリカ アンゴラ オヴィンブンド王国群
0%
ンドゥル王国 ? - ? 南アフリカ アンゴラ オヴィンブンド王国群
0%
キンゴロ ? - 1770年/? 南アフリカ アンゴラ オヴィンブンド王国群
0%
カルケンベ 1740年 - ? 南アフリカ アンゴラ オヴィンブンド王国群
0%
サンブ王国 ? - ? 南アフリカ アンゴラ オヴィンブンド王国群
0%
エケケテ ? - ? 南アフリカ アンゴラ オヴィンブンド王国群
0%
カコンダ ? - ? 南アフリカ アンゴラ オヴィンブンド王国群
0%
キタタ ? - ? 南アフリカ アンゴラ オヴィンブンド王国群
0%
ベンゲラ王国 16世紀頃 - 1615年/現在 南アフリカ アンゴラ
0%
ポルトガル領アンゴラ 1575年 - 1975年 南アフリカ アンゴラ
0%
カサンジェ王国 1620年 - 1910年/現在 南アフリカ アンゴラ
0%
オランダ領ロアンゴ=アンゴラ 1641年 - 1648年 南アフリカ アンゴラ
0%
ソヨ 1650年 - ? 南アフリカ アンゴラ
0%
ムブウィラ 17世紀頃 - ? 南アフリカ アンゴラ
0%
ポルトガル保護領コンゴ 1885年 - 1951年 南アフリカ アンゴラ
0%
アンゴラ人民共和国 1975年 - 1992年 南アフリカ アンゴラ
0%
アンゴラ民主人民共和国 1975年 - 2002年 南アフリカ アンゴラ
0%
カビンダ共和国 1975年 - 1976年、1999年 南アフリカ アンゴラ
0%
ンゴンデ王国 1600年 - ? 南アフリカ マラウイ
0%
スクワ王国 ? - ? 南アフリカ マラウイ
0%
ンカマンガ王国 18世紀頃 - ? 南アフリカ マラウイ
0%
トゥンブカ王国 1805年 - 1891年/現在 南アフリカ マラウイ
0%
ンコタコタ・スルタン国 1840年 - 1894年 南アフリカ マラウイ
0%
イギリス中央アフリカ保護領 1893年 - 1907年 南アフリカ マラウイ
0%
ニヤサランド 1907年 - 1964年 南アフリカ マラウイ
0%
マラウイ 1964年 - 1966年 南アフリカ マラウイ
0%
チフングウェ王国 ? - ? 南アフリカ ザンビア ングルベ王国群
0%
バロツェランド王国 16世紀頃 - 1891年 南アフリカ ザンビア
0%
北ローデシア 1911年 - 1964年 南アフリカ ザンビア
0%
オンドンガ 1650年 - ?/現在 南アフリカ ナミビア オバンボの王国群
0%
ウクワンヤマ? - ? 南アフリカ ナミビア オバンボの王国群
0%
オンガンエラ ? - ?/現在 南アフリカ ナミビア オバンボの王国群
0%
ウクワルーディ 1850年 - ?/現在 南アフリカ ナミビア オバンボの王国群
0%
ウクワンビ ? - ? 南アフリカ ナミビア オバンボの王国群
0%
ウコロンカヒ ? - ? 南アフリカ ナミビア オバンボの王国群
0%
オンバジャ ? - ? 南アフリカ ナミビア オバンボの王国群
0%
ウタピ ? - ? 南アフリカ ナミビア オバンボの王国群
0%
オカバンゴ ? - ? 南アフリカ ナミビア カバンゴの王国群
0%
ギリク 1785年 - ?/現在 南アフリカ ナミビア カバンゴの王国群
0%
ムブクシュ ? - ? 南アフリカ ナミビア カバンゴの王国群
0%
シャンビュ ? - ? 南アフリカ ナミビア カバンゴの王国群
0%
ムブンザ ? - ? 南アフリカ ナミビア カバンゴの王国群
0%
ウクワンガリ ? - ? 南アフリカ ナミビア カバンゴの王国群
0%
レホボス自由共和国 1876年 - 1884年 南アフリカ ナミビア
0%
ドイツ領南西アフリカ 1884年 - 1915年 南アフリカ ナミビア
0%
南西アフリカ 1915年 - 1990年 南アフリカ ナミビア
0%
ングワケツェ 1750年 - 1885年/現在 南アフリカ ボツワナ ツワナ王国群
0%
バロロン 1760年 - 1885年/現在 南アフリカ ボツワナ ツワナ王国群
0%
ングワト 1780年 - 1885年/現在 南アフリカ ボツワナ ツワナ王国群
0%
トロクワ 1780年 - 1885年/現在 南アフリカ ボツワナ ツワナ王国群
0%
タワナ 1795年 - 1885年/現在 南アフリカ ボツワナ ツワナ王国群
0%
バツルハピン 18世紀頃 - ? 南アフリカ ボツワナ ツワナ王国群
0%
バレテ 1805年 - 1885年/現在 南アフリカ ボツワナ ツワナ王国群
0%
ベチュアナランド 1885年 - 1966年 南アフリカ ボツワナ
0%
バストランド 1884年 - 1966年 南アフリカ レソト
0%
スワジ王国 19世紀頃 - 1902年/現在 南アフリカ エスワティニ
0%
トランスカイ 1963年 - 1994年 南アフリカ バントゥースタン
0%
ヘレロランド 1968年 - 1989年 南アフリカ バントゥースタン
0%
オバンボ自治国 1968年 - 1989年 南アフリカ バントゥースタン
0%
カバンゴ自治国 1970年 - 1989年 南アフリカ バントゥースタン
0%
ボプタツワナ 1972年 - 1994年 南アフリカ バントゥースタン
0%
レボワ 1972年 - 1994年 南アフリカ バントゥースタン
0%
東カプリビ自治国 1972年 - 1989年 南アフリカ バントゥースタン
0%
ガザンクル 1973年 - 1994年 南アフリカ バントゥースタン
0%
クワクワ 1974年 - 1994年 南アフリカ バントゥースタン
0%
ナマランド 1976年 - 1989年 南アフリカ バントゥースタン
0%
クワズールー 1977年 - 1994年 南アフリカ バントゥースタン
0%
ヴェンダ 1979年 - 1994年 南アフリカ バントゥースタン
0%
バスターランド 1979年 - 1989年 南アフリカ バントゥースタン
0%
ダマラランド 1980年 - 1989年 南アフリカ バントゥースタン
0%
ツワナランド 1980年 - 1989年 南アフリカ バントゥースタン
0%
シスカイ 1981年 - 1994年 南アフリカ バントゥースタン
0%
クワンデベレ 1981年 - 1994年 南アフリカ バントゥースタン
0%
カングワネ 1984年 - 1994年 南アフリカ バントゥースタン
0%
アッパーカナダ 1791年 - 1841年 北アメリカ カナダ
0%
ローワーカナダ 1791年 - 1841年 北アメリカ カナダ
0%
ニューファンドランド 1907年 - 1949年 北アメリカ カナダ
0%
スペイン領フロリダ 1513年 - 1821年 北アメリカ アメリカ
0%
ヌーベルフランス 1534年 - 1763年 北アメリカ アメリカ
0%
フランス領ルイジアナ 北アメリカ アメリカ
0%
ニュースウェーデン 1638年 - 1655年 北アメリカ アメリカ
0%
ニューネーデルランド 1614年 - 1674年 北アメリカ アメリカ
0%
ニューアムステルダム 1653年 - 1674年 北アメリカ アメリカ
0%
マサチューセッツ湾植民地 1629年 - 1692年 北アメリカ アメリカ
0%
バーモント共和国 1777年 - 1791年 北アメリカ アメリカ
0%
マスコギー国 1777年 - 1803年 北アメリカ アメリカ
0%
ロシア領アメリカ 1799年 - 1867年 北アメリカ アメリカ
0%
西フロリダ共和国 1810年 北アメリカ アメリカ
0%
インディアン・ストリーム共和国 1832年 - 1835年 北アメリカ アメリカ
0%
カリフォルニア共和国 1846年 北アメリカ アメリカ
0%
デザレット州 1849年 - 1850年 北アメリカ アメリカ
0%
プエルトリコ共和国 1868年、1898年 北アメリカ アメリカ
0%
テオティワカン 紀元前2世紀 - 6世紀 北アメリカ 先コロンブス期
0%
ショチカルコ 650年 - 900年 北アメリカ 先コロンブス期
0%
トルテカ帝国 7世紀頃 - 12世紀頃 北アメリカ 先コロンブス期
0%
テスココ王国 ? - ? 北アメリカ 先コロンブス期
0%
タラスカ王国 ? - ? 北アメリカ 先コロンブス期
0%
トラスカラ王国 ? - ? 北アメリカ 先コロンブス期
0%
キチェー王国 ? - ? 北アメリカ 先コロンブス期
0%
ヌエバ・エスパーニャ副王領 1519年 - 1821年 北アメリカ メキシコ
0%
メキシコ第一帝政 1821年 - 1823年 北アメリカ メキシコ
0%
メキシコ第二帝政 1864年 - 1867年 北アメリカ メキシコ
0%
ユカタン第一共和国 1823年 北アメリカ メキシコ
0%
ユカタン第二共和国 1841年 - 1848年 北アメリカ メキシコ
0%
メキシコ合衆国 1824年 - 1835年 北アメリカ メキシコ
0%
リオグランデ共和国 1840年 北アメリカ メキシコ
0%
グアテマラ総督領 1541年 - 1821年 北アメリカ 中央アメリカ
0%
イギリス領ホンジュラス 1783年 - 1981年 北アメリカ 中央アメリカ
0%
中央アメリカ連邦共和国 1823年 - 1839年 北アメリカ 中央アメリカ
0%
ベルギー領サント・トマス 1843年 - 1854年 北アメリカ 中央アメリカ
0%
中央アメリカ大共和国 1896年 - 1898年 北アメリカ 中央アメリカ
0%
ロスアルトス共和国 1838年 - 1840年 北アメリカ 中央アメリカ
0%
ソノラ共和国 北アメリカ 中央アメリカ
0%
パナマ運河地帯 1903年 - 1979年 北アメリカ 中央アメリカ
0%
アイレク共和国 1995年 北アメリカ 中央アメリカ
0%
サン=ドマング 1625年 - 1804年 北アメリカ カリブ海地域
0%
海賊共和国 1706年 - 1718年 北アメリカ カリブ海地域
0%
ハイチ帝国 1804年 - 1806年 北アメリカ カリブ海地域
0%
ハイチ国 1806年 - 1811年 北アメリカ カリブ海地域
0%
ハイチ帝国 1849年 - 1859年 北アメリカ カリブ海地域
0%
アンギラ共和国 1967年 - 1969年 北アメリカ カリブ海地域
0%
チムー王国 850年頃 - 1470年頃 南アメリカ 先コロンブス期
0%
クスコ王国 1197年 - 1438年 南アメリカ 先コロンブス期
0%
ヌエバ・グラナダ副王領 1717年 - 1810年 南アメリカ コロンビア・エクアドル
0%
クンディナマルカ共和国 1810年 - 1815年 南アメリカ コロンビア・エクアドル
0%
カルタヘナ共和国 1811年 - 1815年 南アメリカ コロンビア・エクアドル
0%
ヌエバ・グラナダ連合州 1810年 - 1816年 南アメリカ コロンビア・エクアドル
0%
ベネズエラ第一共和国 1810年 - 1812年 南アメリカ コロンビア・エクアドル
0%
ベネスエラ第二共和国 1813年 - 1814年 南アメリカ コロンビア・エクアドル
0%
ベネスエラ第三共和国 1817年 - 1819年 南アメリカ コロンビア・エクアドル
0%
大コロンビア 1819年 - 1831年 南アメリカ コロンビア・エクアドル
0%
ヌエバ・グラナダ共和国 1831年 - 1858年 南アメリカ コロンビア・エクアドル
0%
グラナダ連合 1858年 - 1863年 南アメリカ コロンビア・エクアドル
0%
コロンビア合衆国 1863年 - 1886年 南アメリカ コロンビア・エクアドル
0%
英領ガイアナ 1831年 - 1966年 南アメリカ ギアナ地方
0%
オランダ領スリナム ? - ? 南アメリカ ギアナ地方
0%
ペルー副王領 1542年 - 1824年 南アメリカ ペルー・ボリビア
0%
北ペルー共和国 1836年 - 1839年 南アメリカ ペルー・ボリビア
0%
南ペルー共和国 1836年 - 1839年 南アメリカ ペルー・ボリビア
0%
ペルー・ボリビア連合 1836年 - 1839年 南アメリカ ペルー・ボリビア
0%
リオ・デ・ラ・プラタ副王領 1776年 - 1814年 南アメリカ アルゼンチン
0%
リオ・デ・ラ・プラタ諸州連合 1810年 - 1831年 南アメリカ アルゼンチン
0%
東方州 ? - ? 南アメリカ アルゼンチン
0%
連邦同盟 1814年 - 1820年 南アメリカ アルゼンチン
0%
エントレ・リオス共和国 1820年 - 1821年 南アメリカ アルゼンチン
0%
アルゼンチン連合 1835年 - 1860年 南アメリカ アルゼンチン
0%
リオグラデンセ共和国 ? - ? 南アメリカ アルゼンチン
0%
ジュリアナ共和国 ? - ? 南アメリカ アルゼンチン
0%
チリ社会主義共和国 1932年 南アメリカ アルゼンチン
0%
ポルトガル領ブラジル 1500年 - 1808年 南アメリカ ブラジル
0%
オランダ領ブラジル 1830年 - 1854年 南アメリカ ブラジル
0%
ポルトガル・ブラジル及びアルガルヴェ連合王国 1815年 - 1825年 南アメリカ ブラジル
0%
フランス領クナニ 1886年 - 1887年 南アメリカ ブラジル
0%
ブラジル合衆国 1889年 - 1930年 南アメリカ ブラジル
0%
トリニダード公国 1893年 - 1895年 南アメリカ ブラジル
0%
アクレ共和国 1899年 - 1903年 南アメリカ ブラジル
0%
アラウカニア・パタゴニア王国 1860年 - 1862年 南アメリカ チリ
0%
ハワイ共和国 1894年 - 1898年 オセアニア オセアニア
0%
アベママ王国 1840年頃 - 1892年 オセアニア オセアニア
0%
トンガ大首長国 ? - ? オセアニア オセアニア
0%
ラロトンガ王国 1858年 - 1893年 オセアニア オセアニア
0%
バウ王国 1867年 - 1871年 オセアニア オセアニア
0%
ラウ王国 1867年 - 1871年 オセアニア オセアニア
0%
ギルバートおよびエリス諸島 1892年 - 1976年 オセアニア オセアニア
0%
共同統治領ニューヘブリディーズ 1906年 - 1980年 オセアニア オセアニア
0%
ニュー・サウス・ウェールズ植民地 1788年 - 1900年 オセアニア オセアニア
0%
スワン川植民地 1829年 - 1833年 オセアニア オセアニア
0%
クイーンズランド植民地 1859年 - 1901年 オセアニア オセアニア
0%
イギリス領ニュージーランド 1841年 - 1907年 オセアニア オセアニア
0%
ニュージーランド自治領 1907年 - 1947年 オセアニア オセアニア
0%
ドイツ領ニューギニア 1884年 - 1919年 オセアニア オセアニア
0%
ニューギニア 1914年 - 1975年 オセアニア オセアニア
0%
オランダ領ニューギニア 1945年 - 1962年 オセアニア オセアニア
0%
西パプア共和国 1961年 - 1969年 オセアニア オセアニア
0%
南洋諸島 1919年 - 1947年 オセアニア オセアニア
0%
太平洋諸島信託統治領 1947年 - 1994年 オセアニア オセアニア
0%
タンナ国 1974年 オセアニア オセアニア
0%
バヌアツ人民暫定政府 1977年 - 1978年 オセアニア オセアニア
0%
ベマラナ共和国 1980年 オセアニア オセアニア
0%
タフェア国 1980年 オセアニア オセアニア
0%
カナキー共和国 1984年 オセアニア オセアニア
0%
ロツマ共和国 1987年 - 1988年 オセアニア オセアニア
0%
第1次広東政府 1917年 - 1920年 東アジア 中国大陸 中華民国
0%
エジプト第1中間期 紀元前2181年 - 紀元前2040年 北アフリカ エジプト
0%
17州 1384年 - 1588年 西ヨーロッパ オランダ
0%
第2次広東政府 1921年 - 1922年 東アジア 中国大陸 中華民国
0%
エジプト第2中間期 紀元前1663年 - 紀元前1570年 北アフリカ エジプト
0%
第3次広東政府 1923年 - 1925年 東アジア 中国大陸 中華民国
0%
エジプト第3中間期 紀元前1077年 - 紀元前525年 北アフリカ エジプト
0%
第4次広東政府 1925年 - 1926年 東アジア 中国大陸 中華民国
0%
第5次広東政府 1931年 - 1936年 東アジア 中国大陸 中華民国
0%
Buhweju王国 18世紀頃 - 1901年 東アフリカ ウガンダ
0%
Guingemaro 17世紀頃まで 東アフリカ マダガスカル
0%
#REF! 南アフリカ アンゴラ
0%
No matching quizzes found
Score Distribution
Percent of People with Each Score
Percentile by Number Answered
Your Score History
You have not taken this quiz